{"text_format":"3","workbook":"xlsx","n_sheets":1,"sheets":["listino"],"not_rendered":{"images":1,"defined_names":1},"read":"whole","date_system":"1900"}

{"sheet":"listino","index":0,"n_rows":527,"n_cols":32,"rows_kept":527,"merged":[[2,17,2,23],[2,24,2,29],[3,17,3,19],[3,21,3,23],[3,24,3,25],[3,26,3,29]]}
[]
[{"$nulls":4},"Price List_ January 2026"]
[{"$nulls":17},"IMBALLI SU PALLET - PALLET PACKAGING",{"$nulls":6},"IMBALLI SU CASSA- CRATE PACKAGING"]
[]
["Espr. Design","Serie Collection","Tipo \nType","TP form","Formato \nSize","Superficie \nSurface",null,"Cod. ","Descrizione \nDescription","sp/th","cod EAN","cod DOGANA","GL/UGL","UM","PRICE LIST 2026","scheda","Imballo \nPackaging","pz/pc","ml","m2","Kg","Sc/Bxs","m2","Kg","m2","Kg","vuota empty Kg","nr slabs","m2","piena full Kg","Note","Effetto Estetico\nAesthetic effect"]
["CEDIT","ARALDICA","SL","Decori              ","120X240 SP.6MM","GLOSSY",null,763506,"ARALDICA BASE BLU GLO 6MM 120X240 R","6,0000","8032842220515","69072100","UGL","M2",{"v":424,"d":"424.00"},null,"Cassa cm 136x263xh34",{"$nulls":7},2.88,41.702,107,18,51.84,860]
["CEDIT","ARALDICA","SL","Decori              ","120X240 SP.6MM","GLOSSY",null,763507,"ARALDICA BASE AZZURRO GLO 6MM 120X240 R","6,0000","8032842220522","69072100","UGL","M2",{"v":424,"d":"424.00"},null,"Cassa cm 136x263xh34",{"$nulls":7},2.88,41.702,107,18,51.84,860]
["CEDIT","ARALDICA","SL","Decori              ","120X240 SP.6MM","GLOSSY",null,763508,"ARALDICA BASE GRIGIO GLO 6MM 120X240 R","6,0000","8032842220539","69072100","UGL","M2",{"v":424,"d":"424.00"},null,"Cassa cm 136x263xh34",{"$nulls":7},2.88,41.702,107,18,51.84,860]
["CEDIT","ARALDICA","SL","Decori              ","120X240 SP.6MM","GLOSSY",null,763509,"ARALDICA BASE CORALLO GLO 6MM 120X240 R","6,0000","8032842220546","69072100","UGL","M2",{"v":424,"d":"424.00"},null,"Cassa cm 136x263xh34",{"$nulls":7},2.88,41.702,107,18,51.84,860]
["CEDIT","ARALDICA","SL","Decori              ","120X240 SP.6MM","GLOSSY",null,763510,"ARALDICA BLAS.BLU GLO 6MM 120X240 R","6,0000","8032842220454","69072100","UGL","M2",{"v":424,"d":"424.00"},null,"Cassa cm 136x263xh34",{"$nulls":7},2.88,41.702,107,18,51.84,860]
["CEDIT","ARALDICA","SL","Decori              ","120X240 SP.6MM","GLOSSY",null,763511,"ARALDICA BLAS.AZZURRO GLO 6MM 120X240 R","6,0000","8032842220553","69072100","UGL","M2",{"v":424,"d":"424.00"},null,"Cassa cm 136x263xh34",{"$nulls":7},2.88,41.702,107,18,51.84,860]
["CEDIT","ARALDICA","SL","Decori              ","120X240 SP.6MM","GLOSSY",null,763512,"ARALDICA BLAS.GRIGIO GLO 6MM 120X240 R","6,0000","8032842220560","69072100","UGL","M2",{"v":424,"d":"424.00"},null,"Cassa cm 136x263xh34",{"$nulls":7},2.88,41.702,107,18,51.84,860]
["CEDIT","ARALDICA","SL","Decori              ","120X240 SP.6MM","GLOSSY",null,763513,"ARALDICA BLAS.CORALLO GLO 6MM 120X240 R","6,0000","8032842220461","69072100","UGL","M2",{"v":424,"d":"424.00"},null,"Cassa cm 136x263xh34",{"$nulls":7},2.88,41.702,107,18,51.84,860]
["CEDIT","ARALDICA","SL","Decori              ","120X240 SP.6MM","GLOSSY",null,763514,"ARALDICA TRIANG.BLU GLO 6MM 120X240 R","6,0000","8032842220478","69072100","UGL","M2",{"v":424,"d":"424.00"},null,"Cassa cm 136x263xh34",{"$nulls":7},2.88,41.702,107,18,51.84,860]
["CEDIT","ARALDICA","SL","Decori              ","120X240 SP.6MM","GLOSSY",null,763515,"ARALDICA TRIANG.AZZURRO GLO 6MM 120X240R","6,0000","8032842220485","69072100","UGL","M2",{"v":424,"d":"424.00"},null,"Cassa cm 136x263xh34",{"$nulls":7},2.88,41.702,107,18,51.84,860]
["CEDIT","ARALDICA","SL","Decori              ","120X240 SP.6MM","GLOSSY",null,763516,"ARALDICA TRIANG.GRIGIO GLO 6MM 120X240 R","6,0000","8032842220492","69072100","UGL","M2",{"v":424,"d":"424.00"},null,"Cassa cm 136x263xh34",{"$nulls":7},2.88,41.702,107,18,51.84,860]
["CEDIT","ARALDICA","SL","Decori              ","120X240 SP.6MM","GLOSSY",null,763517,"ARALDICA TRIANG.CORALLO GLO 6MM 120X240R","6,0000","8032842220508","69072100","UGL","M2",{"v":424,"d":"424.00"},null,"Cassa cm 136x263xh34",{"$nulls":7},2.88,41.702,107,18,51.84,860]
["CEDIT","ARALDICA","SL","Decori              ","120X240 SP.6MM","MATT - NATURALE",null,763518,"ARALDICA CEM.BLAS.ZAFFI MAT 6MM 120X240R","6,0000","8032842224513","69072100","GL","M2",{"v":424,"d":"424.00"},null,"Cassa cm 136x263xh34",{"$nulls":7},2.88,41.702,107,20,57.6,940]
["CEDIT","ARALDICA","SL","Decori              ","120X240 SP.6MM","MATT - NATURALE",null,763519,"ARALDICA CEM.BLAS.SMERA MAT 6MM 120X240R","6,0000","8032842224520","69072100","GL","M2",{"v":424,"d":"424.00"},null,"Cassa cm 136x263xh34",{"$nulls":7},2.88,41.702,107,20,57.6,940]
["CEDIT","ARALDICA","SL","Decori              ","120X240 SP.6MM","MATT - NATURALE",null,763520,"ARALDICA CEM.BLAS.ROSA MAT 6MM 120X240 R","6,0000","8032842224537","69072100","GL","M2",{"v":424,"d":"424.00"},null,"Cassa cm 136x263xh34",{"$nulls":7},2.88,41.702,107,20,57.6,940]
["CEDIT","ARALDICA","SL","Decori              ","120X240 SP.6MM","MATT - NATURALE",null,763521,"ARALDICA CEM.BLAS.SENAP MAT 6MM 120X240R","6,0000","8032842224544","69072100","GL","M2",{"v":424,"d":"424.00"},null,"Cassa cm 136x263xh34",{"$nulls":7},2.88,41.702,107,20,57.6,940]
["CEDIT","ARALDICA","SL","Decori              ","120X240 SP.6MM","MATT - NATURALE",null,763522,"ARALDICA CEM.BLAS.PERLA MAT 6MM 120X240R","6,0000","8032842224551","69072100","GL","M2",{"v":424,"d":"424.00"},null,"Cassa cm 136x263xh34",{"$nulls":7},2.88,41.702,107,20,57.6,940]
["CEDIT","ARALDICA","SL","Fondi","120X120 SP.6MM","MATT - NATURALE",null,763525,"ARALDICA CEMENTO MAT 6MM 120X120 R","6,0000","8032842238435","69072100","UGL","M2",{"v":98,"d":"98.00"},null,"Cassa cm 135x144h65(120x120)",{"$nulls":7},2.88,41.702,80,24,69.12,1080]
["CEDIT","ARALDICA","SL","Fondi","120X240 SP.6MM","MATT - NATURALE",null,763523,"ARALDICA CEMENTO MAT 6MM 120X240 R","6,0000","8032842238442","69072100","UGL","M2",{"v":113,"d":"113.00"},null,"Cassa cm 136x263xh34",{"$nulls":7},2.88,41.702,107,20,57.6,940]
["CEDIT","ARALDICA","SL","Fondi","60X120 SP.6MM","MATT - NATURALE",null,763526,"ARALDICA CEMENTO MAT 6MM 60X120 R","6,0000","8032842238428","69072100","UGL","M2",{"v":95,"d":"95.00"},null,"Epal dim. 80x120",3,0,2.16,{"v":31.277,"d":"31.28"},30,64.8,960]
["CEDIT","ARALDICA","SL","Pezzi Speciali      ","4,6X60 BS SP.6MM","MATT - NATURALE",null,763527,"ARALDICA CEMENTO MAT 6MM BS 4,6X60","6,0000","8032842231511","69074000","UGL","M",{"v":18.5,"d":"18.50"},null,"Epal dim. 80x120",24,14.4,{"v":1.104,"d":"1.10"},8.64,80,88.32,1180]
["CEDIT","ARCHEOLOGIE","SL","Decori              ","120X240 SP.6MM","MATT - NATURALE",null,752554,"ARCHEOLOGIE A 6MM 120X240 RET","6,0000","8032842168237","69072100","UGL","M2",{"v":309,"d":"309.00"},null,"Cassa cm 136x263xh34",{"$nulls":7},2.88,41.702,107,20,57.6,940]
["CEDIT","ARCHEOLOGIE","SL","Decori              ","120X240 SP.6MM","MATT - NATURALE",null,753901,"ARCHEOLOGIE B 6MM 120X240 RET","6,0000","8032842177161","69072100","UGL","M2",{"v":309,"d":"309.00"},null,"Cassa cm 136x263xh34",{"$nulls":7},2.88,41.702,107,20,57.6,940]
["CEDIT","ARCHEOLOGIE","SL","Decori              ","120X240 SP.6MM","MATT - NATURALE",null,753902,"ARCHEOLOGIE C 6MM 120X240 RET","6,0000","8032842177178","69072100","UGL","M2",{"v":309,"d":"309.00"},null,"Cassa cm 136x263xh34",{"$nulls":7},2.88,41.702,107,20,57.6,940]
["CEDIT","ARCHEOLOGIE","SL","Decori              ","120X240 SP.6MM","MATT - NATURALE",null,753903,"ARCHEOLOGIE D 6MM 120X240 RET","6,0000","8032842177185","69072100","UGL","M2",{"v":309,"d":"309.00"},null,"Cassa cm 136x263xh34",{"$nulls":7},2.88,41.702,107,20,57.6,940]
["CEDIT","ARCHEOLOGIE","SL","Fondi","120X120 SP.6MM","MATT - NATURALE",null,752546,"ARCHEOLOGIE GRIGIO 6MM 120X120 RET","6,0000","8032842172937","69072100","UGL","M2",{"v":98,"d":"98.00"},null,"Cassa cm 135x144h65(120x120)",{"$nulls":7},2.88,41.702,80,24,69.12,1080]
["CEDIT","ARCHEOLOGIE","SL","Fondi","120X120 SP.6MM","MATT - NATURALE",null,752547,"ARCHEOLOGIE BIANCO 6MM 120X120 RET","6,0000","8032842172920","69072100","UGL","M2",{"v":98,"d":"98.00"},null,"Cassa cm 135x144h65(120x120)",{"$nulls":7},2.88,41.702,80,24,69.12,1080]
["CEDIT","ARCHEOLOGIE","SL","Fondi","120X240 SP.6MM","MATT - NATURALE",null,752133,"ARCHEOLOGIE GRIGIO 6MM 120X240 RET","6,0000","8032842173040","69072100","UGL","M2",{"v":113,"d":"113.00"},null,"Cassa cm 136x263xh34",{"$nulls":7},2.88,41.702,107,20,57.6,940]
["CEDIT","ARCHEOLOGIE","SL","Fondi","120X240 SP.6MM","MATT - NATURALE",null,752438,"ARCHEOLOGIE BIANCO 6MM 120X240 RET","6,0000","8032842172944","69072100","UGL","M2",{"v":113,"d":"113.00"},null,"Cassa cm 136x263xh34",{"$nulls":7},2.88,41.702,107,20,57.6,940]
["CEDIT","ARCHEOLOGIE","SL","Fondi","60X120 SP.6MM","MATT - NATURALE",null,752548,"ARCHEOLOGIE GRIGIO 6MM 60X120 RET","6,0000","8032842172913","69072100","UGL","M2",{"v":95,"d":"95.00"},null,"Epal dim. 80x120",3,0,2.16,{"v":31.277,"d":"31.28"},30,64.8,960]
["CEDIT","ARCHEOLOGIE","SL","Fondi","60X120 SP.6MM","MATT - NATURALE",null,752549,"ARCHEOLOGIE BIANCO 6MM 60X120 RET","6,0000","8032842172906","69072100","UGL","M2",{"v":95,"d":"95.00"},null,"Epal dim. 80x120",3,0,2.16,{"v":31.277,"d":"31.28"},30,64.8,960]
["CEDIT","ARCHEOLOGIE","SL","Pezzi Speciali      ","4,6X60 BS SP.6MM","MATT - NATURALE",null,752550,"ARCHEOLOGIE GRIGIO 6MM 4,6X60 BS","6,0000","8032842170629","69074000","UGL","M",{"v":18.5,"d":"18.50"},null,"Epal dim. 80x120",24,14.4,{"v":1.104,"d":"1.10"},8.64,80,88.32,1180]
["CEDIT","ARCHEOLOGIE","SL","Pezzi Speciali      ","4,6X60 BS SP.6MM","MATT - NATURALE",null,752551,"ARCHEOLOGIE BIANCO 6MM 4,6X60 BS","6,0000","8032842170612","69074000","UGL","M",{"v":18.5,"d":"18.50"},null,"Epal dim. 80x120",24,14.4,{"v":1.104,"d":"1.10"},8.64,80,88.32,1180]
["CEDIT","CHIMERA","SL","Decori              ","120X240 SP.6MM","GLOSSY",null,769433,"CHIMERA DEC.EMP.BIANCO GLO 6MM 120X240R","6,0000","8032842247352","69072100","UGL","M2",{"v":424,"d":"424.00"},null,"Cassa cm 136x263xh34",{"$nulls":7},2.88,41.702,107,18,51.84,860]
["CEDIT","CHIMERA","SL","Decori              ","120X240 SP.6MM","GLOSSY",null,769437,"CHIMERA DEC.EMP.NERO GLO 6MM 120X240R","6,0000","8032842247338","69072100","UGL","M2",{"v":424,"d":"424.00"},null,"Cassa cm 136x263xh34",{"$nulls":7},2.88,41.702,107,18,51.84,860]
["CEDIT","CHIMERA","SL","Decori              ","120X240 SP.6MM","MATT - NATURALE",null,769434,"CHIMERA DEC.EMP.BIANCO MAT 6MM 120X240R","6,0000","8032842247345","69072100","UGL","M2",{"v":298,"d":"298.00"},null,"Cassa cm 136x263xh34",{"$nulls":7},2.88,41.702,107,18,51.84,860]
["CEDIT","CHIMERA","SL","Decori              ","120X240 SP.6MM","MATT - NATURALE",null,769438,"CHIMERA DEC.EMP.NERO MAT 6MM 120X240R","6,0000","8032842247321","69072100","UGL","M2",{"v":298,"d":"298.00"},null,"Cassa cm 136x263xh34",{"$nulls":7},2.88,41.702,107,18,51.84,860]
["CEDIT","CHIMERA","SL","Decori              ","120X240 SP.6MM","MATT - NATURALE",null,769439,"CHIMERA DEC.RAD.BEIGE MAT 6MM 120X240R","6,0000","8032842247314","69072100","UGL","M2",{"v":298,"d":"298.00"},null,"Cassa cm 136x263xh34",{"$nulls":7},2.88,41.702,107,18,51.84,860]
["CEDIT","CHIMERA","SL","Decori              ","120X240 SP.6MM","MATT - NATURALE",null,769440,"CHIMERA DEC.RAD.GRIGIO MAT 6MM 120X240R","6,0000","8032842247307","69072100","UGL","M2",{"v":298,"d":"298.00"},null,"Cassa cm 136x263xh34",{"$nulls":7},2.88,41.702,107,18,51.84,860]
["CEDIT","CHIMERA","SL","Decori              ","120X240 SP.6MM","MATT - NATURALE",null,769441,"CHIMERA DEC.RITMO BEIGE MAT 6MM 120X240R","6,0000","8032842247291","69072100","UGL","M2",{"v":298,"d":"298.00"},null,"Cassa cm 136x263xh34",{"$nulls":7},2.88,41.702,107,18,51.84,860]
["CEDIT","CHIMERA","SL","Decori              ","120X240 SP.6MM","MATT - NATURALE",null,769442,"CHIMERA DEC.RIT.AZZUR MAT 6MM 120X240R","6,0000","8032842247284","69072100","UGL","M2",{"v":298,"d":"298.00"},null,"Cassa cm 136x263xh34",{"$nulls":7},2.88,41.702,107,18,51.84,860]
["CEDIT","CHIMERA","SL","Decori              ","120X240 SP.6MM","MATT - NATURALE",null,769443,"CHIMERA DEC.COL.BIANCO MAT 6MM 120X240R","6,0000","8032842247277","69072100","UGL","M2",{"v":298,"d":"298.00"},null,"Cassa cm 136x263xh34",{"$nulls":7},2.88,41.702,107,18,51.84,860]
["CEDIT","CHIMERA","SL","Decori              ","120X240 SP.6MM","MATT - NATURALE",null,769444,"CHIMERA DEC.COL. GRIGIO MAT 6MM 120X240R","6,0000","8032842247260","69072100","UGL","M2",{"v":298,"d":"298.00"},null,"Cassa cm 136x263xh34",{"$nulls":7},2.88,41.702,107,18,51.84,860]
["CEDIT","CHIMERA","SL","Decori              ","60X120 SP.6MM","GLOSSY",null,769480,"CHIMERA DEC.EMP.BIANCO GLO 6MM 60X120R","6,0000","8032842247253","69072100","UGL","M2",{"v":424,"d":"424.00"},null,"Epal dim. 80x120",2,0,1.44,{"v":20.851,"d":"20.85"},20,28.8,440]
["CEDIT","CHIMERA","SL","Decori              ","60X120 SP.6MM","GLOSSY",null,769482,"CHIMERA DEC.EMP.NERO GLO 6MM 60X120R","6,0000","8032842247239","69072100","UGL","M2",{"v":424,"d":"424.00"},null,"Epal dim. 80x120",2,0,1.44,{"v":20.851,"d":"20.85"},20,28.8,440]
["CEDIT","CHIMERA","SL","Decori              ","60X120 SP.6MM","MATT - NATURALE",null,769481,"CHIMERA DEC.EMP.BIANCO MAT 6MM 60X120R","6,0000","8032842247246","69072100","UGL","M2",{"v":298,"d":"298.00"},null,"Epal dim. 80x120",2,0,1.44,{"v":20.851,"d":"20.85"},20,28.8,440]
["CEDIT","CHIMERA","SL","Decori              ","60X120 SP.6MM","MATT - NATURALE",null,769483,"CHIMERA DEC.EMP.NERO MAT 6MM 60X120R","6,0000","8032842247222","69072100","UGL","M2",{"v":298,"d":"298.00"},null,"Epal dim. 80x120",2,0,1.44,{"v":20.851,"d":"20.85"},20,28.8,440]
["CEDIT","CHIMERA","SL","Decori              ","60X120 SP.6MM","MATT - NATURALE",null,769484,"CHIMERA DEC.RADICI BEIGE MAT 6MM 60X120R","6,0000","8032842247215","69072100","UGL","M2",{"v":298,"d":"298.00"},null,"Epal dim. 80x120",2,0,1.44,{"v":20.851,"d":"20.85"},20,28.8,440]
["CEDIT","CHIMERA","SL","Decori              ","60X120 SP.6MM","MATT - NATURALE",null,769489,"CHIMERA DEC.RADICI GRIGIO MAT6MM 60X120R","6,0000","8032842247208","69072100","UGL","M2",{"v":298,"d":"298.00"},null,"Epal dim. 80x120",2,0,1.44,{"v":20.851,"d":"20.85"},20,28.8,440]
["CEDIT","CHIMERA","SL","Decori              ","60X120 SP.6MM","MATT - NATURALE",null,769490,"CHIMERA DEC.RITMO BEIGE A MAT6MM 60X120R","6,0000","8032842247192","69072100","UGL","M2",{"v":298,"d":"298.00"},null,"Epal dim. 80x120",2,0,1.44,{"v":20.851,"d":"20.85"},20,28.8,440]
["CEDIT","CHIMERA","SL","Decori              ","60X120 SP.6MM","MATT - NATURALE",null,769491,"CHIMERA DEC.RITMO BEIGE B MAT6MM 60X120R","6,0000","8032842247185","69072100","UGL","M2",{"v":298,"d":"298.00"},null,"Epal dim. 80x120",2,0,1.44,{"v":20.851,"d":"20.85"},20,28.8,440]
["CEDIT","CHIMERA","SL","Decori              ","60X120 SP.6MM","MATT - NATURALE",null,769492,"CHIMERA DEC.RIT.AZZURRO A MAT6MM 60X120R","6,0000","8032842247178","69072100","UGL","M2",{"v":298,"d":"298.00"},null,"Epal dim. 80x120",2,0,1.44,{"v":20.851,"d":"20.85"},20,28.8,440]
["CEDIT","CHIMERA","SL","Decori              ","60X120 SP.6MM","MATT - NATURALE",null,769493,"CHIMERA DEC.RIT.AZZURRO B MAT6MM 60X120R","6,0000","8032842247161","69072100","UGL","M2",{"v":298,"d":"298.00"},null,"Epal dim. 80x120",2,0,1.44,{"v":20.851,"d":"20.85"},20,28.8,440]
["CEDIT","CHIMERA","SL","Decori              ","60X120 SP.6MM","MATT - NATURALE",null,769494,"CHIMERA DEC.COLORE BIANCO MAT6MM 60X120R","6,0000","8032842247154","69072100","UGL","M2",{"v":298,"d":"298.00"},null,"Epal dim. 80x120",2,0,1.44,{"v":20.851,"d":"20.85"},20,28.8,440]
["CEDIT","CHIMERA","SL","Decori              ","60X120 SP.6MM","MATT - NATURALE",null,769495,"CHIMERA DEC.COLORE GRIGIO MAT6MM 60X120R","6,0000","8032842247147","69072100","UGL","M2",{"v":298,"d":"298.00"},null,"Epal dim. 80x120",2,0,1.44,{"v":20.851,"d":"20.85"},20,28.8,440]
["CEDIT","CHIMERA","SL","Fondi","120X120 SP.6MM","GLOSSY",null,769460,"CHIMERA EMPATIA BIANCO GLO 6MM 120X120R","6,0000","8032842274129","69072100","GL","M2",{"v":127,"d":"127.00"},null,"Cassa cm 135x144h65(120x120)",{"$nulls":7},2.88,41.702,80,24,69.12,1080]
["CEDIT","CHIMERA","SL","Fondi","120X120 SP.6MM","GLOSSY",null,769462,"CHIMERA EMPATIA NERO GLO 6MM 120X120R","6,0000","8032842274105","69072100","GL","M2",{"v":127,"d":"127.00"},null,"Cassa cm 135x144h65(120x120)",{"$nulls":7},2.88,41.702,80,24,69.12,1080]
["CEDIT","CHIMERA","SL","Fondi","120X120 SP.6MM","MATT - NATURALE",null,769461,"CHIMERA EMPATIA BIANCO MAT 6MM 120X120R","6,0000","8032842274112","69072100","UGL","M2",{"v":98,"d":"98.00"},null,"Cassa cm 135x144h65(120x120)",{"$nulls":7},2.88,41.702,80,24,69.12,1080]
["CEDIT","CHIMERA","SL","Fondi","120X120 SP.6MM","MATT - NATURALE",null,769463,"CHIMERA EMPATIA NERO MAT 6MM 120X120R","6,0000","8032842274099","69072100","UGL","M2",{"v":98,"d":"98.00"},null,"Cassa cm 135x144h65(120x120)",{"$nulls":7},2.88,41.702,80,24,69.12,1080]
["CEDIT","CHIMERA","SL","Fondi","120X120 SP.6MM","MATT - NATURALE",null,769464,"CHIMERA RADICI BEIGE MAT 6MM 120X120R","6,0000","8032842274082","69072100","UGL","M2",{"v":98,"d":"98.00"},null,"Cassa cm 135x144h65(120x120)",{"$nulls":7},2.88,41.702,80,24,69.12,1080]
["CEDIT","CHIMERA","SL","Fondi","120X120 SP.6MM","MATT - NATURALE",null,769465,"CHIMERA RADICI GRIGIO MAT 6MM 120X120R","6,0000","8032842274075","69072100","UGL","M2",{"v":98,"d":"98.00"},null,"Cassa cm 135x144h65(120x120)",{"$nulls":7},2.88,41.702,80,24,69.12,1080]
["CEDIT","CHIMERA","SL","Fondi","120X120 SP.6MM","MATT - NATURALE",null,769466,"CHIMERA RITMO BEIGE MAT 6MM 120X120R","6,0000","8032842274068","69072100","UGL","M2",{"v":98,"d":"98.00"},null,"Cassa cm 135x144h65(120x120)",{"$nulls":7},2.88,41.702,80,24,69.12,1080]
["CEDIT","CHIMERA","SL","Fondi","120X120 SP.6MM","MATT - NATURALE",null,769467,"CHIMERA RITMO AZZURRO MAT 6MM 120X120R","6,0000","8032842274051","69072100","UGL","M2",{"v":98,"d":"98.00"},null,"Cassa cm 135x144h65(120x120)",{"$nulls":7},2.88,41.702,80,24,69.12,1080]
["CEDIT","CHIMERA","SL","Fondi","120X120 SP.6MM","MATT - NATURALE",null,769468,"CHIMERA COLORE BIANCO MAT 6MM 120X120R","6,0000","8032842274044","69072100","UGL","M2",{"v":98,"d":"98.00"},null,"Cassa cm 135x144h65(120x120)",{"$nulls":7},2.88,41.702,80,24,69.12,1080]
["CEDIT","CHIMERA","SL","Fondi","120X120 SP.6MM","MATT - NATURALE",null,769469,"CHIMERA COLORE GRIGIO MAT 6MM 120X120R","6,0000","8032842274037","69072100","UGL","M2",{"v":98,"d":"98.00"},null,"Cassa cm 135x144h65(120x120)",{"$nulls":7},2.88,41.702,80,24,69.12,1080]
["CEDIT","CHIMERA","SL","Fondi","120X240 SP.6MM","GLOSSY",null,769415,"CHIMERA EMPATIA BIANCO GLO 6MM 120X240R","6,0000","8032842247451","69072100","GL","M2",{"v":144,"d":"144.00"},null,"Cassa cm 136x263xh34",{"$nulls":7},2.88,41.702,107,20,57.6,940]
["CEDIT","CHIMERA","SL","Fondi","120X240 SP.6MM","GLOSSY",null,769424,"CHIMERA EMPATIA NERO GLO 6MM 120X240R","6,0000","8032842247437","69072100","GL","M2",{"v":144,"d":"144.00"},null,"Cassa cm 136x263xh34",{"$nulls":7},2.88,41.702,107,20,57.6,940]
["CEDIT","CHIMERA","SL","Fondi","120X240 SP.6MM","MATT - NATURALE",null,769423,"CHIMERA EMPATIA BIANCO MAT 6MM 120X240R","6,0000","8032842247444","69072100","UGL","M2",{"v":113,"d":"113.00"},null,"Cassa cm 136x263xh34",{"$nulls":7},2.88,41.702,107,20,57.6,940]
["CEDIT","CHIMERA","SL","Fondi","120X240 SP.6MM","MATT - NATURALE",null,769425,"CHIMERA EMPATIA NERO MAT 6MM 120X240R","6,0000","8032842247420","69072100","UGL","M2",{"v":113,"d":"113.00"},null,"Cassa cm 136x263xh34",{"$nulls":7},2.88,41.702,107,20,57.6,940]
["CEDIT","CHIMERA","SL","Fondi","120X240 SP.6MM","MATT - NATURALE",null,769426,"CHIMERA RADICI BEIGE MAT 6MM 120X240R","6,0000","8032842247413","69072100","UGL","M2",{"v":113,"d":"113.00"},null,"Cassa cm 136x263xh34",{"$nulls":7},2.88,41.702,107,20,57.6,940]
["CEDIT","CHIMERA","SL","Fondi","120X240 SP.6MM","MATT - NATURALE",null,769427,"CHIMERA RADICI GRIGIO MAT 6MM 120X240R","6,0000","8032842247406","69072100","UGL","M2",{"v":113,"d":"113.00"},null,"Cassa cm 136x263xh34",{"$nulls":7},2.88,41.702,107,20,57.6,940]
["CEDIT","CHIMERA","SL","Fondi","120X240 SP.6MM","MATT - NATURALE",null,769428,"CHIMERA RITMO BEIGE MAT 6MM 120X240R","6,0000","8032842247390","69072100","UGL","M2",{"v":113,"d":"113.00"},null,"Cassa cm 136x263xh34",{"$nulls":7},2.88,41.702,107,20,57.6,940]
["CEDIT","CHIMERA","SL","Fondi","120X240 SP.6MM","MATT - NATURALE",null,769429,"CHIMERA RITMO AZZURRO MAT 6MM 120X240R","6,0000","8032842247383","69072100","UGL","M2",{"v":113,"d":"113.00"},null,"Cassa cm 136x263xh34",{"$nulls":7},2.88,41.702,107,20,57.6,940]
["CEDIT","CHIMERA","SL","Fondi","120X240 SP.6MM","MATT - NATURALE",null,769430,"CHIMERA COLORE BIANCO MAT 6MM 120X240R","6,0000","8032842247376","69072100","UGL","M2",{"v":113,"d":"113.00"},null,"Cassa cm 136x263xh34",{"$nulls":7},2.88,41.702,107,20,57.6,940]
["CEDIT","CHIMERA","SL","Fondi","120X240 SP.6MM","MATT - NATURALE",null,769431,"CHIMERA COLORE GRIGIO MAT 6MM 120X240R","6,0000","8032842247369","69072100","UGL","M2",{"v":113,"d":"113.00"},null,"Cassa cm 136x263xh34",{"$nulls":7},2.88,41.702,107,20,57.6,940]
["CEDIT","CHIMERA","SL","Fondi","60X120 SP.6MM","GLOSSY",null,769470,"CHIMERA EMPATIA BIANCO GLO 6MM 60X120R","6,0000","8032842247550","69072100","GL","M2",{"v":122,"d":"122.00"},null,"Epal dim. 80x120",3,0,2.16,{"v":31.277,"d":"31.28"},30,64.8,960]
["CEDIT","CHIMERA","SL","Fondi","60X120 SP.6MM","GLOSSY",null,769472,"CHIMERA EMPATIA NERO GLO 6MM 60X120R","6,0000","8032842247536","69072100","GL","M2",{"v":122,"d":"122.00"},null,"Epal dim. 80x120",3,0,2.16,{"v":31.277,"d":"31.28"},30,64.8,960]
["CEDIT","CHIMERA","SL","Fondi","60X120 SP.6MM","MATT - NATURALE",null,769471,"CHIMERA EMPATIA BIANCO MAT 6MM 60X120R","6,0000","8032842247543","69072100","UGL","M2",{"v":95,"d":"95.00"},null,"Epal dim. 80x120",3,0,2.16,{"v":31.277,"d":"31.28"},30,64.8,960]
["CEDIT","CHIMERA","SL","Fondi","60X120 SP.6MM","MATT - NATURALE",null,769473,"CHIMERA EMPATIA NERO MAT 6MM 60X120R","6,0000","8032842247529","69072100","UGL","M2",{"v":95,"d":"95.00"},null,"Epal dim. 80x120",3,0,2.16,{"v":31.277,"d":"31.28"},30,64.8,960]
["CEDIT","CHIMERA","SL","Fondi","60X120 SP.6MM","MATT - NATURALE",null,769474,"CHIMERA RADICI BEIGE MAT 6MM 60X120R","6,0000","8032842247512","69072100","UGL","M2",{"v":95,"d":"95.00"},null,"Epal dim. 80x120",3,0,2.16,{"v":31.277,"d":"31.28"},30,64.8,960]
["CEDIT","CHIMERA","SL","Fondi","60X120 SP.6MM","MATT - NATURALE",null,769475,"CHIMERA RADICI GRIGIO MAT 6MM 60X120R","6,0000","8032842247505","69072100","UGL","M2",{"v":95,"d":"95.00"},null,"Epal dim. 80x120",3,0,2.16,{"v":31.277,"d":"31.28"},30,64.8,960]
["CEDIT","CHIMERA","SL","Fondi","60X120 SP.6MM","MATT - NATURALE",null,769476,"CHIMERA RITMO AZZURRO MAT 6MM 60X120R","6,0000","8032842247499","69072100","UGL","M2",{"v":95,"d":"95.00"},null,"Epal dim. 80x120",3,0,2.16,{"v":31.277,"d":"31.28"},30,64.8,960]
["CEDIT","CHIMERA","SL","Fondi","60X120 SP.6MM","MATT - NATURALE",null,769477,"CHIMERA RITMO BEIGE MAT 6MM 60X120R","6,0000","8032842247482","69072100","UGL","M2",{"v":95,"d":"95.00"},null,"Epal dim. 80x120",3,0,2.16,{"v":31.277,"d":"31.28"},30,64.8,960]
["CEDIT","CHIMERA","SL","Fondi","60X120 SP.6MM","MATT - NATURALE",null,769478,"CHIMERA COLORE BIANCO MAT 6MM 60X120R","6,0000","8032842247475","69072100","UGL","M2",{"v":95,"d":"95.00"},null,"Epal dim. 80x120",3,0,2.16,{"v":31.277,"d":"31.28"},30,64.8,960]
["CEDIT","CHIMERA","SL","Fondi","60X120 SP.6MM","MATT - NATURALE",null,769479,"CHIMERA COLORE GRIGIO MAT 6MM 60X120R","6,0000","8032842247468","69072100","UGL","M2",{"v":95,"d":"95.00"},null,"Epal dim. 80x120",3,0,2.16,{"v":31.277,"d":"31.28"},30,64.8,960]
["CEDIT","COMPATTA","SL","Decori              ","120X280 SP.6MM","MATT - NATURALE",null,778012,"COMPATTA PISE' INSERTI A 6MM 120X280 RET","6,0000","8032842274310","69072100","GL","M2",{"v":590,"d":"590.00"},null,"Cassa cm 120x280h34,4",{"$nulls":7},3.36,48.653,90,15,50.4,820]
["CEDIT","COMPATTA","SL","Decori              ","120X280 SP.6MM","MATT - NATURALE",null,778013,"COMPATTA PISE' INSERTI B 6MM 120X280 RET","6,0000","8032842274327","69072100","GL","M2",{"v":590,"d":"590.00"},null,"Cassa cm 120x280h34,4",{"$nulls":7},3.36,48.653,90,15,50.4,820]
["CEDIT","COMPATTA","SL","Decori              ","120X280 SP.6MM","MATT - NATURALE",null,778014,"COMPATTA PISE' INSERTI C 6MM 120X280 RET","6,0000","8032842274334","69072100","GL","M2",{"v":590,"d":"590.00"},null,"Cassa cm 120x280h34,4",{"$nulls":7},3.36,48.653,90,15,50.4,820]
["CEDIT","COMPATTA","SL","Fondi","120X120 SP.9MM","MATT - NATURALE",null,777974,"COMPATTA SABBIA NAT 9MM 120X120R","9,0000","8032842274228","69072100","UGL","M2",{"v":88,"d":"88.00"},null,"Cassa cm 135x144h65(120x120)",{"$nulls":7},2.88,63.072,80,20,57.6,1350]
["CEDIT","COMPATTA","SL","Fondi","120X120 SP.9MM","MATT - NATURALE",null,777975,"COMPATTA LIMO NAT 9MM 120X120R","9,0000","8032842274235","69072100","UGL","M2",{"v":88,"d":"88.00"},null,"Cassa cm 135x144h65(120x120)",{"$nulls":7},2.88,63.072,80,20,57.6,1350]
["CEDIT","COMPATTA","SL","Fondi","120X120 SP.9MM","MATT - NATURALE",null,777976,"COMPATTA ARGILLA NAT 9MM 120X120R","9,0000","8032842274242","69072100","UGL","M2",{"v":88,"d":"88.00"},null,"Cassa cm 135x144h65(120x120)",{"$nulls":7},2.88,63.072,80,20,57.6,1350]
["CEDIT","COMPATTA","SL","Fondi","120X120 SP.9MM","MATT - NATURALE",null,777977,"COMPATTA GHIAIA NAT 9MM 120X120R","9,0000","8032842274259","69072100","UGL","M2",{"v":88,"d":"88.00"},null,"Cassa cm 135x144h65(120x120)",{"$nulls":7},2.88,63.072,80,20,57.6,1350]
["CEDIT","COMPATTA","SL","Fondi","120X240 SP.9MM","MATT - NATURALE",null,778092,"COMPATTA SABBIA NAT 9MM 120X240 RETT","9,0000","8032842274419","69072100","UGL","M2",{"v":132,"d":"132.00"},null,"Cassa cm 136x263xh34",{"$nulls":7},2.88,63.072,107,14,40.32,1000]
["CEDIT","COMPATTA","SL","Fondi","120X240 SP.9MM","MATT - NATURALE",null,778093,"COMPATTA LIMO NAT 9MM 120X240 RETT","9,0000","8032842274426","69072100","UGL","M2",{"v":132,"d":"132.00"},null,"Cassa cm 136x263xh34",{"$nulls":7},2.88,63.072,107,14,40.32,1000]
["CEDIT","COMPATTA","SL","Fondi","120X240 SP.9MM","MATT - NATURALE",null,778094,"COMPATTA ARGILLA NAT 9MM 120X240 RETT","9,0000","8032842274433","69072100","UGL","M2",{"v":132,"d":"132.00"},null,"Cassa cm 136x263xh34",{"$nulls":7},2.88,63.072,107,14,40.32,1000]
["CEDIT","COMPATTA","SL","Fondi","120X240 SP.9MM","MATT - NATURALE",null,778095,"COMPATTA GHIAIA NAT 9MM 120X240 RETT","9,0000","8032842274440","69072100","UGL","M2",{"v":132,"d":"132.00"},null,"Cassa cm 136x263xh34",{"$nulls":7},2.88,63.072,107,14,40.32,1000]
["CEDIT","COMPATTA","SL","Fondi","120X280 SP.6MM","MATT - NATURALE",null,777970,"COMPATTA PISE' SABBIA NAT 6MM 120X280R","6,0000","8032842274181","69072100","UGL","M2",{"v":121,"d":"121.00"},null,"Cassa cm 120x280h34,4",{"$nulls":7},3.36,48.653,90,20,67.2,1070]
["CEDIT","COMPATTA","SL","Fondi","120X280 SP.6MM","MATT - NATURALE",null,777971,"COMPATTA PISE' LIMO NAT 6MM 120X280R","6,0000","8032842274198","69072100","UGL","M2",{"v":121,"d":"121.00"},null,"Cassa cm 120x280h34,4",{"$nulls":7},3.36,48.653,90,20,67.2,1070]
["CEDIT","COMPATTA","SL","Fondi","120X280 SP.6MM","MATT - NATURALE",null,777972,"COMPATTA PISE' MELANGE NAT 6MM 120X280R","6,0000","8032842274204","69072100","UGL","M2",{"v":121,"d":"121.00"},null,"Cassa cm 120x280h34,4",{"$nulls":7},3.36,48.653,90,20,67.2,1070]
["CEDIT","COMPATTA","SL","Fondi","120X280 SP.6MM","MATT - NATURALE",null,777973,"COMPATTA PISE' GHIAIA NAT 6MM 120X280R","6,0000","8032842274211","69072100","UGL","M2",{"v":121,"d":"121.00"},null,"Cassa cm 120x280h34,4",{"$nulls":7},3.36,48.653,90,20,67.2,1070]
["CEDIT","COMPATTA","SL","Fondi","60X120","MATT - NATURALE",null,777978,"COMPATTA SABBIA NAT 9MM 60X120R","9,0000","8032842274266","69072100","UGL","M2",{"v":86,"d":"86.00"},null,"Epal dim. 80x120",2,0,1.44,{"v":31.536,"d":"31.54"},30,43.2,980]
["CEDIT","COMPATTA","SL","Fondi","60X120","MATT - NATURALE",null,777979,"COMPATTA LIMO NAT 9MM 60X120R","9,0000","8032842274273","69072100","UGL","M2",{"v":86,"d":"86.00"},null,"Epal dim. 80x120",2,0,1.44,{"v":31.536,"d":"31.54"},30,43.2,980]
["CEDIT","COMPATTA","SL","Fondi","60X120","MATT - NATURALE",null,777980,"COMPATTA ARGILLA NAT 9MM 60X120R","9,0000","8032842274280","69072100","UGL","M2",{"v":86,"d":"86.00"},null,"Epal dim. 80x120",2,0,1.44,{"v":31.536,"d":"31.54"},30,43.2,980]
["CEDIT","COMPATTA","SL","Fondi","60X120","MATT - NATURALE",null,777981,"COMPATTA GHIAIA NAT 9MM 60X120R","9,0000","8032842274297","69072100","UGL","M2",{"v":86,"d":"86.00"},null,"Epal dim. 80x120",2,0,1.44,{"v":31.536,"d":"31.54"},30,43.2,980]
["CEDIT","COMPATTA","TI","Fondi","60X120","STRUTTURATO R11",null,779547,"COMPATTA SABBIA STR.R11 C 60x120 RET","9,0000","","69072100","UGL","M2",{"v":86,"d":"86.00"},null,"Epal dim. 80x120",2,0,1.44,{"v":27.734,"d":"27.73"},30,43.2,860]
["CEDIT","COMPATTA","TI","Fondi","60X120 SP.20MM","STRUTTURATO R11",null,776408,"COMPATTA SABBIA STR.R11 C 20MM 60x120RET","20,0000","8032842268272","69072100","UGL","M2",{"v":98,"d":"98.00"},null,"Epal dim. 80x120",1,0,0.72,{"v":32.112,"d":"32.11"},30,21.6,990]
["CEDIT","COMPATTA","TI","Decori              ","MOS 30X30 3D INSERTI CEDIT","MATT - NATURALE",null,778015,"COMPATTA INSERTI MELANGE NAT 9MM 30X30R","9,0000","8032842274341","69073000","UGL","PZ",{"v":80,"d":"80.00"},null,"Epal dim. 80x120",4,0,{"v":0.364,"d":"0.36"},{"v":8,"d":"8.00"},42,15.288,370]
["CEDIT","COMPATTA","TI","Decori              ","MOS 30X30 3D INSERTI CEDIT","MATT - NATURALE",null,778016,"COMPATTA INS SABBIA-ARGILL NAT9MM 30X30R","9,0000","8032842274358","69073000","UGL","PZ",{"v":80,"d":"80.00"},null,"Epal dim. 80x120",4,0,{"v":0.364,"d":"0.36"},{"v":8,"d":"8.00"},42,15.288,370]
["CEDIT","COMPATTA","TI","Decori              ","MOS 30X30 3D INSERTI CEDIT","MATT - NATURALE",null,778017,"COMPATTA INS LIMO-GHIAIA NAT9MM 30X30R","9,0000","8032842274365","69073000","UGL","PZ",{"v":80,"d":"80.00"},null,"Epal dim. 80x120",4,0,{"v":0.364,"d":"0.36"},{"v":8,"d":"8.00"},42,15.288,370]
["CEDIT","COMPATTA","TI","Fondi","60X120","MATT - NATURALE",null,777953,"COMPATTA PISÉ SABBIA 60x120 RET","9,0000","","69072100","UGL","M2",{"v":86,"d":"86.00"},null,"Epal dim. 80x120",2,0,1.44,{"v":27.734,"d":"27.73"},30,43.2,860]
["CEDIT","COMPATTA","TI","Fondi","60X120","MATT - NATURALE",null,777955,"COMPATTA PISÉ LIMO 60x120 RET","9,0000","","69072100","UGL","M2",{"v":86,"d":"86.00"},null,"Epal dim. 80x120",2,0,1.44,{"v":27.734,"d":"27.73"},30,43.2,860]
["CEDIT","COMPATTA","TI","Fondi","60X120","MATT - NATURALE",null,777956,"COMPATTA PISÉ MELANGE 60x120 RET","9,0000","","69072100","UGL","M2",{"v":86,"d":"86.00"},null,"Epal dim. 80x120",2,0,1.44,{"v":27.734,"d":"27.73"},30,43.2,860]
["CEDIT","COMPATTA","TI","Fondi","60X120","MATT - NATURALE",null,777957,"COMPATTA PISÉ GHIAIA 60x120 RET","9,0000","","69072100","UGL","M2",{"v":86,"d":"86.00"},null,"Epal dim. 80x120",2,0,1.44,{"v":27.734,"d":"27.73"},30,43.2,860]
["CEDIT","COMPATTA","TI","Pezzi Speciali      ","BS 4,6X60","MATT - NATURALE",null,778398,"COMPATTA SABBIA 9MM BS 4,6X60","9,0000","8032842274594","69074000","UGL","M",{"v":18.5,"d":"18.50"},null,"Epal dim. 80x120",14,8.4,{"v":0.644,"d":"0.64"},{"v":8.4,"d":"8.40"},80,51.52,1150]
["CEDIT","COMPATTA","TI","Pezzi Speciali      ","BS 4,6X60","MATT - NATURALE",null,778399,"COMPATTA LIMO 9MM BS 4,6X60","9,0000","8032842274600","69074000","UGL","M",{"v":18.5,"d":"18.50"},null,"Epal dim. 80x120",14,8.4,{"v":0.644,"d":"0.64"},{"v":8.4,"d":"8.40"},80,51.52,1150]
["CEDIT","COMPATTA","TI","Pezzi Speciali      ","BS 4,6X60","MATT - NATURALE",null,778400,"COMPATTA ARGILLA 9MM BS 4,6X60","9,0000","8032842274617","69074000","UGL","M",{"v":18.5,"d":"18.50"},null,"Epal dim. 80x120",14,8.4,{"v":0.644,"d":"0.64"},{"v":8.4,"d":"8.40"},80,51.52,1150]
["CEDIT","COMPATTA","TI","Pezzi Speciali      ","BS 4,6X60","MATT - NATURALE",null,778401,"COMPATTA GHIAIA 9MM BS 4,6X60","9,0000","8032842274624","69074000","UGL","M",{"v":18.5,"d":"18.50"},null,"Epal dim. 80x120",14,8.4,{"v":0.644,"d":"0.64"},{"v":8.4,"d":"8.40"},80,51.52,1150]
["CEDIT","CROMATICA","SL","Decori              ","120X240 SP.6MM","LUCIDO",null,757466,"CROMATICA BIANCO SF.LUC.6MM 120X240 RET","6,0000","8032842189102","69072100","UGL","M2",{"v":401,"d":"401.00"},null,"Cassa cm 136x263xh34",{"$nulls":7},2.88,41.702,107,18,51.84,860]
["CEDIT","CROMATICA","SL","Decori              ","120X240 SP.6MM","LUCIDO",null,757467,"CROMATICA GRIGIO SF.LUC.6MM 120X240 RET","6,0000","8032842189119","69072100","UGL","M2",{"v":401,"d":"401.00"},null,"Cassa cm 136x263xh34",{"$nulls":7},2.88,41.702,107,18,51.84,860]
["CEDIT","CROMATICA","SL","Decori              ","120X240 SP.6MM","LUCIDO",null,757468,"CROMATICA ROSA SF.LUC.6MM 120X240 RET","6,0000","8032842189126","69072100","UGL","M2",{"v":401,"d":"401.00"},null,"Cassa cm 136x263xh34",{"$nulls":7},2.88,41.702,107,18,51.84,860]
["CEDIT","CROMATICA","SL","Decori              ","120X240 SP.6MM","LUCIDO",null,757469,"CROMATICA VERDE SF.LUC.6MM 120X240 RET","6,0000","8032842189133","69072100","UGL","M2",{"v":401,"d":"401.00"},null,"Cassa cm 136x263xh34",{"$nulls":7},2.88,41.702,107,18,51.84,860]
["CEDIT","CROMATICA","SL","Decori              ","120X240 SP.6MM","LUCIDO",null,757470,"CROMATICA OPALE SF.LUC.6MM 120X240 RET","6,0000","8032842189140","69072100","UGL","M2",{"v":401,"d":"401.00"},null,"Cassa cm 136x263xh34",{"$nulls":7},2.88,41.702,107,18,51.84,860]
["CEDIT","CROMATICA","SL","Decori              ","120X240 SP.6MM","LUCIDO",null,757471,"CROMATICA COBALTO SF.LUC.6MM 120X240 RET","6,0000","8032842189157","69072100","UGL","M2",{"v":401,"d":"401.00"},null,"Cassa cm 136x263xh34",{"$nulls":7},2.88,41.702,107,18,51.84,860]
["CEDIT","CROMATICA","SL","Decori              ","120X240 SP.6MM","LUCIDO",null,757506,"CROM.BIANCO ROSA A LUC.6MM 120X240 RET","6,0000","8032842189225","69072100","UGL","M2",{"v":401,"d":"401.00"},null,"Cassa cm 136x263xh34",{"$nulls":7},2.88,41.702,107,18,51.84,860]
["CEDIT","CROMATICA","SL","Decori              ","120X240 SP.6MM","LUCIDO",null,757507,"CROM.BIANCO ROSA B LUC.6MM 120X240 RET","6,0000","8032842189232","69072100","UGL","M2",{"v":401,"d":"401.00"},null,"Cassa cm 136x263xh34",{"$nulls":7},2.88,41.702,107,18,51.84,860]
["CEDIT","CROMATICA","SL","Decori              ","120X240 SP.6MM","LUCIDO",null,757508,"CROM.BIANCO ROSA C LUC.6MM 120X240 RET","6,0000","8032842189249","69072100","UGL","M2",{"v":401,"d":"401.00"},null,"Cassa cm 136x263xh34",{"$nulls":7},2.88,41.702,107,18,51.84,860]
["CEDIT","CROMATICA","SL","Decori              ","120X240 SP.6MM","LUCIDO",null,757509,"CROM.GRIGIO VERDE A LUC.6MM 120X240 RET","6,0000","8032842189256","69072100","UGL","M2",{"v":401,"d":"401.00"},null,"Cassa cm 136x263xh34",{"$nulls":7},2.88,41.702,107,18,51.84,860]
["CEDIT","CROMATICA","SL","Decori              ","120X240 SP.6MM","LUCIDO",null,757511,"CROM.GRIGIO VERDE B LUC.6MM 120X240 RET","6,0000","8032842189263","69072100","UGL","M2",{"v":401,"d":"401.00"},null,"Cassa cm 136x263xh34",{"$nulls":7},2.88,41.702,107,18,51.84,860]
["CEDIT","CROMATICA","SL","Decori              ","120X240 SP.6MM","LUCIDO",null,757512,"CROM.GRIGIO VERDE C LUC.6MM 120X240 RET","6,0000","8032842189270","69072100","UGL","M2",{"v":401,"d":"401.00"},null,"Cassa cm 136x263xh34",{"$nulls":7},2.88,41.702,107,18,51.84,860]
["CEDIT","CROMATICA","SL","Decori              ","120X240 SP.6MM","MATT - NATURALE",null,757472,"CROMATICA BIANCO SF.OPA.6MM 120X240 RET","6,0000","8032842189164","69072100","UGL","M2",{"v":309,"d":"309.00"},null,"Cassa cm 136x263xh34",{"$nulls":7},2.88,41.702,107,18,51.84,860]
["CEDIT","CROMATICA","SL","Decori              ","120X240 SP.6MM","MATT - NATURALE",null,757473,"CROMATICA GRIGIO SF.OPA.6MM 120X240 RET","6,0000","8032842189171","69072100","UGL","M2",{"v":309,"d":"309.00"},null,"Cassa cm 136x263xh34",{"$nulls":7},2.88,41.702,107,18,51.84,860]
["CEDIT","CROMATICA","SL","Decori              ","120X240 SP.6MM","MATT - NATURALE",null,757474,"CROMATICA ROSA SF.OPA.6MM 120X240 RET","6,0000","8032842189188","69072100","UGL","M2",{"v":309,"d":"309.00"},null,"Cassa cm 136x263xh34",{"$nulls":7},2.88,41.702,107,18,51.84,860]
["CEDIT","CROMATICA","SL","Decori              ","120X240 SP.6MM","MATT - NATURALE",null,757475,"CROMATICA VERDE SF.OPA.6MM 120X240 RET","6,0000","8032842189195","69072100","UGL","M2",{"v":309,"d":"309.00"},null,"Cassa cm 136x263xh34",{"$nulls":7},2.88,41.702,107,18,51.84,860]
["CEDIT","CROMATICA","SL","Decori              ","120X240 SP.6MM","MATT - NATURALE",null,757476,"CROMATICA OPALE SF.OPA.6MM 120X240 RET","6,0000","8032842189201","69072100","UGL","M2",{"v":309,"d":"309.00"},null,"Cassa cm 136x263xh34",{"$nulls":7},2.88,41.702,107,18,51.84,860]
["CEDIT","CROMATICA","SL","Decori              ","120X240 SP.6MM","MATT - NATURALE",null,757477,"CROMATICA COBALTO SF.OPA.6MM 120X240 RET","6,0000","8032842189218","69072100","UGL","M2",{"v":309,"d":"309.00"},null,"Cassa cm 136x263xh34",{"$nulls":7},2.88,41.702,107,18,51.84,860]
["CEDIT","CROMATICA","SL","Decori              ","120X240 SP.6MM","MATT - NATURALE",null,757513,"CROM.BIANCO ROSA A OPA.6MM 120X240 RET","6,0000","8032842189287","69072100","UGL","M2",{"v":309,"d":"309.00"},null,"Cassa cm 136x263xh34",{"$nulls":7},2.88,41.702,107,18,51.84,860]
["CEDIT","CROMATICA","SL","Decori              ","120X240 SP.6MM","MATT - NATURALE",null,757514,"CROM.BIANCO ROSA B OPA.6MM 120X240 RET","6,0000","8032842189294","69072100","UGL","M2",{"v":309,"d":"309.00"},null,"Cassa cm 136x263xh34",{"$nulls":7},2.88,41.702,107,18,51.84,860]
["CEDIT","CROMATICA","SL","Decori              ","120X240 SP.6MM","MATT - NATURALE",null,757515,"CROM.BIANCO ROSA C OPA.6MM 120X240 RET","6,0000","8032842189300","69072100","UGL","M2",{"v":309,"d":"309.00"},null,"Cassa cm 136x263xh34",{"$nulls":7},2.88,41.702,107,18,51.84,860]
["CEDIT","CROMATICA","SL","Decori              ","120X240 SP.6MM","MATT - NATURALE",null,757516,"CROM.GRIGIO VERDE A OPA.6MM 120X240 RET","6,0000","8032842189317","69072100","UGL","M2",{"v":309,"d":"309.00"},null,"Cassa cm 136x263xh34",{"$nulls":7},2.88,41.702,107,18,51.84,860]
["CEDIT","CROMATICA","SL","Decori              ","120X240 SP.6MM","MATT - NATURALE",null,757517,"CROM.GRIGIO VERDE B OPA.6MM 120X240 RET","6,0000","8032842189324","69072100","UGL","M2",{"v":309,"d":"309.00"},null,"Cassa cm 136x263xh34",{"$nulls":7},2.88,41.702,107,18,51.84,860]
["CEDIT","CROMATICA","SL","Decori              ","120X240 SP.6MM","MATT - NATURALE",null,757518,"CROM.GRIGIO VERDE C OPA.6MM 120X240 RET","6,0000","8032842189331","69072100","UGL","M2",{"v":309,"d":"309.00"},null,"Cassa cm 136x263xh34",{"$nulls":7},2.88,41.702,107,18,51.84,860]
["CEDIT","CROMATICA","SL","Fondi","120X120 SP.6MM","LUCIDO",null,757479,"CROMATICA CENERE TU LUC.6MM 120X120 RET","6,0000","8032842205901","69072100","GL","M2",{"v":127,"d":"127.00"},null,"Cassa cm 135x144h65(120x120)",{"$nulls":7},2.88,41.702,80,24,69.12,1080]
["CEDIT","CROMATICA","SL","Fondi","120X120 SP.6MM","MATT - NATURALE",null,757481,"CROMATICA CENERE TU OPA.6MM 120X120 RET","6,0000","8032842205895","69072100","GL","M2",{"v":98,"d":"98.00"},null,"Cassa cm 135x144h65(120x120)",{"$nulls":7},2.88,41.702,80,24,69.12,1080]
["CEDIT","CROMATICA","SL","Pezzi Speciali      ","12x24 SP.6MM","LUCIDO",null,757482,"CROMATICA BIANCO SF.LUC.6MM 12x24","6,0000","8032842189423","69072100","UGL","PZ",{"v":19.5,"d":"19.50"},null,"Epal dim. 80x120",16,0,{"v":0.464,"d":"0.46"},6.72,120,55.68,830]
["CEDIT","CROMATICA","SL","Pezzi Speciali      ","12x24 SP.6MM","LUCIDO",null,757483,"CROMATICA GRIGIO SF.LUC.6MM 12x24","6,0000","8032842189430","69072100","UGL","PZ",{"v":19.5,"d":"19.50"},null,"Epal dim. 80x120",16,0,{"v":0.464,"d":"0.46"},6.72,120,55.68,830]
["CEDIT","CROMATICA","SL","Pezzi Speciali      ","12x24 SP.6MM","LUCIDO",null,757484,"CROMATICA ROSA SF.LUC.6MM 12x24","6,0000","8032842189447","69072100","UGL","PZ",{"v":19.5,"d":"19.50"},null,"Epal dim. 80x120",16,0,{"v":0.464,"d":"0.46"},6.72,120,55.68,830]
["CEDIT","CROMATICA","SL","Pezzi Speciali      ","12x24 SP.6MM","LUCIDO",null,757485,"CROMATICA VERDE SF.LUC.6MM 12x24","6,0000","8032842189461","69072100","UGL","PZ",{"v":19.5,"d":"19.50"},null,"Epal dim. 80x120",16,0,{"v":0.464,"d":"0.46"},6.72,120,55.68,830]
["CEDIT","CROMATICA","SL","Pezzi Speciali      ","12x24 SP.6MM","LUCIDO",null,757486,"CROMATICA OPALE SF.LUC.6MM 12x24","6,0000","8032842189614","69072100","UGL","PZ",{"v":19.5,"d":"19.50"},null,"Epal dim. 80x120",16,0,{"v":0.464,"d":"0.46"},6.72,120,55.68,830]
["CEDIT","CROMATICA","SL","Pezzi Speciali      ","12x24 SP.6MM","LUCIDO",null,757487,"CROMATICA COBALTO SF.LUC.6MM 12x24","6,0000","8032842189478","69072100","UGL","PZ",{"v":19.5,"d":"19.50"},null,"Epal dim. 80x120",16,0,{"v":0.464,"d":"0.46"},6.72,120,55.68,830]
["CEDIT","CROMATICA","SL","Pezzi Speciali      ","12x24 SP.6MM","MATT - NATURALE",null,757488,"CROMATICA BIANCO SF.OPA.6MM 12x24","6,0000","8032842189362","69072100","UGL","PZ",{"v":16,"d":"16.00"},null,"Epal dim. 80x120",16,0,{"v":0.464,"d":"0.46"},6.72,120,55.68,830]
["CEDIT","CROMATICA","SL","Pezzi Speciali      ","12x24 SP.6MM","MATT - NATURALE",null,757489,"CROMATICA GRIGIO SF.OPA.6MM 12x24","6,0000","8032842189379","69072100","UGL","PZ",{"v":16,"d":"16.00"},null,"Epal dim. 80x120",16,0,{"v":0.464,"d":"0.46"},6.72,120,55.68,830]
["CEDIT","CROMATICA","SL","Pezzi Speciali      ","12x24 SP.6MM","MATT - NATURALE",null,757490,"CROMATICA ROSA SF.OPA.6MM 12x24","6,0000","8032842189386","69072100","UGL","PZ",{"v":16,"d":"16.00"},null,"Epal dim. 80x120",16,0,{"v":0.464,"d":"0.46"},6.72,120,55.68,830]
["CEDIT","CROMATICA","SL","Pezzi Speciali      ","12x24 SP.6MM","MATT - NATURALE",null,757491,"CROMATICA VERDE SF.OPA.6MM 12x24","6,0000","8032842189393","69072100","UGL","PZ",{"v":16,"d":"16.00"},null,"Epal dim. 80x120",16,0,{"v":0.464,"d":"0.46"},6.72,120,55.68,830]
["CEDIT","CROMATICA","SL","Pezzi Speciali      ","12x24 SP.6MM","MATT - NATURALE",null,757492,"CROMATICA OPALE SF.OPA.6MM 12x24","6,0000","8032842189409","69072100","UGL","PZ",{"v":16,"d":"16.00"},null,"Epal dim. 80x120",16,0,{"v":0.464,"d":"0.46"},6.72,120,55.68,830]
["CEDIT","CROMATICA","SL","Pezzi Speciali      ","12x24 SP.6MM","MATT - NATURALE",null,757493,"CROMATICA COBALTO SF.OPA.6MM 12x24","6,0000","8032842189416","69072100","UGL","PZ",{"v":16,"d":"16.00"},null,"Epal dim. 80x120",16,0,{"v":0.464,"d":"0.46"},6.72,120,55.68,830]
["CEDIT","CROMATICA","SL","Pezzi Speciali      ","6x24 SP.6MM","LUCIDO",null,757494,"CROMATICA BIANCO SF.LUC.6MM 6x24","6,0000","8032842189553","69072100","UGL","PZ",{"v":11.5,"d":"11.50"},null,"Epal dim. 80x120",32,0,{"v":0.448,"d":"0.45"},6.72,120,53.76,830]
["CEDIT","CROMATICA","SL","Pezzi Speciali      ","6x24 SP.6MM","LUCIDO",null,757495,"CROMATICA GRIGIO SF.LUC.6MM 6x24","6,0000","8032842189560","69072100","UGL","PZ",{"v":11.5,"d":"11.50"},null,"Epal dim. 80x120",32,0,{"v":0.448,"d":"0.45"},6.72,120,53.76,830]
["CEDIT","CROMATICA","SL","Pezzi Speciali      ","6x24 SP.6MM","LUCIDO",null,757496,"CROMATICA ROSA LUC.6MM 6x24","6,0000","8032842189577","69072100","UGL","PZ",{"v":11.5,"d":"11.50"},null,"Epal dim. 80x120",32,0,{"v":0.448,"d":"0.45"},6.72,120,53.76,830]
["CEDIT","CROMATICA","SL","Pezzi Speciali      ","6x24 SP.6MM","LUCIDO",null,757497,"CROMATICA VERDE LUC.6MM 6x24","6,0000","8032842189584","69072100","UGL","PZ",{"v":11.5,"d":"11.50"},null,"Epal dim. 80x120",32,0,{"v":0.448,"d":"0.45"},6.72,120,53.76,830]
["CEDIT","CROMATICA","SL","Pezzi Speciali      ","6x24 SP.6MM","LUCIDO",null,757498,"CROMATICA OPALE LUC.6MM 6x24","6,0000","8032842189591","69072100","UGL","PZ",{"v":11.5,"d":"11.50"},null,"Epal dim. 80x120",32,0,{"v":0.448,"d":"0.45"},6.72,120,53.76,830]
["CEDIT","CROMATICA","SL","Pezzi Speciali      ","6x24 SP.6MM","LUCIDO",null,757499,"CROMATICA COBALTO LUC.6MM 6x24","6,0000","8032842189607","69072100","UGL","PZ",{"v":11.5,"d":"11.50"},null,"Epal dim. 80x120",32,0,{"v":0.448,"d":"0.45"},6.72,120,53.76,830]
["CEDIT","CROMATICA","SL","Pezzi Speciali      ","6x24 SP.6MM","MATT - NATURALE",null,757500,"CROMATICA BIANCO SF.OPA.6MM 6x24","6,0000","8032842189485","69072100","UGL","PZ",{"v":9,"d":"9.00"},null,"Epal dim. 80x120",32,0,{"v":0.448,"d":"0.45"},6.72,120,53.76,830]
["CEDIT","CROMATICA","SL","Pezzi Speciali      ","6x24 SP.6MM","MATT - NATURALE",null,757501,"CROMATICA GRIGIO SF.OPA.6MM 6x24","6,0000","8032842189508","69072100","UGL","PZ",{"v":9,"d":"9.00"},null,"Epal dim. 80x120",32,0,{"v":0.448,"d":"0.45"},6.72,120,53.76,830]
["CEDIT","CROMATICA","SL","Pezzi Speciali      ","6x24 SP.6MM","MATT - NATURALE",null,757502,"CROMATICA ROSA SF.OPA.6MM 6x24","6,0000","8032842189515","69072100","UGL","PZ",{"v":9,"d":"9.00"},null,"Epal dim. 80x120",32,0,{"v":0.448,"d":"0.45"},6.72,120,53.76,830]
["CEDIT","CROMATICA","SL","Pezzi Speciali      ","6x24 SP.6MM","MATT - NATURALE",null,757503,"CROMATICA VERDE SF.OPA.6MM 6x24","6,0000","8032842189522","69072100","UGL","PZ",{"v":9,"d":"9.00"},null,"Epal dim. 80x120",32,0,{"v":0.448,"d":"0.45"},6.72,120,53.76,830]
["CEDIT","CROMATICA","SL","Pezzi Speciali      ","6x24 SP.6MM","MATT - NATURALE",null,757504,"CROMATICA OPALE SF.OPA.6MM 6x24","6,0000","8032842189539","69072100","UGL","PZ",{"v":9,"d":"9.00"},null,"Epal dim. 80x120",32,0,{"v":0.448,"d":"0.45"},6.72,120,53.76,830]
["CEDIT","CROMATICA","SL","Pezzi Speciali      ","6x24 SP.6MM","MATT - NATURALE",null,757505,"CROMATICA COBALTO SF.OPA.6MM 6x24","6,0000","8032842189546","69072100","UGL","PZ",{"v":9,"d":"9.00"},null,"Epal dim. 80x120",32,0,{"v":0.448,"d":"0.45"},6.72,120,53.76,830]
["CEDIT","EURIDICE","SL","Fondi","120X120 SP.6MM","MATT - NATURALE",null,752574,"EURIDICE TELA 6MM 120X120 RET","6,0000","8032842205918","69072100","UGL","M2",{"v":98,"d":"98.00"},null,"Cassa cm 135x144h65(120x120)",{"$nulls":7},2.88,41.702,80,24,69.12,1080]
["CEDIT","EURIDICE","SL","Fondi","120X240 SP.6MM","MATT - NATURALE",null,752134,"EURIDICE TELA 6MM 120X240RET","6,0000","8032842173033","69072100","UGL","M2",{"v":113,"d":"113.00"},null,"Cassa cm 136x263xh34",{"$nulls":7},2.88,41.702,107,20,57.6,940]
["CEDIT","EURIDICE","SL","Fondi","120X240 SP.6MM","MATT - NATURALE",null,752557,"EURIDICE ORIZZON.QUADRATO 6MM 120X240RET","6,0000","8032842177116","69072100","UGL","PZ",{"v":1030,"d":"1030.00"},null,"Cassa cm 136x263xh34",{"$nulls":7},2.882,41.7,107,20,57.64,940]
["CEDIT","EURIDICE","SL","Fondi","120X240 SP.6MM","MATT - NATURALE",null,752568,"EURIDICE OBLIQUO VERTICALE 6MM 120X240RE","6,0000","8032842177123","69072100","UGL","PZ",{"v":1030,"d":"1030.00"},null,"Cassa cm 136x263xh34",{"$nulls":7},2.882,41.7,107,20,57.64,940]
["CEDIT","EURIDICE","SL","Fondi","120X240 SP.6MM","MATT - NATURALE",null,752571,"EURIDICE OBLIQUO 6MM 120X240RE","6,0000","8032842177130","69072100","UGL","PZ",{"v":1030,"d":"1030.00"},null,"Cassa cm 136x263xh34",{"$nulls":7},2.882,41.7,107,20,57.64,940]
["CEDIT","EURIDICE","SL","Fondi","120X240 SP.6MM","MATT - NATURALE",null,752572,"EURIDICE ORIZZONTALE LUNGO 6MM 120X240RE","6,0000","8032842177147","69072100","UGL","PZ",{"v":1030,"d":"1030.00"},null,"Cassa cm 136x263xh34",{"$nulls":7},2.882,41.7,107,20,57.64,940]
["CEDIT","EURIDICE","SL","Fondi","120X240 SP.6MM","MATT - NATURALE",null,752573,"EURIDICE DISCENDENTE 6MM 120X240RE","6,0000","8032842177154","69072100","UGL","PZ",{"v":1030,"d":"1030.00"},null,"Cassa cm 136x263xh34",{"$nulls":7},2.882,41.7,107,20,57.64,940]
["CEDIT","EURIDICE","SL","Fondi","60X120 SP.6MM","MATT - NATURALE",null,752575,"EURIDICE TELA 6MM 60X120 RET","6,0000","8032842168787","69072100","UGL","M2",{"v":95,"d":"95.00"},null,"Epal dim. 80x120",3,0,2.16,{"v":31.277,"d":"31.28"},30,64.8,960]
["CEDIT","EURIDICE","SL","Pezzi Speciali      ","4,6X60 BS SP.6MM","MATT - NATURALE",null,752576,"EURIDICE TELA 6MM 4,6X60 BS","6,0000","8032842170605","69074000","UGL","M",{"v":18.5,"d":"18.50"},null,"Epal dim. 80x120",24,14.4,{"v":1.104,"d":"1.10"},8.64,80,88.32,1180]
["CEDIT","MATRICE","SL","Decori              ","120X120 SP.6MM","MATT - NATURALE",null,752731,"MATRICE TRAMA 1 B1 6MM 120X120 RET","6,0000","8032842180543","69072100","UGL","M2",{"v":435,"d":"435.00"},null,"Cassa cm 135x144h65(120x120)",{"$nulls":7},2.88,41.702,80,24,69.12,1080]
["CEDIT","MATRICE","SL","Decori              ","120X120 SP.6MM","MATT - NATURALE",null,752732,"MATRICE TRAMA 1 B2 6MM 120X120 RET","6,0000","8032842180550","69072100","UGL","M2",{"v":435,"d":"435.00"},null,"Cassa cm 135x144h65(120x120)",{"$nulls":7},2.88,41.702,80,24,69.12,1080]
["CEDIT","MATRICE","SL","Decori              ","120X120 SP.6MM","MATT - NATURALE",null,752733,"MATRICE TRAMA 1 B3 6MM 120X120 RET","6,0000","8032842180567","69072100","UGL","M2",{"v":435,"d":"435.00"},null,"Cassa cm 135x144h65(120x120)",{"$nulls":7},2.88,41.702,80,24,69.12,1080]
["CEDIT","MATRICE","SL","Decori              ","120X240 SP.6MM","MATT - NATURALE",null,752728,"MATRICE TRAMA 1 A1 6MM 120X240 RET","6,0000","8032842180512","69072100","UGL","M2",{"v":435,"d":"435.00"},null,"Cassa cm 136x263xh34",{"$nulls":7},2.88,41.702,107,20,57.6,940]
["CEDIT","MATRICE","SL","Decori              ","120X240 SP.6MM","MATT - NATURALE",null,752729,"MATRICE TRAMA 1 A2 6MM 120X240 RET","6,0000","8032842180529","69072100","UGL","M2",{"v":435,"d":"435.00"},null,"Cassa cm 136x263xh34",{"$nulls":7},2.88,41.702,107,20,57.6,940]
["CEDIT","MATRICE","SL","Decori              ","120X240 SP.6MM","MATT - NATURALE",null,752730,"MATRICE TRAMA 1 A3 6MM 120X240 RET","6,0000","8032842180536","69072100","UGL","M2",{"v":435,"d":"435.00"},null,"Cassa cm 136x263xh34",{"$nulls":7},2.88,41.702,107,20,57.6,940]
["CEDIT","MATRICE","SL","Decori              ","60X120 SP.6MM","MATT - NATURALE",null,752734,"MATRICE TRAMA 1 C1 6MM 60X120 RET","6,0000","8032842180574","69072100","UGL","M2",{"v":435,"d":"435.00"},null,"Epal dim. 80x120",3,0,2.16,{"v":31.277,"d":"31.28"},30,64.8,960]
["CEDIT","MATRICE","SL","Decori              ","60X120 SP.6MM","MATT - NATURALE",null,752735,"MATRICE TRAMA 1 C2 6MM 60X120 RET","6,0000","8032842180581","69072100","UGL","M2",{"v":435,"d":"435.00"},null,"Epal dim. 80x120",3,0,2.16,{"v":31.277,"d":"31.28"},30,64.8,960]
["CEDIT","MATRICE","SL","Decori              ","60X120 SP.6MM","MATT - NATURALE",null,752736,"MATRICE TRAMA 1 C3 6MM 60X120 RET","6,0000","8032842180598","69072100","UGL","M2",{"v":435,"d":"435.00"},null,"Epal dim. 80x120",3,0,2.16,{"v":31.277,"d":"31.28"},30,64.8,960]
["CEDIT","MATRICE","SL","Fondi","120X120 SP.6MM","MATT - NATURALE",null,752723,"MATRICE ESSENZA 6MM 120X120 RET","6,0000","8032842172531","69072100","UGL","M2",{"v":98,"d":"98.00"},null,"Cassa cm 135x144h65(120x120)",{"$nulls":7},2.88,41.702,80,24,69.12,1080]
["CEDIT","MATRICE","SL","Fondi","120X120 SP.6MM","MATT - NATURALE",null,752724,"MATRICE SOSTANZA 6MM 120X120 RET","6,0000","8032842172524","69072100","UGL","M2",{"v":98,"d":"98.00"},null,"Cassa cm 135x144h65(120x120)",{"$nulls":7},2.88,41.702,80,24,69.12,1080]
["CEDIT","MATRICE","SL","Fondi","120X240 SP.6MM","MATT - NATURALE",null,752135,"MATRICE ESSENZA 6MM 120X240RET","6,0000","8032842173026","69072100","UGL","M2",{"v":113,"d":"113.00"},null,"Cassa cm 136x263xh34",{"$nulls":7},2.88,41.702,107,20,57.6,940]
["CEDIT","MATRICE","SL","Fondi","120X240 SP.6MM","MATT - NATURALE",null,752136,"MATRICE SOSTANZA 6MM 120X240 RET","6,0000","8032842173019","69072100","UGL","M2",{"v":113,"d":"113.00"},null,"Cassa cm 136x263xh34",{"$nulls":7},2.88,41.702,107,20,57.6,940]
["CEDIT","MATRICE","SL","Fondi","60X120 SP.6MM","MATT - NATURALE",null,752725,"MATRICE ESSENZA 6MM 60X120 RET","6,0000","8032842172517","69072100","UGL","M2",{"v":95,"d":"95.00"},null,"Epal dim. 80x120",3,0,2.16,{"v":31.277,"d":"31.28"},30,64.8,960]
["CEDIT","MATRICE","SL","Fondi","60X120 SP.6MM","MATT - NATURALE",null,752726,"MATRICE SOSTANZA 6MM 60X120 RET","6,0000","8032842172500","69072100","UGL","M2",{"v":95,"d":"95.00"},null,"Epal dim. 80x120",3,0,2.16,{"v":31.277,"d":"31.28"},30,64.8,960]
["CEDIT","MATRICE","TI","Decori              ","20x80","MATT - NATURALE",null,752716,"MATRICE ESSENZA 20x80 RET","9,0000","8032842177741","69072100","UGL","M2",{"v":100,"d":"100.00"},null,"Epal dim. 80x120",6,0,0.96,{"v":21.408,"d":"21.41"},48,46.08,1060]
["CEDIT","MATRICE","TI","Decori              ","20x80","MATT - NATURALE",null,752717,"MATRICE SOSTANZA 20X80 RET","9,0000","8032842177758","69072100","UGL","M2",{"v":100,"d":"100.00"},null,"Epal dim. 80x120",6,0,0.96,{"v":21.408,"d":"21.41"},48,46.08,1060]
["CEDIT","MATRICE","TI","Decori              ","20x80","MATT - NATURALE",null,752719,"MATRICE STRUTTURA 20X80 RET","9,0000","8032842177772","69072100","UGL","M2",{"v":100,"d":"100.00"},null,"Epal dim. 80x120",6,0,0.96,{"v":21.408,"d":"21.41"},48,46.08,1060]
["CEDIT","MATRICE","TI","Decori              ","20x80","MATT - NATURALE",null,752720,"MATRICE RILIEVO 20X80 RET","9,0000","8032842177789","69072100","UGL","M2",{"v":100,"d":"100.00"},null,"Epal dim. 80x120",6,0,0.96,{"v":21.408,"d":"21.41"},48,46.08,1060]
["CEDIT","MATRICE","TI","Decori              ","20x80","MATT - NATURALE",null,752721,"MATRICE FORMA 20X80 RET","9,0000","8032842177796","69072100","UGL","M2",{"v":100,"d":"100.00"},null,"Epal dim. 80x120",6,0,0.96,{"v":21.408,"d":"21.41"},48,46.08,1060]
["CEDIT","MATRICE","TI","Decori              ","20x80","MATT - NATURALE",null,752722,"MATRICE TRACCIA 20X80 RET","9,0000","8032842177802","69072100","UGL","M2",{"v":100,"d":"100.00"},null,"Epal dim. 80x120",6,0,0.96,{"v":21.408,"d":"21.41"},48,46.08,1060]
["CEDIT","MATRICE","TI","Decori              ","20x80","MATT - NATURALE",null,752749,"MATRICE TRAMA 2 H1 20X80 RET","9,0000","8032842180635","69072100","UGL","M2",{"v":298,"d":"298.00"},null,"Epal dim. 80x120",6,0,0.96,{"v":21.408,"d":"21.41"},48,46.08,1060]
["CEDIT","MATRICE","TI","Decori              ","20x80","MATT - NATURALE",null,752750,"MATRICE TRAMA 2 H2 20X80 RET","9,0000","8032842180642","69072100","UGL","M2",{"v":298,"d":"298.00"},null,"Epal dim. 80x120",6,0,0.96,{"v":21.408,"d":"21.41"},48,46.08,1060]
["CEDIT","MATRICE","TI","Decori              ","20x80","MATT - NATURALE",null,752751,"MATRICE TRAMA 2 H3 20X80 RET","9,0000","8032842180659","69072100","UGL","M2",{"v":298,"d":"298.00"},null,"Epal dim. 80x120",6,0,0.96,{"v":21.408,"d":"21.41"},48,46.08,1060]
["CEDIT","MATRICE","TI","Decori              ","20x80","MATT - NATURALE",null,752785,"MATRICE TRAMA 3 H4 AZZURRO 20X80 RET","9,0000","8032842183636","69072100","GL","M2",{"v":550,"d":"550.00"},null,"Epal dim. 80x120",6,0,0.96,{"v":21.408,"d":"21.41"},48,46.08,1060]
["CEDIT","MATRICE","TI","Decori              ","20x80","MATT - NATURALE",null,752786,"MATRICE TRAMA 3 H4 SOLE 20X80 RET","9,0000","8032842183643","69072100","GL","M2",{"v":550,"d":"550.00"},null,"Epal dim. 80x120",6,0,0.96,{"v":21.408,"d":"21.41"},48,46.08,1060]
["CEDIT","MATRICE","TI","Decori              ","20x80","MATT - NATURALE",null,752787,"MATRICE TRAMA 3 H4 VERMIGLIO 20X80 RET","9,0000","8032842183650","69072100","GL","M2",{"v":550,"d":"550.00"},null,"Epal dim. 80x120",6,0,0.96,{"v":21.408,"d":"21.41"},48,46.08,1060]
["CEDIT","MATRICE","TI","Decori              ","20x80","MATT - NATURALE",null,752788,"MATRICE TRAMA 3 H5 AZZURRO 20X80 RET","9,0000","8032842183667","69072100","GL","M2",{"v":550,"d":"550.00"},null,"Epal dim. 80x120",6,0,0.96,{"v":21.408,"d":"21.41"},48,46.08,1060]
["CEDIT","MATRICE","TI","Decori              ","20x80","MATT - NATURALE",null,752789,"MATRICE TRAMA 3 H5 SOLE 20X80 RET","9,0000","8032842183674","69072100","GL","M2",{"v":550,"d":"550.00"},null,"Epal dim. 80x120",6,0,0.96,{"v":21.408,"d":"21.41"},48,46.08,1060]
["CEDIT","MATRICE","TI","Decori              ","20x80","MATT - NATURALE",null,752790,"MATRICE TRAMA 3 H5 VERMIGLIO 20X80 RET","9,0000","8032842183681","69072100","GL","M2",{"v":550,"d":"550.00"},null,"Epal dim. 80x120",6,0,0.96,{"v":21.408,"d":"21.41"},48,46.08,1060]
["CEDIT","MATRICE","TI","Decori              ","20x80","MATT - NATURALE",null,752791,"MATRICE TRAMA 3 H6 AZZURRO 20X80 RET","9,0000","8032842183698","69072100","GL","M2",{"v":550,"d":"550.00"},null,"Epal dim. 80x120",6,0,0.96,{"v":21.408,"d":"21.41"},48,46.08,1060]
["CEDIT","MATRICE","TI","Decori              ","20x80","MATT - NATURALE",null,752792,"MATRICE TRAMA 3 H6 SOLE 20X80 RET","9,0000","8032842183704","69072100","GL","M2",{"v":550,"d":"550.00"},null,"Epal dim. 80x120",6,0,0.96,{"v":21.408,"d":"21.41"},48,46.08,1060]
["CEDIT","MATRICE","TI","Decori              ","20x80","MATT - NATURALE",null,752793,"MATRICE TRAMA 3 H6 VERMIGLIO 20X80 RET","9,0000","8032842183711","69072100","GL","M2",{"v":550,"d":"550.00"},null,"Epal dim. 80x120",6,0,0.96,{"v":21.408,"d":"21.41"},48,46.08,1060]
["CEDIT","MATRICE","TI","Decori              ","20x80","SMOOTH",null,752718,"MATRICE AURA 20X80 RET","9,0000","8032842177765","69072100","UGL","M2",{"v":100,"d":"100.00"},null,"Epal dim. 80x120",6,0,0.96,{"v":21.408,"d":"21.41"},48,46.08,1060]
["CEDIT","MATRICE","TI","Decori              ","40X80","MATT - NATURALE",null,752746,"MATRICE TRAMA 2 G1 40X80 RET","9,0000","8032842180604","69072100","UGL","M2",{"v":298,"d":"298.00"},null,"Epal dim. 80x120",3,0,0.96,{"v":20.448,"d":"20.45"},28,26.88,600]
["CEDIT","MATRICE","TI","Decori              ","40X80","MATT - NATURALE",null,752747,"MATRICE TRAMA 2 G2 40X80 RET","9,0000","8032842180611","69072100","UGL","M2",{"v":298,"d":"298.00"},null,"Epal dim. 80x120",3,0,0.96,{"v":20.448,"d":"20.45"},28,26.88,600]
["CEDIT","MATRICE","TI","Decori              ","40X80","MATT - NATURALE",null,752748,"MATRICE TRAMA 2 G3 40X80 RET","9,0000","8032842180628","69072100","UGL","M2",{"v":298,"d":"298.00"},null,"Epal dim. 80x120",3,0,0.96,{"v":20.448,"d":"20.45"},28,26.88,600]
["CEDIT","MATRICE","TI","Decori              ","40X80","MATT - NATURALE",null,752776,"MATRICE TRAMA 3 G4 AZZURRO 40X80 RET","9,0000","8032842180406","69072100","GL","M2",{"v":550,"d":"550.00"},null,"Epal dim. 80x120",3,0,0.96,{"v":20.448,"d":"20.45"},28,26.88,600]
["CEDIT","MATRICE","TI","Decori              ","40X80","MATT - NATURALE",null,752777,"MATRICE TRAMA 3 G4 SOLE 40X80 RET","9,0000","8032842180413","69072100","GL","M2",{"v":550,"d":"550.00"},null,"Epal dim. 80x120",3,0,0.96,{"v":20.448,"d":"20.45"},28,26.88,600]
["CEDIT","MATRICE","TI","Decori              ","40X80","MATT - NATURALE",null,752778,"MATRICE TRAMA 3 G4 VERMIGLIO 40X80 RET","9,0000","8032842180420","69072100","GL","M2",{"v":550,"d":"550.00"},null,"Epal dim. 80x120",3,0,0.96,{"v":20.448,"d":"20.45"},28,26.88,600]
["CEDIT","MATRICE","TI","Decori              ","40X80","MATT - NATURALE",null,752779,"MATRICE TRAMA 3 G5 AZZURRO 40X80 RET","9,0000","8032842180437","69072100","GL","M2",{"v":550,"d":"550.00"},null,"Epal dim. 80x120",3,0,0.96,{"v":20.448,"d":"20.45"},28,26.88,600]
["CEDIT","MATRICE","TI","Decori              ","40X80","MATT - NATURALE",null,752780,"MATRICE TRAMA 3 G5 SOLE 40X80 RET","9,0000","8032842180444","69072100","GL","M2",{"v":550,"d":"550.00"},null,"Epal dim. 80x120",3,0,0.96,{"v":20.448,"d":"20.45"},28,26.88,600]
["CEDIT","MATRICE","TI","Decori              ","40X80","MATT - NATURALE",null,752781,"MATRICE TRAMA 3 G5 VERMIGLIO 40X80 RET","9,0000","8032842180451","69072100","GL","M2",{"v":550,"d":"550.00"},null,"Epal dim. 80x120",3,0,0.96,{"v":20.448,"d":"20.45"},28,26.88,600]
["CEDIT","MATRICE","TI","Decori              ","40X80","MATT - NATURALE",null,752782,"MATRICE TRAMA 3 G6 AZZURRO 40X80 RET","9,0000","8032842180468","69072100","GL","M2",{"v":550,"d":"550.00"},null,"Epal dim. 80x120",3,0,0.96,{"v":20.448,"d":"20.45"},28,26.88,600]
["CEDIT","MATRICE","TI","Decori              ","40X80","MATT - NATURALE",null,752783,"MATRICE TRAMA 3 G6 SOLE 40X80 RET","9,0000","8032842180475","69072100","GL","M2",{"v":550,"d":"550.00"},null,"Epal dim. 80x120",3,0,0.96,{"v":20.448,"d":"20.45"},28,26.88,600]
["CEDIT","MATRICE","TI","Decori              ","40X80","MATT - NATURALE",null,752784,"MATRICE TRAMA 3 G6 VERMIGLIO 40X80 RET","9,0000","8032842180482","69072100","GL","M2",{"v":550,"d":"550.00"},null,"Epal dim. 80x120",3,0,0.96,{"v":20.448,"d":"20.45"},28,26.88,600]
["CEDIT","MATRICE","TI","Decori              ","80X80","MATT - NATURALE",null,752743,"MATRICE TRAMA 2 F1 80X80 RET","9,0000","8032842180666","69072100","UGL","M2",{"v":298,"d":"298.00"},null,"Epal dim. 80x120",2,0,1.28,{"v":27.264,"d":"27.26"},40,51.2,1120]
["CEDIT","MATRICE","TI","Decori              ","80X80","MATT - NATURALE",null,752744,"MATRICE TRAMA 2 F2 80X80 RET","9,0000","8032842180505","69072100","UGL","M2",{"v":298,"d":"298.00"},null,"Epal dim. 80x120",2,0,1.28,{"v":27.264,"d":"27.26"},40,51.2,1120]
["CEDIT","MATRICE","TI","Decori              ","80X80","MATT - NATURALE",null,752745,"MATRICE TRAMA 2 F3 80X80 RET","9,0000","8032842180673","69072100","UGL","M2",{"v":298,"d":"298.00"},null,"Epal dim. 80x120",2,0,1.28,{"v":27.264,"d":"27.26"},40,51.2,1120]
["CEDIT","MATRICE","TI","Decori              ","80X80","MATT - NATURALE",null,752770,"MATRICE TRAMA 3 F4 AZZURO 80X80 RET","9,0000","8032842180345","69072100","GL","M2",{"v":550,"d":"550.00"},null,"Epal dim. 80x120",2,0,1.28,{"v":27.264,"d":"27.26"},40,51.2,1120]
["CEDIT","MATRICE","TI","Decori              ","80X80","MATT - NATURALE",null,752771,"MATRICE TRAMA 3 F4 SOLE 80X80 RET","9,0000","8032842180352","69072100","GL","M2",{"v":550,"d":"550.00"},null,"Epal dim. 80x120",2,0,1.28,{"v":27.264,"d":"27.26"},40,51.2,1120]
["CEDIT","MATRICE","TI","Decori              ","80X80","MATT - NATURALE",null,752772,"MATRICE TRAMA 3 F4 VERMIGLIO 80X80 RET","9,0000","8032842180369","69072100","GL","M2",{"v":550,"d":"550.00"},null,"Epal dim. 80x120",2,0,1.28,{"v":27.264,"d":"27.26"},40,51.2,1120]
["CEDIT","MATRICE","TI","Decori              ","80X80","MATT - NATURALE",null,752773,"MATRICE TRAMA 3 F5 AZZURO 80X80 RET","9,0000","8032842180376","69072100","GL","M2",{"v":550,"d":"550.00"},null,"Epal dim. 80x120",2,0,1.28,{"v":27.264,"d":"27.26"},40,51.2,1120]
["CEDIT","MATRICE","TI","Decori              ","80X80","MATT - NATURALE",null,752774,"MATRICE TRAMA 3 F5 SOLE 80X80 RET","9,0000","8032842180383","69072100","GL","M2",{"v":550,"d":"550.00"},null,"Epal dim. 80x120",2,0,1.28,{"v":27.264,"d":"27.26"},40,51.2,1120]
["CEDIT","MATRICE","TI","Decori              ","80X80","MATT - NATURALE",null,752775,"MATRICE TRAMA 3 F5 VERMIGLIO 80X80 RET","9,0000","8032842180390","69072100","GL","M2",{"v":550,"d":"550.00"},null,"Epal dim. 80x120",2,0,1.28,{"v":27.264,"d":"27.26"},40,51.2,1120]
["CEDIT","MATRICE","TI","Fondi","40X80","MATT - NATURALE",null,752709,"MATRICE ESSENZA 40X80 RET","9,0000","8032842172609","69072100","UGL","M2",{"v":75,"d":"75.00"},null,"Epal dim. 80x120",3,0,0.96,{"v":18.528,"d":"18.53"},56,53.76,1070]
["CEDIT","MATRICE","TI","Fondi","40X80","MATT - NATURALE",null,752710,"MATRICE SOSTANZA 40X80 RET","9,0000","8032842172593","69072100","UGL","M2",{"v":75,"d":"75.00"},null,"Epal dim. 80x120",3,0,0.96,{"v":18.528,"d":"18.53"},56,53.76,1070]
["CEDIT","MATRICE","TI","Fondi","40X80","MATT - NATURALE",null,752712,"MATRICE STRUTTURA 40X80 RET","9,0000","8032842172579","69072100","UGL","M2",{"v":75,"d":"75.00"},null,"Epal dim. 80x120",3,0,0.96,{"v":18.528,"d":"18.53"},56,53.76,1070]
["CEDIT","MATRICE","TI","Fondi","40X80","MATT - NATURALE",null,752713,"MATRICE RILIEVO 40X80 RET","9,0000","8032842172562","69072100","UGL","M2",{"v":75,"d":"75.00"},null,"Epal dim. 80x120",3,0,0.96,{"v":18.528,"d":"18.53"},56,53.76,1070]
["CEDIT","MATRICE","TI","Fondi","40X80","MATT - NATURALE",null,752714,"MATRICE FORMA 40X80 RET","9,0000","8032842172555","69072100","UGL","M2",{"v":75,"d":"75.00"},null,"Epal dim. 80x120",3,0,0.96,{"v":18.528,"d":"18.53"},56,53.76,1070]
["CEDIT","MATRICE","TI","Fondi","40X80","MATT - NATURALE",null,752715,"MATRICE TRACCIA 40X80 RET","9,0000","8032842172548","69072100","UGL","M2",{"v":75,"d":"75.00"},null,"Epal dim. 80x120",3,0,0.96,{"v":20.448,"d":"20.45"},56,53.76,1180]
["CEDIT","MATRICE","TI","Fondi","40X80","SMOOTH",null,752711,"MATRICE AURA 40X80 RET","9,0000","8032842172586","69072100","UGL","M2",{"v":83,"d":"83.00"},null,"Epal dim. 80x120",3,0,0.96,{"v":18.528,"d":"18.53"},56,53.76,1070]
["CEDIT","MATRICE","TI","Fondi","80X80","MATT - NATURALE",null,752702,"MATRICE ESSENZA 80X80 RET","9,0000","8032842172678","69072100","UGL","M2",{"v":77,"d":"77.00"},null,"Epal dim. 80x120",2,0,1.28,24.96,40,51.2,1030]
["CEDIT","MATRICE","TI","Fondi","80X80","MATT - NATURALE",null,752703,"MATRICE SOSTANZA 80X80 RET","9,0000","8032842172661","69072100","UGL","M2",{"v":77,"d":"77.00"},null,"Epal dim. 80x120",2,0,1.28,24.96,40,51.2,1030]
["CEDIT","MATRICE","TI","Fondi","80X80","MATT - NATURALE",null,752705,"MATRICE STRUTTURA 80X80 RET","9,0000","8032842172647","69072100","UGL","M2",{"v":77,"d":"77.00"},null,"Epal dim. 80x120",2,0,1.28,24.96,40,51.2,1030]
["CEDIT","MATRICE","TI","Fondi","80X80","MATT - NATURALE",null,752706,"MATRICE RILIEVO 80X80 RET","9,0000","8032842172630","69072100","UGL","M2",{"v":77,"d":"77.00"},null,"Epal dim. 80x120",2,0,1.28,24.96,40,51.2,1030]
["CEDIT","MATRICE","TI","Fondi","80X80","MATT - NATURALE",null,752707,"MATRICE FORMA 80X80 RET","9,0000","8032842172623","69072100","UGL","M2",{"v":77,"d":"77.00"},null,"Epal dim. 80x120",2,0,1.28,24.96,40,51.2,1030]
["CEDIT","MATRICE","TI","Fondi","80X80","MATT - NATURALE",null,752708,"MATRICE TRACCIA 80X80 RET","9,0000","8032842172616","69072100","UGL","M2",{"v":77,"d":"77.00"},null,"Epal dim. 80x120",2,0,1.28,24.96,40,51.2,1030]
["CEDIT","MATRICE","TI","Fondi","80X80","SMOOTH",null,752704,"MATRICE AURA 80X80 RET","9,0000","8032842172654","69072100","UGL","M2",{"v":80,"d":"80.00"},null,"Epal dim. 80x120",2,0,1.28,24.96,40,51.2,1030]
["CEDIT","MATRICE","TI","Pezzi Speciali      ","4,6X80 BS","MATT - NATURALE",null,752727,"MATRICE ESSENZA BATTISC.4,6X80","9,0000","8032842170483","69074000","UGL","M",{"v":18.5,"d":"18.50"},null,"Epal dim. 80x120",12,9.6,{"v":0.552,"d":"0.55"},{"v":9.6,"d":"9.60"},80,44.16,990]
["CEDIT","POLICROMA","SL","Decori              ","120X120 SP.6MM","GLOSSY",null,764088,"POLICROMA ALPI TRIAN GLO 6MM 120X120 R","6,0000","8032842234451","69072100","GL","M2",{"v":229,"d":"229.00"},null,"Pallet cm 97x188xh70 (80x180)",2,0,1.44,{"v":20.851,"d":"20.85"},15,21.6,370]
["CEDIT","POLICROMA","SL","Decori              ","120X120 SP.6MM","GLOSSY",null,764089,"POLICROMA CIPOLL TRIAN GLO 6MM 120X120 R","6,0000","8032842234468","69072100","GL","M2",{"v":229,"d":"229.00"},null,"Pallet cm 97x188xh70 (80x180)",2,0,1.44,{"v":20.851,"d":"20.85"},15,21.6,370]
["CEDIT","POLICROMA","SL","Decori              ","120X120 SP.6MM","MATT - NATURALE",null,764066,"POLICROMA ALPI TRIAN MAT 6MM 120X120R","6,0000","8032842234413","69072100","UGL","M2",{"v":195,"d":"195.00"},null,"Pallet cm 97x188xh70 (80x180)",2,0,1.44,{"v":20.851,"d":"20.85"},15,21.6,370]
["CEDIT","POLICROMA","SL","Decori              ","120X120 SP.6MM","MATT - NATURALE",null,764067,"POLICROMA CIPOLLI TRIAN MAT 6MM 120X120R","6,0000","8032842234420","69072100","UGL","M2",{"v":195,"d":"195.00"},null,"Pallet cm 97x188xh70 (80x180)",2,0,1.44,{"v":20.851,"d":"20.85"},15,21.6,370]
["CEDIT","POLICROMA","SL","Decori              ","120X120 SP.6MM","MATT - NATURALE",null,764068,"POLICROMA CIPRIA TRIAN MAT 6MM 120X120R","6,0000","8032842234437","69072100","UGL","M2",{"v":195,"d":"195.00"},null,"Pallet cm 97x188xh70 (80x180)",2,0,1.44,{"v":20.851,"d":"20.85"},15,21.6,370]
["CEDIT","POLICROMA","SL","Decori              ","120X120 SP.6MM","MATT - NATURALE",null,764069,"POLICROMA LICHENE TRIAN MAT 6MM 120X120R","6,0000","8032842234444","69072100","UGL","M2",{"v":195,"d":"195.00"},null,"Pallet cm 97x188xh70 (80x180)",2,0,1.44,{"v":20.851,"d":"20.85"},15,21.6,370]
["CEDIT","POLICROMA","SL","Decori              ","120X120 SP.6MM","MATT - NATURALE",null,764098,"POLICROMA CORN BRECCIA MAT 6MM 120X120 R","6,0000","8032842224094","69072100","UGL","M2",{"v":298,"d":"298.00"},null,"Cassa cm 135x144h65(120x120)",{"$nulls":7},1.44,20.851,80,24,34.56,580]
["CEDIT","POLICROMA","SL","Decori              ","120X120 SP.6MM","MATT - NATURALE",null,764099,"POLICROMA CORN ALPI MAT 6MM 120X120 R","6,0000","8032842224100","69072100","UGL","M2",{"v":298,"d":"298.00"},null,"Cassa cm 135x144h65(120x120)",{"$nulls":7},1.44,20.851,80,24,34.56,580]
["CEDIT","POLICROMA","SL","Decori              ","120X120 SP.6MM","MATT - NATURALE",null,764100,"POLICROMA CORN CIPOLL MAT 6MM 120X120 R","6,0000","8032842224117","69072100","UGL","M2",{"v":298,"d":"298.00"},null,"Cassa cm 135x144h65(120x120)",{"$nulls":7},1.44,20.851,80,24,34.56,580]
["CEDIT","POLICROMA","SL","Decori              ","120X120 SP.6MM","MATT - NATURALE",null,764101,"POLICROMA CORN VALTOCE MAT 6MM 120X120 R","6,0000","8032842224124","69072100","UGL","M2",{"v":298,"d":"298.00"},null,"Cassa cm 135x144h65(120x120)",{"$nulls":7},1.44,20.851,80,24,34.56,580]
["CEDIT","POLICROMA","SL","Decori              ","120X120 SP.6MM","MATT - NATURALE",null,764102,"POLICROMA CORN CIPRIA MAT 6MM 120X120 R","6,0000","8032842224131","69072100","UGL","M2",{"v":298,"d":"298.00"},null,"Cassa cm 135x144h65(120x120)",{"$nulls":7},1.44,20.851,80,24,34.56,580]
["CEDIT","POLICROMA","SL","Decori              ","120X120 SP.6MM","MATT - NATURALE",null,764103,"POLICROMA CORN LICHENE MAT 6MM 120X120 R","6,0000","8032842224148","69072100","UGL","M2",{"v":298,"d":"298.00"},null,"Cassa cm 135x144h65(120x120)",{"$nulls":7},1.44,20.851,80,24,34.56,580]
["CEDIT","POLICROMA","SL","Decori              ","120X120 SP.6MM","MATT - NATURALE",null,764104,"POLICROMA CORN MATTONE MAT 6MM 120X120 R","6,0000","8032842224155","69072100","UGL","M2",{"v":298,"d":"298.00"},null,"Cassa cm 135x144h65(120x120)",{"$nulls":7},1.44,20.851,80,24,34.56,580]
["CEDIT","POLICROMA","SL","Decori              ","120X120 SP.6MM","MATT - NATURALE",null,764105,"POLICROMA CORN CONIFERA MAT 6MM 120X120R","6,0000","8032842224162","69072100","UGL","M2",{"v":298,"d":"298.00"},null,"Cassa cm 135x144h65(120x120)",{"$nulls":7},1.44,20.851,80,24,34.56,580]
["CEDIT","POLICROMA","SL","Decori              ","120X120 SP.6MM","MATT - NATURALE",null,764114,"POLICROMA ARCO BREC-CIP MAT 6MM 120X120R","6,0000","8032842224254","69072100","UGL","M2",{"v":298,"d":"298.00"},null,"Cassa cm 135x144h65(120x120)",{"$nulls":7},1.44,20.851,80,24,34.56,580]
["CEDIT","POLICROMA","SL","Decori              ","120X120 SP.6MM","MATT - NATURALE",null,764115,"POLICROMA ARCO ALPI-BRE MAT 6MM 120X120R","6,0000","8032842224261","69072100","UGL","M2",{"v":298,"d":"298.00"},null,"Cassa cm 135x144h65(120x120)",{"$nulls":7},1.44,20.851,80,24,34.56,580]
["CEDIT","POLICROMA","SL","Decori              ","120X120 SP.6MM","MATT - NATURALE",null,764116,"POLICROMA ARCO VALT-CIP MAT 6MM 120X120R","6,0000","8032842224278","69072100","UGL","M2",{"v":298,"d":"298.00"},null,"Cassa cm 135x144h65(120x120)",{"$nulls":7},1.44,20.851,80,24,34.56,580]
["CEDIT","POLICROMA","SL","Decori              ","120X120 SP.6MM","MATT - NATURALE",null,764117,"POLICROMA ARCO CIP-CONI MAT 6MM 120X120R","6,0000","8032842224285","69072100","UGL","M2",{"v":298,"d":"298.00"},null,"Cassa cm 135x144h65(120x120)",{"$nulls":7},1.44,20.851,80,24,34.56,580]
["CEDIT","POLICROMA","SL","Decori              ","120X120 SP.6MM","MATT - NATURALE",null,764118,"POLICROMA ARCO ALPI-LIC MAT 6MM 120X120R","6,0000","8032842224292","69072100","UGL","M2",{"v":298,"d":"298.00"},null,"Cassa cm 135x144h65(120x120)",{"$nulls":7},1.44,20.851,80,24,34.56,580]
["CEDIT","POLICROMA","SL","Decori              ","120X120 SP.6MM","MATT - NATURALE",null,764119,"POLICROMA ARCO BREC-MAT MAT 6MM 120X120R","6,0000","8032842224308","69072100","UGL","M2",{"v":298,"d":"298.00"},null,"Cassa cm 135x144h65(120x120)",{"$nulls":7},1.44,20.851,80,24,34.56,580]
["CEDIT","POLICROMA","SL","Decori              ","120X120 SP.6MM","MATT - NATURALE",null,764120,"POLICROMA ARCO LICH-CON MAT 6MM 120X120R","6,0000","8032842224315","69072100","UGL","M2",{"v":298,"d":"298.00"},null,"Cassa cm 135x144h65(120x120)",{"$nulls":7},1.44,20.851,80,24,34.56,580]
["CEDIT","POLICROMA","SL","Decori              ","120X120 SP.6MM","MATT - NATURALE",null,764121,"POLICROMA ARCO  MAT-CIP MAT 6MM 120X120R","6,0000","8032842224322","69072100","UGL","M2",{"v":298,"d":"298.00"},null,"Cassa cm 135x144h65(120x120)",{"$nulls":7},1.44,20.851,80,24,34.56,580]
["CEDIT","POLICROMA","SL","Decori              ","120X120 SP.6MM","MATT - NATURALE",null,764130,"POLICROMA VOLTA BRE-CIP MAT 6MM 120X120R","6,0000","8032842224414","69072100","UGL","M2",{"v":298,"d":"298.00"},null,"Cassa cm 135x144h65(120x120)",{"$nulls":7},1.44,20.851,80,24,34.56,580]
["CEDIT","POLICROMA","SL","Decori              ","120X120 SP.6MM","MATT - NATURALE",null,764131,"POLICROMA VOLTA ALP-BRE MAT 6MM 120X120R","6,0000","8032842224421","69072100","UGL","M2",{"v":298,"d":"298.00"},null,"Cassa cm 135x144h65(120x120)",{"$nulls":7},1.44,20.851,80,24,34.56,580]
["CEDIT","POLICROMA","SL","Decori              ","120X120 SP.6MM","MATT - NATURALE",null,764132,"POLICROMA VOLTA VAL-CIP MAT 6MM 120X120R","6,0000","8032842224438","69072100","UGL","M2",{"v":298,"d":"298.00"},null,"Cassa cm 135x144h65(120x120)",{"$nulls":7},1.44,20.851,80,24,34.56,580]
["CEDIT","POLICROMA","SL","Decori              ","120X120 SP.6MM","MATT - NATURALE",null,764133,"POLICROMA VOLTA CIP-CON MAT 6MM 120X120R","6,0000","8032842224445","69072100","UGL","M2",{"v":298,"d":"298.00"},null,"Cassa cm 135x144h65(120x120)",{"$nulls":7},1.44,20.851,80,24,34.56,580]
["CEDIT","POLICROMA","SL","Decori              ","120X120 SP.6MM","MATT - NATURALE",null,764134,"POLICROMA VOLTA ALP-LIC MAT 6MM 120X120R","6,0000","8032842224452","69072100","UGL","M2",{"v":298,"d":"298.00"},null,"Cassa cm 135x144h65(120x120)",{"$nulls":7},1.44,20.851,80,24,34.56,580]
["CEDIT","POLICROMA","SL","Decori              ","120X120 SP.6MM","MATT - NATURALE",null,764135,"POLICROMA VOLTA BRE-MAT MAT 6MM 120X120R","6,0000","8032842224469","69072100","UGL","M2",{"v":298,"d":"298.00"},null,"Cassa cm 135x144h65(120x120)",{"$nulls":7},1.44,20.851,80,24,34.56,580]
["CEDIT","POLICROMA","SL","Decori              ","120X120 SP.6MM","MATT - NATURALE",null,764136,"POLICROMA VOLTA LIC-CON MAT 6MM 120X120R","6,0000","8032842224476","69072100","UGL","M2",{"v":298,"d":"298.00"},null,"Cassa cm 135x144h65(120x120)",{"$nulls":7},1.44,20.851,80,24,34.56,580]
["CEDIT","POLICROMA","SL","Decori              ","120X120 SP.6MM","MATT - NATURALE",null,764137,"POLICROMA VOLTA MAT-CIP MAT 6MM 120X120R","6,0000","8032842224483","69072100","UGL","M2",{"v":298,"d":"298.00"},null,"Cassa cm 135x144h65(120x120)",{"$nulls":7},1.44,20.851,80,24,34.56,580]
["CEDIT","POLICROMA","SL","Decori              ","120X240 SP.6MM","MATT - NATURALE",null,764090,"POLICROMA CORN BRECCIA MAT 6MM 120X240 R","6,0000","8032842224018","69072100","UGL","M2",{"v":298,"d":"298.00"},null,"Cassa cm 136x263xh34",{"$nulls":7},2.88,41.702,107,20,57.6,940]
["CEDIT","POLICROMA","SL","Decori              ","120X240 SP.6MM","MATT - NATURALE",null,764091,"POLICROMA CORN ALPI MAT 6MM 120X240 R","6,0000","8032842224025","69072100","UGL","M2",{"v":298,"d":"298.00"},null,"Cassa cm 136x263xh34",{"$nulls":7},2.88,41.702,107,20,57.6,940]
["CEDIT","POLICROMA","SL","Decori              ","120X240 SP.6MM","MATT - NATURALE",null,764092,"POLICROMA CORN CIPOLL MAT 6MM 120X240 R","6,0000","8032842224032","69072100","UGL","M2",{"v":298,"d":"298.00"},null,"Cassa cm 136x263xh34",{"$nulls":7},2.88,41.702,107,20,57.6,940]
["CEDIT","POLICROMA","SL","Decori              ","120X240 SP.6MM","MATT - NATURALE",null,764093,"POLICROMA CORN VALTOCE MAT 6MM 120X240 R","6,0000","8032842224049","69072100","UGL","M2",{"v":298,"d":"298.00"},null,"Cassa cm 136x263xh34",{"$nulls":7},2.88,41.702,107,20,57.6,940]
["CEDIT","POLICROMA","SL","Decori              ","120X240 SP.6MM","MATT - NATURALE",null,764094,"POLICROMA CORN CIPRIA MAT 6MM 120X240 R","6,0000","8032842224056","69072100","UGL","M2",{"v":298,"d":"298.00"},null,"Cassa cm 136x263xh34",{"$nulls":7},2.88,41.702,107,20,57.6,940]
["CEDIT","POLICROMA","SL","Decori              ","120X240 SP.6MM","MATT - NATURALE",null,764095,"POLICROMA CORN LICHENE MAT 6MM 120X240 R","6,0000","8032842224063","69072100","UGL","M2",{"v":298,"d":"298.00"},null,"Cassa cm 136x263xh34",{"$nulls":7},2.88,41.702,107,20,57.6,940]
["CEDIT","POLICROMA","SL","Decori              ","120X240 SP.6MM","MATT - NATURALE",null,764096,"POLICROMA CORN MATTONE MAT 6MM 120X240 R","6,0000","8032842224070","69072100","UGL","M2",{"v":298,"d":"298.00"},null,"Cassa cm 136x263xh34",{"$nulls":7},2.88,41.702,107,20,57.6,940]
["CEDIT","POLICROMA","SL","Decori              ","120X240 SP.6MM","MATT - NATURALE",null,764097,"POLICROMA CORN CONIFERA MAT 6MM 120X240R","6,0000","8032842224087","69072100","UGL","M2",{"v":298,"d":"298.00"},null,"Cassa cm 136x263xh34",{"$nulls":7},2.88,41.702,107,20,57.6,940]
["CEDIT","POLICROMA","SL","Decori              ","120X240 SP.6MM","MATT - NATURALE",null,764106,"POLICROMA ARCO BREC-CIP MAT 6MM 120X240R","6,0000","8032842224179","69072100","UGL","M2",{"v":298,"d":"298.00"},null,"Cassa cm 136x263xh34",{"$nulls":7},2.88,41.702,107,20,57.6,940]
["CEDIT","POLICROMA","SL","Decori              ","120X240 SP.6MM","MATT - NATURALE",null,764107,"POLICROMA ARCO ALPI-BRE MAT 6MM 120X240R","6,0000","8032842224186","69072100","UGL","M2",{"v":298,"d":"298.00"},null,"Cassa cm 136x263xh34",{"$nulls":7},2.88,41.702,107,20,57.6,940]
["CEDIT","POLICROMA","SL","Decori              ","120X240 SP.6MM","MATT - NATURALE",null,764108,"POLICROMA ARCO VALT-CIP MAT 6MM 120X240R","6,0000","8032842224193","69072100","UGL","M2",{"v":298,"d":"298.00"},null,"Cassa cm 136x263xh34",{"$nulls":7},2.88,41.702,107,20,57.6,940]
["CEDIT","POLICROMA","SL","Decori              ","120X240 SP.6MM","MATT - NATURALE",null,764109,"POLICROMA ARCO CIP-CONI MAT 6MM 120X240R","6,0000","8032842224209","69072100","UGL","M2",{"v":298,"d":"298.00"},null,"Cassa cm 136x263xh34",{"$nulls":7},2.88,41.702,107,20,57.6,940]
["CEDIT","POLICROMA","SL","Decori              ","120X240 SP.6MM","MATT - NATURALE",null,764110,"POLICROMA ARCO ALPI-LIC MAT 6MM 120X240R","6,0000","8032842224216","69072100","UGL","M2",{"v":298,"d":"298.00"},null,"Cassa cm 136x263xh34",{"$nulls":7},2.88,41.702,107,20,57.6,940]
["CEDIT","POLICROMA","SL","Decori              ","120X240 SP.6MM","MATT - NATURALE",null,764111,"POLICROMA ARCO BREC-MAT MAT 6MM 120X240R","6,0000","8032842224223","69072100","UGL","M2",{"v":298,"d":"298.00"},null,"Cassa cm 136x263xh34",{"$nulls":7},2.88,41.702,107,20,57.6,940]
["CEDIT","POLICROMA","SL","Decori              ","120X240 SP.6MM","MATT - NATURALE",null,764112,"POLICROMA ARCO LICH-CON MAT 6MM 120X240R","6,0000","8032842224230","69072100","UGL","M2",{"v":298,"d":"298.00"},null,"Cassa cm 136x263xh34",{"$nulls":7},2.88,41.702,107,20,57.6,940]
["CEDIT","POLICROMA","SL","Decori              ","120X240 SP.6MM","MATT - NATURALE",null,764113,"POLICROMA ARCO  MAT-CIP MAT 6MM 120X240R","6,0000","8032842224247","69072100","UGL","M2",{"v":298,"d":"298.00"},null,"Cassa cm 136x263xh34",{"$nulls":7},2.88,41.702,107,20,57.6,940]
["CEDIT","POLICROMA","SL","Decori              ","120X240 SP.6MM","MATT - NATURALE",null,764122,"POLICROMA VOLTA BRE-CIP MAT 6MM 120X240R","6,0000","8032842224339","69072100","UGL","M2",{"v":298,"d":"298.00"},null,"Cassa cm 136x263xh34",{"$nulls":7},2.88,41.702,107,20,57.6,940]
["CEDIT","POLICROMA","SL","Decori              ","120X240 SP.6MM","MATT - NATURALE",null,764123,"POLICROMA VOLTA ALP-BRE MAT 6MM 120X240R","6,0000","8032842224346","69072100","UGL","M2",{"v":298,"d":"298.00"},null,"Cassa cm 136x263xh34",{"$nulls":7},2.88,41.702,107,20,57.6,940]
["CEDIT","POLICROMA","SL","Decori              ","120X240 SP.6MM","MATT - NATURALE",null,764124,"POLICROMA VOLTA VAL-CIP MAT 6MM 120X240R","6,0000","8032842224353","69072100","UGL","M2",{"v":298,"d":"298.00"},null,"Cassa cm 136x263xh34",{"$nulls":7},2.88,41.702,107,20,57.6,940]
["CEDIT","POLICROMA","SL","Decori              ","120X240 SP.6MM","MATT - NATURALE",null,764125,"POLICROMA VOLTA CIP-CON MAT 6MM 120X240R","6,0000","8032842224360","69072100","UGL","M2",{"v":298,"d":"298.00"},null,"Cassa cm 136x263xh34",{"$nulls":7},2.88,41.702,107,20,57.6,940]
["CEDIT","POLICROMA","SL","Decori              ","120X240 SP.6MM","MATT - NATURALE",null,764126,"POLICROMA VOLTA ALP-LIC MAT 6MM 120X240R","6,0000","8032842224377","69072100","UGL","M2",{"v":298,"d":"298.00"},null,"Cassa cm 136x263xh34",{"$nulls":7},2.88,41.702,107,20,57.6,940]
["CEDIT","POLICROMA","SL","Decori              ","120X240 SP.6MM","MATT - NATURALE",null,764127,"POLICROMA VOLTA BRE-MAT MAT 6MM 120X240R","6,0000","8032842224384","69072100","UGL","M2",{"v":298,"d":"298.00"},null,"Cassa cm 136x263xh34",{"$nulls":7},2.88,41.702,107,20,57.6,940]
["CEDIT","POLICROMA","SL","Decori              ","120X240 SP.6MM","MATT - NATURALE",null,764128,"POLICROMA VOLTA LIC-CON MAT 6MM 120X240R","6,0000","8032842224391","69072100","UGL","M2",{"v":298,"d":"298.00"},null,"Cassa cm 136x263xh34",{"$nulls":7},2.88,41.702,107,20,57.6,940]
["CEDIT","POLICROMA","SL","Decori              ","120X240 SP.6MM","MATT - NATURALE",null,764129,"POLICROMA VOLTA MAT-CIP MAT 6MM 120X240R","6,0000","8032842224407","69072100","UGL","M2",{"v":298,"d":"298.00"},null,"Cassa cm 136x263xh34",{"$nulls":7},2.88,41.702,107,20,57.6,940]
["CEDIT","POLICROMA","SL","Decori              ","LISTELLO 12X120 SP.6MM","MATT - NATURALE",null,764146,"POLICROMA LISTEL LICHENE MAT 6MM 12X120R","6,0000","8032842224490","69072100","UGL","PZ",{"v":86,"d":"86.00"},null,"Pallet cm143x123x65 (120x120)",5,0,{"v":0.185,"d":"0.19"},{"v":10.2,"d":"10.20"},81,14.985,880]
["CEDIT","POLICROMA","SL","Decori              ","LISTELLO 12X120 SP.6MM","MATT - NATURALE",null,764147,"POLICROMA LISTEL CIPRIA MAT 6MM 12X120 R","6,0000","8032842224506","69072100","UGL","PZ",{"v":86,"d":"86.00"},null,"Pallet cm143x123x65 (120x120)",5,0,{"v":0.185,"d":"0.19"},{"v":10.2,"d":"10.20"},81,14.985,880]
["CEDIT","POLICROMA","SL","Fondi","120X120 SP.6MM","GLOSSY",null,764080,"POLICROMA BRECCIA GLO 6MM 120X120 RET","6,0000","8032842238206","69072100","GL","M2",{"v":127,"d":"127.00"},null,"Cassa cm 135x144h65(120x120)",{"$nulls":7},2.88,41.702,80,24,69.12,1080]
["CEDIT","POLICROMA","SL","Fondi","120X120 SP.6MM","GLOSSY",null,764081,"POLICROMA ALPI GLO 6MM 120X120 RET","6,0000","8032842238190","69072100","GL","M2",{"v":127,"d":"127.00"},null,"Cassa cm 135x144h65(120x120)",{"$nulls":7},2.88,41.702,80,24,69.12,1080]
["CEDIT","POLICROMA","SL","Fondi","120X120 SP.6MM","GLOSSY",null,764082,"POLICROMA CIPOLLINO GLO 6MM 120X120 RET","6,0000","8032842238183","69072100","GL","M2",{"v":127,"d":"127.00"},null,"Cassa cm 135x144h65(120x120)",{"$nulls":7},2.88,41.702,80,24,69.12,1080]
["CEDIT","POLICROMA","SL","Fondi","120X120 SP.6MM","GLOSSY",null,764083,"POLICROMA VALTOCE GLO 6MM 120X120 RET","6,0000","8032842238176","69072100","GL","M2",{"v":127,"d":"127.00"},null,"Cassa cm 135x144h65(120x120)",{"$nulls":7},2.88,41.702,80,24,69.12,1080]
["CEDIT","POLICROMA","SL","Fondi","120X120 SP.6MM","MATT - NATURALE",null,764053,"POLICROMA BRECCIA MAT 6MM 120X120 RET","6,0000","8032842238367","69072100","UGL","M2",{"v":98,"d":"98.00"},null,"Cassa cm 135x144h65(120x120)",{"$nulls":7},2.88,41.702,80,24,69.12,1080]
["CEDIT","POLICROMA","SL","Fondi","120X120 SP.6MM","MATT - NATURALE",null,764054,"POLICROMA ALPI MAT 6MM 120X120 RET","6,0000","8032842238350","69072100","UGL","M2",{"v":98,"d":"98.00"},null,"Cassa cm 135x144h65(120x120)",{"$nulls":7},2.88,41.702,80,24,69.12,1080]
["CEDIT","POLICROMA","SL","Fondi","120X120 SP.6MM","MATT - NATURALE",null,764055,"POLICROMA CIPOLLINO MAT 6MM 120X120 RET","6,0000","8032842238343","69072100","UGL","M2",{"v":98,"d":"98.00"},null,"Cassa cm 135x144h65(120x120)",{"$nulls":7},2.88,41.702,80,24,69.12,1080]
["CEDIT","POLICROMA","SL","Fondi","120X120 SP.6MM","MATT - NATURALE",null,764056,"POLICROMA VALTOCE MAT 6MM 120X120 RET","6,0000","8032842238336","69072100","UGL","M2",{"v":98,"d":"98.00"},null,"Cassa cm 135x144h65(120x120)",{"$nulls":7},2.88,41.702,80,24,69.12,1080]
["CEDIT","POLICROMA","SL","Fondi","120X120 SP.6MM","MATT - NATURALE",null,764057,"POLICROMA CIPRIA MAT 6MM 120X120 RET","6,0000","8032842238329","69072100","UGL","M2",{"v":98,"d":"98.00"},null,"Cassa cm 135x144h65(120x120)",{"$nulls":7},2.88,41.702,80,24,69.12,1080]
["CEDIT","POLICROMA","SL","Fondi","120X120 SP.6MM","MATT - NATURALE",null,764058,"POLICROMA LICHENE MAT 6MM 120X120 RET","6,0000","8032842238312","69072100","UGL","M2",{"v":98,"d":"98.00"},null,"Cassa cm 135x144h65(120x120)",{"$nulls":7},2.88,41.702,80,24,69.12,1080]
["CEDIT","POLICROMA","SL","Fondi","120X240 SP.6MM","GLOSSY",null,764070,"POLICROMA BRECCIA GLO 6MM 120X240 RET","6,0000","8032842238244","69072100","GL","M2",{"v":144,"d":"144.00"},null,"Cassa cm 136x263xh34",{"$nulls":7},2.88,41.702,107,20,57.6,940]
["CEDIT","POLICROMA","SL","Fondi","120X240 SP.6MM","GLOSSY",null,764072,"POLICROMA ALPI GLO 6MM 120X240 RET","6,0000","8032842238237","69072100","GL","M2",{"v":144,"d":"144.00"},null,"Cassa cm 136x263xh34",{"$nulls":7},2.88,41.702,107,20,57.6,940]
["CEDIT","POLICROMA","SL","Fondi","120X240 SP.6MM","GLOSSY",null,764073,"POLICROMA CIPOLLINO GLO 6MM 120X240 RET","6,0000","8032842238220","69072100","GL","M2",{"v":144,"d":"144.00"},null,"Cassa cm 136x263xh34",{"$nulls":7},2.88,41.702,107,20,57.6,940]
["CEDIT","POLICROMA","SL","Fondi","120X240 SP.6MM","GLOSSY",null,764074,"POLICROMA VALTOCE GLO 6MM 120X240 RET","6,0000","8032842238213","69072100","GL","M2",{"v":144,"d":"144.00"},null,"Cassa cm 136x263xh34",{"$nulls":7},2.88,41.702,107,20,57.6,940]
["CEDIT","POLICROMA","SL","Fondi","120X240 SP.6MM","MATT - NATURALE",null,764041,"POLICROMA BRECCIA MAT 6MM 120X240 RET","6,0000","8032842238411","69072100","UGL","M2",{"v":113,"d":"113.00"},null,"Cassa cm 136x263xh34",{"$nulls":7},2.88,41.702,107,20,57.6,940]
["CEDIT","POLICROMA","SL","Fondi","120X240 SP.6MM","MATT - NATURALE",null,764042,"POLICROMA ALPI MAT 6MM 120X240 RET","6,0000","8032842238404","69072100","UGL","M2",{"v":113,"d":"113.00"},null,"Cassa cm 136x263xh34",{"$nulls":7},2.88,41.702,107,20,57.6,940]
["CEDIT","POLICROMA","SL","Fondi","120X240 SP.6MM","MATT - NATURALE",null,764043,"POLICROMA CIPOLLINO MAT 6MM 120X240 RET","6,0000","8032842238398","69072100","UGL","M2",{"v":113,"d":"113.00"},null,"Cassa cm 136x263xh34",{"$nulls":7},2.88,41.702,107,20,57.6,940]
["CEDIT","POLICROMA","SL","Fondi","120X240 SP.6MM","MATT - NATURALE",null,764044,"POLICROMA VALTOCE MAT 6MM 120X240 RET","6,0000","8032842238381","69072100","UGL","M2",{"v":113,"d":"113.00"},null,"Cassa cm 136x263xh34",{"$nulls":7},2.88,41.702,107,20,57.6,940]
["CEDIT","POLICROMA","SL","Fondi","120X240 SP.6MM","MATT - NATURALE",null,764045,"POLICROMA CIPRIA MAT 6MM 120X240 RET","6,0000","8032842230767","69072100","UGL","M2",{"v":113,"d":"113.00"},null,"Cassa cm 136x263xh34",{"$nulls":7},2.88,41.702,107,20,57.6,940]
["CEDIT","POLICROMA","SL","Fondi","120X240 SP.6MM","MATT - NATURALE",null,764046,"POLICROMA LICHENE MAT 6MM 120X240 RET","6,0000","8032842238374","69072100","UGL","M2",{"v":113,"d":"113.00"},null,"Cassa cm 136x263xh34",{"$nulls":7},2.88,41.702,107,20,57.6,940]
["CEDIT","POLICROMA","SL","Fondi","60X120 SP.6MM","GLOSSY",null,764084,"POLICROMA BRECCIA GLO 6MM 60x120 RET","6,0000","8032842238169","69072100","GL","M2",{"v":122,"d":"122.00"},null,"Epal dim. 80x120",3,0,2.16,{"v":31.277,"d":"31.28"},30,64.8,960]
["CEDIT","POLICROMA","SL","Fondi","60X120 SP.6MM","GLOSSY",null,764085,"POLICROMA ALPI GLO 6MM 60x120 RET","6,0000","8032842238152","69072100","GL","M2",{"v":122,"d":"122.00"},null,"Epal dim. 80x120",3,0,2.16,{"v":31.277,"d":"31.28"},30,64.8,960]
["CEDIT","POLICROMA","SL","Fondi","60X120 SP.6MM","GLOSSY",null,764086,"POLICROMA CIPOLLINO GLO 6MM 60x120 RET","6,0000","8032842238145","69072100","GL","M2",{"v":122,"d":"122.00"},null,"Epal dim. 80x120",3,0,2.16,{"v":31.277,"d":"31.28"},30,64.8,960]
["CEDIT","POLICROMA","SL","Fondi","60X120 SP.6MM","GLOSSY",null,764087,"POLICROMA VALTOCE GLO 6MM 60x120 RET","6,0000","8032842238138","69072100","GL","M2",{"v":122,"d":"122.00"},null,"Epal dim. 80x120",3,0,2.16,{"v":31.277,"d":"31.28"},30,64.8,960]
["CEDIT","POLICROMA","SL","Fondi","60X120 SP.6MM","MATT - NATURALE",null,764059,"POLICROMA BRECCIA MAT 6MM 60x120 RET","6,0000","8032842238305","69072100","UGL","M2",{"v":95,"d":"95.00"},null,"Epal dim. 80x120",3,0,2.16,{"v":31.277,"d":"31.28"},30,64.8,960]
["CEDIT","POLICROMA","SL","Fondi","60X120 SP.6MM","MATT - NATURALE",null,764060,"POLICROMA ALPI MAT 6MM 60x120 RET","6,0000","8032842238299","69072100","UGL","M2",{"v":95,"d":"95.00"},null,"Epal dim. 80x120",3,0,2.16,{"v":31.277,"d":"31.28"},30,64.8,960]
["CEDIT","POLICROMA","SL","Fondi","60X120 SP.6MM","MATT - NATURALE",null,764061,"POLICROMA CIPOLLINO MAT 6MM 60x120 RET","6,0000","8032842238282","69072100","UGL","M2",{"v":95,"d":"95.00"},null,"Epal dim. 80x120",3,0,2.16,{"v":31.277,"d":"31.28"},30,64.8,960]
["CEDIT","POLICROMA","SL","Fondi","60X120 SP.6MM","MATT - NATURALE",null,764062,"POLICROMA VALTOCE MAT 6MM 60x120 RET","6,0000","8032842238275","69072100","UGL","M2",{"v":95,"d":"95.00"},null,"Epal dim. 80x120",3,0,2.16,{"v":31.277,"d":"31.28"},30,64.8,960]
["CEDIT","POLICROMA","SL","Fondi","60X120 SP.6MM","MATT - NATURALE",null,764063,"POLICROMA CIPRIA MAT 6MM 60x120 RET","6,0000","8032842238268","69072100","UGL","M2",{"v":95,"d":"95.00"},null,"Epal dim. 80x120",3,0,2.16,{"v":31.277,"d":"31.28"},30,64.8,960]
["CEDIT","POLICROMA","SL","Fondi","60X120 SP.6MM","MATT - NATURALE",null,764064,"POLICROMA LICHENE MAT 6MM 60x120 RET","6,0000","8032842238251","69072100","UGL","M2",{"v":95,"d":"95.00"},null,"Epal dim. 80x120",3,0,2.16,{"v":31.277,"d":"31.28"},30,64.8,960]
["CEDIT","RILIEVI","SL","Fondi","120X120 SP.6MM","MATT - NATURALE",null,760343,"RILIEVI NEBBIA 6MM 120X120 RET","6,0000","8032842238916","69072100","UGL","M2",{"v":98,"d":"98.00"},null,"Cassa cm 135x144h65(120x120)",{"$nulls":7},2.88,41.702,80,24,69.12,1080]
["CEDIT","RILIEVI","SL","Fondi","120X120 SP.6MM","MATT - NATURALE",null,760344,"RILIEVI SABBIA 6MM 120X120 RET","6,0000","8032842238909","69072100","UGL","M2",{"v":98,"d":"98.00"},null,"Cassa cm 135x144h65(120x120)",{"$nulls":7},2.88,41.702,80,24,69.12,1080]
["CEDIT","RILIEVI","SL","Fondi","120X120 SP.6MM","MATT - NATURALE",null,760345,"RILIEVI SALVIA 6MM 120X120 RET","6,0000","8032842238893","69072100","UGL","M2",{"v":98,"d":"98.00"},null,"Cassa cm 135x144h65(120x120)",{"$nulls":7},2.88,41.702,80,24,69.12,1080]
["CEDIT","RILIEVI","SL","Fondi","120X120 SP.6MM","MATT - NATURALE",null,760346,"RILIEVI LIDO 6MM 120X120 RET","6,0000","8032842238886","69072100","UGL","M2",{"v":98,"d":"98.00"},null,"Cassa cm 135x144h65(120x120)",{"$nulls":7},2.88,41.702,80,24,69.12,1080]
["CEDIT","RILIEVI","SL","Fondi","120X120 SP.6MM","MATT - NATURALE",null,760347,"RILIEVI TERRA 6MM 120X120 RET","6,0000","8032842238879","69072100","UGL","M2",{"v":98,"d":"98.00"},null,"Cassa cm 135x144h65(120x120)",{"$nulls":7},2.88,41.702,80,24,69.12,1080]
["CEDIT","RILIEVI","SL","Fondi","120X120 SP.6MM","MATT - NATURALE",null,760348,"RILIEVI CIELO 6MM 120X120 RET","6,0000","8032842238862","69072100","UGL","M2",{"v":98,"d":"98.00"},null,"Cassa cm 135x144h65(120x120)",{"$nulls":7},2.88,41.702,80,24,69.12,1080]
["CEDIT","RILIEVI","SL","Fondi","120X240 SP.6MM","MATT - NATURALE",null,760349,"RILIEVI NEBBIA 6MM 120X240 RET","6,0000","8032842238855","69072100","UGL","M2",{"v":113,"d":"113.00"},null,"Cassa cm 136x263xh34",{"$nulls":7},2.88,41.702,107,20,57.6,940]
["CEDIT","RILIEVI","SL","Fondi","120X240 SP.6MM","MATT - NATURALE",null,760350,"RILIEVI SABBIA 6MM 120X240 RET","6,0000","8032842238848","69072100","UGL","M2",{"v":113,"d":"113.00"},null,"Cassa cm 136x263xh34",{"$nulls":7},2.88,41.702,107,20,57.6,940]
["CEDIT","RILIEVI","SL","Fondi","120X240 SP.6MM","MATT - NATURALE",null,760351,"RILIEVI SALVIA 6MM 120X240 RET","6,0000","8032842238831","69072100","UGL","M2",{"v":113,"d":"113.00"},null,"Cassa cm 136x263xh34",{"$nulls":7},2.88,41.702,107,20,57.6,940]
["CEDIT","RILIEVI","SL","Fondi","120X240 SP.6MM","MATT - NATURALE",null,760352,"RILIEVI LIDO 6MM 120X240 RET","6,0000","8032842238824","69072100","UGL","M2",{"v":113,"d":"113.00"},null,"Cassa cm 136x263xh34",{"$nulls":7},2.88,41.702,107,20,57.6,940]
["CEDIT","RILIEVI","SL","Fondi","120X240 SP.6MM","MATT - NATURALE",null,760353,"RILIEVI TERRA 6MM 120X240 RET","6,0000","8032842238817","69072100","UGL","M2",{"v":113,"d":"113.00"},null,"Cassa cm 136x263xh34",{"$nulls":7},2.88,41.702,107,20,57.6,940]
["CEDIT","RILIEVI","SL","Fondi","120X240 SP.6MM","MATT - NATURALE",null,760354,"RILIEVI CIELO 6MM 120X240 RET","6,0000","8032842238800","69072100","UGL","M2",{"v":113,"d":"113.00"},null,"Cassa cm 136x263xh34",{"$nulls":7},2.88,41.702,107,20,57.6,940]
["CEDIT","RILIEVI","SL","Fondi","60X120 SP.6MM","MATT - NATURALE",null,761950,"RILIEVI NEBBIA 6MM 60X120 RET","6,0000","8032842222762","69072100","UGL","M2",{"v":95,"d":"95.00"},null,"Epal dim. 80x120",3,0,2.16,{"v":31.277,"d":"31.28"},30,64.8,960]
["CEDIT","RILIEVI","SL","Fondi","60X120 SP.6MM","MATT - NATURALE",null,761951,"RILIEVI SABBIA 6MM 60X120 RET","6,0000","8032842222755","69072100","UGL","M2",{"v":95,"d":"95.00"},null,"Epal dim. 80x120",3,0,2.16,{"v":31.277,"d":"31.28"},30,64.8,960]
["CEDIT","RILIEVI","SL","Fondi","60X120 SP.6MM","MATT - NATURALE",null,761952,"RILIEVI SALVIA 6MM 60X120 RET","6,0000","8032842222748","69072100","UGL","M2",{"v":95,"d":"95.00"},null,"Epal dim. 80x120",3,0,2.16,{"v":31.277,"d":"31.28"},30,64.8,960]
["CEDIT","RILIEVI","SL","Fondi","60X120 SP.6MM","MATT - NATURALE",null,761953,"RILIEVI LIDO 6MM 60X120 RET","6,0000","8032842222731","69072100","UGL","M2",{"v":95,"d":"95.00"},null,"Epal dim. 80x120",3,0,2.16,{"v":31.277,"d":"31.28"},30,64.8,960]
["CEDIT","RILIEVI","SL","Fondi","60X120 SP.6MM","MATT - NATURALE",null,761954,"RILIEVI TERRA 6MM 60X120 RET","6,0000","8032842222724","69072100","UGL","M2",{"v":95,"d":"95.00"},null,"Epal dim. 80x120",3,0,2.16,{"v":31.277,"d":"31.28"},30,64.8,960]
["CEDIT","RILIEVI","SL","Fondi","60X120 SP.6MM","MATT - NATURALE",null,761955,"RILIEVI CIELO 6MM 60X120 RET","6,0000","8032842222717","69072100","UGL","M2",{"v":95,"d":"95.00"},null,"Epal dim. 80x120",3,0,2.16,{"v":31.277,"d":"31.28"},30,64.8,960]
["CEDIT","RILIEVI","SL","Pezzi Speciali      ","36X31 SP.45MM","MATT - NATURALE",null,760362,"RILIEVI 02 OMBRA 45MM 36X31","45,0000","8032842238725","69074000","GL","PZ",{"v":155,"d":"155.00"},null,"Epal dim. 80x120",2,0,0.14,{"v":5,"d":"5.00"},12,1.68,90]
["CEDIT","RILIEVI","SL","Pezzi Speciali      ","36X31 SP.45MM","MATT - NATURALE",null,760363,"RILIEVI 02 TORTORA 45MM 36X31","45,0000","8032842238718","69074000","GL","PZ",{"v":155,"d":"155.00"},null,"Epal dim. 80x120",2,0,{"v":5.764,"d":"5.76"},{"v":5,"d":"5.00"},12,69.168,90]
["CEDIT","RILIEVI","SL","Pezzi Speciali      ","36X31 SP.45MM","MATT - NATURALE",null,760364,"RILIEVI 02 BOSCO 45MM 36X31","45,0000","8032842238701","69074000","GL","PZ",{"v":155,"d":"155.00"},null,"Epal dim. 80x120",2,0,0.14,{"v":5,"d":"5.00"},12,1.68,90]
["CEDIT","RILIEVI","SL","Pezzi Speciali      ","36X31 SP.45MM","MATT - NATURALE",null,760365,"RILIEVI 02 ARDESIA 45MM 36X31","45,0000","8032842238695","69074000","GL","PZ",{"v":155,"d":"155.00"},null,"Epal dim. 80x120",2,0,0.14,{"v":5,"d":"5.00"},12,1.68,90]
["CEDIT","RILIEVI","SL","Pezzi Speciali      ","36X31 SP.45MM","MATT - NATURALE",null,760366,"RILIEVI 02 OLTREMARE 45MM 36X31","45,0000","8032842238688","69074000","GL","PZ",{"v":155,"d":"155.00"},null,"Epal dim. 80x120",2,0,0.14,{"v":5,"d":"5.00"},12,1.68,90]
["CEDIT","RILIEVI","SL","Pezzi Speciali      ","36X31 SP.45MM","MATT - NATURALE",null,760367,"RILIEVI 02 CILIEGIA 45MM 36X31","45,0000","8032842238671","69074000","GL","PZ",{"v":155,"d":"155.00"},null,"Epal dim. 80x120",2,0,0.14,{"v":5,"d":"5.00"},12,1.68,90]
["CEDIT","RILIEVI","SL","Pezzi Speciali      ","36X31 SP.45MM","MATT - NATURALE",null,760368,"RILIEVI 02 CADMIO 45MM 36X31","45,0000","8032842238664","69074000","GL","PZ",{"v":155,"d":"155.00"},null,"Epal dim. 80x120",2,0,0.14,{"v":5,"d":"5.00"},12,1.68,90]
["CEDIT","RILIEVI","SL","Pezzi Speciali      ","36X35 SP.50MM","MATT - NATURALE",null,760355,"RILIEVI 01 OMBRA 50MM 36X35","50,0000","8032842238794","69074000","GL","PZ",{"v":155,"d":"155.00"},null,"Epal dim. 80x120",2,0,0.18,{"v":5.8,"d":"5.80"},12,2.16,90]
["CEDIT","RILIEVI","SL","Pezzi Speciali      ","36X35 SP.50MM","MATT - NATURALE",null,760356,"RILIEVI 01 TORTORA 50MM 36X35","50,0000","8032842238787","69074000","GL","PZ",{"v":155,"d":"155.00"},null,"Epal dim. 80x120",2,0,0.18,{"v":5.8,"d":"5.80"},12,2.16,90]
["CEDIT","RILIEVI","SL","Pezzi Speciali      ","36X35 SP.50MM","MATT - NATURALE",null,760357,"RILIEVI 01 BOSCO 50MM 36X35","50,0000","8032842238770","69074000","GL","PZ",{"v":155,"d":"155.00"},null,"Epal dim. 80x120",2,0,0.18,{"v":5.8,"d":"5.80"},12,2.16,90]
["CEDIT","RILIEVI","SL","Pezzi Speciali      ","36X35 SP.50MM","MATT - NATURALE",null,760358,"RILIEVI 01 ARDESIA 50MM 36X35","50,0000","8032842238763","69074000","GL","PZ",{"v":155,"d":"155.00"},null,"Epal dim. 80x120",2,0,0.18,{"v":5.8,"d":"5.80"},12,2.16,90]
["CEDIT","RILIEVI","SL","Pezzi Speciali      ","36X35 SP.50MM","MATT - NATURALE",null,760359,"RILIEVI 01 OLTREMARE 50MM 36X35","50,0000","8032842238756","69074000","GL","PZ",{"v":155,"d":"155.00"},null,"Epal dim. 80x120",2,0,0.18,{"v":5.8,"d":"5.80"},12,2.16,90]
["CEDIT","RILIEVI","SL","Pezzi Speciali      ","36X35 SP.50MM","MATT - NATURALE",null,760360,"RILIEVI 01 CILIEGIA 50MM 36X35","50,0000","8032842238749","69074000","GL","PZ",{"v":155,"d":"155.00"},null,"Epal dim. 80x120",2,0,0.18,{"v":5.8,"d":"5.80"},12,2.16,90]
["CEDIT","RILIEVI","SL","Pezzi Speciali      ","36X35 SP.50MM","MATT - NATURALE",null,760361,"RILIEVI 01 CADMIO 50MM 36X35","50,0000","8032842238732","69074000","GL","PZ",{"v":155,"d":"155.00"},null,"Epal dim. 80x120",2,0,0.18,{"v":5.8,"d":"5.80"},12,2.16,90]
["CEDIT","RILIEVI","SL","Pezzi Speciali      ","36X36 SP.50MM","MATT - NATURALE",null,760369,"RILIEVI 03 OMBRA 50MM 36X36","50,0000","8032842238657","69074000","GL","PZ",{"v":155,"d":"155.00"},null,"Epal dim. 80x120",2,0,0.22,{"v":7.6,"d":"7.60"},12,2.64,120]
["CEDIT","RILIEVI","SL","Pezzi Speciali      ","36X36 SP.50MM","MATT - NATURALE",null,760370,"RILIEVI 03 TORTORA 50MM 36X36","50,0000","8032842238640","69074000","GL","PZ",{"v":155,"d":"155.00"},null,"Epal dim. 80x120",2,0,0.22,{"v":7.6,"d":"7.60"},12,2.64,120]
["CEDIT","RILIEVI","SL","Pezzi Speciali      ","36X36 SP.50MM","MATT - NATURALE",null,760371,"RILIEVI 03 BOSCO 50MM 36X36","50,0000","8032842238633","69074000","GL","PZ",{"v":155,"d":"155.00"},null,"Epal dim. 80x120",2,0,0.22,{"v":7.6,"d":"7.60"},12,2.64,120]
["CEDIT","RILIEVI","SL","Pezzi Speciali      ","36X36 SP.50MM","MATT - NATURALE",null,760372,"RILIEVI 03 ARDESIA 50MM 36X36","50,0000","8032842238626","69074000","GL","PZ",{"v":155,"d":"155.00"},null,"Epal dim. 80x120",2,0,0.22,{"v":7.6,"d":"7.60"},12,2.64,120]
["CEDIT","RILIEVI","SL","Pezzi Speciali      ","36X36 SP.50MM","MATT - NATURALE",null,760373,"RILIEVI 03 OLTREMARE 50MM 36X36","50,0000","8032842238619","69074000","GL","PZ",{"v":155,"d":"155.00"},null,"Epal dim. 80x120",2,0,0.22,{"v":7.6,"d":"7.60"},12,2.64,120]
["CEDIT","RILIEVI","SL","Pezzi Speciali      ","36X36 SP.50MM","MATT - NATURALE",null,760374,"RILIEVI 03 CILIEGIA 50MM 36X36","50,0000","8032842238602","69074000","GL","PZ",{"v":155,"d":"155.00"},null,"Epal dim. 80x120",2,0,0.22,{"v":7.6,"d":"7.60"},12,2.64,120]
["CEDIT","RILIEVI","SL","Pezzi Speciali      ","36X36 SP.50MM","MATT - NATURALE",null,760375,"RILIEVI 03 CADMIO 50MM 36X36","50,0000","8032842238596","69074000","GL","PZ",{"v":155,"d":"155.00"},null,"Epal dim. 80x120",2,0,0.22,{"v":7.6,"d":"7.60"},12,2.64,120]
["CEDIT","RILIEVI","SL","Pezzi Speciali      ","4,6X60 BS SP.6MM","MATT - NATURALE",null,761963,"RILIEVI NEBBIA 6MM BS 4,6X60","6,0000","8032842214927","69074000","UGL","M",{"v":18.5,"d":"18.50"},null,"Epal dim. 80x120",24,14.4,{"v":1.104,"d":"1.10"},8.64,80,88.32,1180]
["CEDIT","RILIEVI","SL","Pezzi Speciali      ","4,6X60 BS SP.6MM","MATT - NATURALE",null,761964,"RILIEVI SABBIA 6MM BS 4,6X60","6,0000","8032842214910","69074000","UGL","M",{"v":18.5,"d":"18.50"},null,"Epal dim. 80x120",24,14.4,{"v":1.104,"d":"1.10"},8.64,80,88.32,1180]
["CEDIT","STORIE","SL","Fondi","120X120 SP.6MM","MATT - NATURALE",null,752585,"STORIE PALAZZO 6MM 120X120 RET","6,0000","8032842172890","69072100","UGL","M2",{"v":98,"d":"98.00"},null,"Cassa cm 135x144h65(120x120)",{"$nulls":7},2.88,41.702,80,24,69.12,1080]
["CEDIT","STORIE","SL","Fondi","120X120 SP.6MM","MATT - NATURALE",null,752586,"STORIE MASSERIA 6MM 120X120 RET","6,0000","8032842172883","69072100","UGL","M2",{"v":98,"d":"98.00"},null,"Cassa cm 135x144h65(120x120)",{"$nulls":7},2.88,41.702,80,24,69.12,1080]
["CEDIT","STORIE","SL","Fondi","120X120 SP.6MM","MATT - NATURALE",null,752587,"STORIE CASCINA 6MM 120X120 RET","6,0000","8032842172876","69072100","UGL","M2",{"v":98,"d":"98.00"},null,"Cassa cm 135x144h65(120x120)",{"$nulls":7},2.88,41.702,80,24,69.12,1080]
["CEDIT","STORIE","SL","Fondi","120X240 SP.6MM","MATT - NATURALE",null,752137,"STORIE CASTELLO 6MM 120X240 RET","6,0000","8032842173002","69072100","UGL","M2",{"v":113,"d":"113.00"},null,"Cassa cm 136x263xh34",{"$nulls":7},2.88,41.702,107,20,57.6,940]
["CEDIT","STORIE","SL","Fondi","120X240 SP.6MM","MATT - NATURALE",null,752138,"STORIE CASALE 6MM 120X240 RET","6,0000","8032842172999","69072100","UGL","M2",{"v":113,"d":"113.00"},null,"Cassa cm 136x263xh34",{"$nulls":7},2.88,41.702,107,20,57.6,940]
["CEDIT","STORIE","SL","Fondi","120X240 SP.6MM","MATT - NATURALE",null,752139,"STORIE VILLA 6MM 120X240 RET","6,0000","8032842172982","69072100","UGL","M2",{"v":113,"d":"113.00"},null,"Cassa cm 136x263xh34",{"$nulls":7},2.88,41.702,107,20,57.6,940]
["CEDIT","STORIE","SL","Fondi","120X240 SP.6MM","MATT - NATURALE",null,752140,"STORIE MASSERIA 6MM 120X240 RET","6,0000","8032842172975","69072100","UGL","M2",{"v":113,"d":"113.00"},null,"Cassa cm 136x263xh34",{"$nulls":7},2.88,41.702,107,20,57.6,940]
["CEDIT","STORIE","SL","Fondi","120X240 SP.6MM","MATT - NATURALE",null,752141,"STORIE CASCINA 6MM 120X240 RET","6,0000","8032842172968","69072100","UGL","M2",{"v":113,"d":"113.00"},null,"Cassa cm 136x263xh34",{"$nulls":7},2.88,41.702,107,20,57.6,940]
["CEDIT","STORIE","SL","Fondi","120X240 SP.6MM","MATT - NATURALE",null,752142,"STORIE PALAZZO 6MM 120X240 RET","6,0000","8032842172951","69072100","UGL","M2",{"v":113,"d":"113.00"},null,"Cassa cm 136x263xh34",{"$nulls":7},2.88,41.702,107,20,57.6,940]
["CEDIT","STORIE","SL","Fondi","60X120 SP.6MM","MATT - NATURALE",null,752588,"STORIE PALAZZO 6MM 60X120 RET","6,0000","8032842172869","69072100","UGL","M2",{"v":95,"d":"95.00"},null,"Epal dim. 80x120",3,0,2.16,{"v":31.277,"d":"31.28"},30,64.8,960]
["CEDIT","STORIE","SL","Fondi","60X120 SP.6MM","MATT - NATURALE",null,752589,"STORIE MASSERIA 6MM 60X120 RET","6,0000","8032842172852","69072100","UGL","M2",{"v":95,"d":"95.00"},null,"Epal dim. 80x120",3,0,2.16,{"v":31.277,"d":"31.28"},30,64.8,960]
["CEDIT","STORIE","SL","Fondi","60X120 SP.6MM","MATT - NATURALE",null,752590,"STORIE CASCINA 6MM 60X120 RET","6,0000","8032842172845","69072100","UGL","M2",{"v":95,"d":"95.00"},null,"Epal dim. 80x120",3,0,2.16,{"v":31.277,"d":"31.28"},30,64.8,960]
["CEDIT","STORIE","SL","Pezzi Speciali      ","4,6X60 BS SP.6MM","MATT - NATURALE",null,752591,"STORIE PALAZZO 6MM 4,6X60 BS","6,0000","8032842170599","69074000","UGL","M",{"v":18.5,"d":"18.50"},null,"Epal dim. 80x120",24,14.4,{"v":1.104,"d":"1.10"},8.64,80,88.32,1180]
["CEDIT","STORIE","SL","Pezzi Speciali      ","4,6X60 BS SP.6MM","MATT - NATURALE",null,752592,"STORIE MASSERIA 6MM 4,6X60 BS","6,0000","8032842170582","69074000","UGL","M",{"v":18.5,"d":"18.50"},null,"Epal dim. 80x120",24,14.4,{"v":1.104,"d":"1.10"},8.64,80,88.32,1180]
["CEDIT","STORIE","SL","Pezzi Speciali      ","4,6X60 BS SP.6MM","MATT - NATURALE",null,752593,"STORIE CASCINA 6MM 4,6X60 BS","6,0000","8032842170575","69074000","UGL","M",{"v":18.5,"d":"18.50"},null,"Epal dim. 80x120",24,14.4,{"v":1.104,"d":"1.10"},8.64,80,88.32,1180]
["CEDIT","TESORI","SL","Decori              ","120X240 SP.6MM","MATT - NATURALE",null,752600,"TESORI DEC.ANEL.BIAN SEMP.6MM 120X240RET","6,0000","8032842193789","69072100","GL","M2",{"v":527,"d":"527.00"},null,"Cassa cm 136x263xh34",{"$nulls":7},2.88,41.702,107,20,57.6,940]
["CEDIT","TESORI","SL","Decori              ","120X240 SP.6MM","MATT - NATURALE",null,752601,"TESORI DEC.ANEL.BIAN ORO 6MM 120X240RET","6,0000","8032842193772","69072100","GL","M2",{"v":527,"d":"527.00"},null,"Cassa cm 136x263xh34",{"$nulls":7},2.88,41.702,107,20,57.6,940]
["CEDIT","TESORI","SL","Decori              ","120X240 SP.6MM","MATT - NATURALE",null,752602,"TESORI DEC.ANEL.BIAN ARGE.6MM 120X240RET","6,0000","8032842193765","69072100","GL","M2",{"v":527,"d":"527.00"},null,"Cassa cm 136x263xh34",{"$nulls":7},2.88,41.702,107,20,57.6,940]
["CEDIT","TESORI","SL","Decori              ","120X240 SP.6MM","MATT - NATURALE",null,752603,"TESORI DEC.AN.BIANC BRON.6MM 120X240RET","6,0000","8032842193758","69072100","GL","M2",{"v":527,"d":"527.00"},null,"Cassa cm 136x263xh34",{"$nulls":7},2.88,41.702,107,20,57.6,940]
["CEDIT","TESORI","SL","Decori              ","120X240 SP.6MM","MATT - NATURALE",null,752604,"TESORI DEC.ANEL.GRIG SEMP.6MM 120X240RET","6,0000","8032842193741","69072100","GL","M2",{"v":527,"d":"527.00"},null,"Cassa cm 136x263xh34",{"$nulls":7},2.88,41.702,107,20,57.6,940]
["CEDIT","TESORI","SL","Decori              ","120X240 SP.6MM","MATT - NATURALE",null,752605,"TESORI DEC.ANEL.GRIG ORO 6MM 120X240RET","6,0000","8032842193734","69072100","GL","M2",{"v":527,"d":"527.00"},null,"Cassa cm 136x263xh34",{"$nulls":7},2.88,41.702,107,20,57.6,940]
["CEDIT","TESORI","SL","Decori              ","120X240 SP.6MM","MATT - NATURALE",null,752606,"TESORI DEC.ANEL.GRIG ARGE.6MM 120X240RET","6,0000","8032842193727","69072100","GL","M2",{"v":527,"d":"527.00"},null,"Cassa cm 136x263xh34",{"$nulls":7},2.88,41.702,107,20,57.6,940]
["CEDIT","TESORI","SL","Decori              ","120X240 SP.6MM","MATT - NATURALE",null,752607,"TESORI DEC.ANEL.GRIG BRON.6MM 120X240RET","6,0000","8032842193710","69072100","GL","M2",{"v":527,"d":"527.00"},null,"Cassa cm 136x263xh34",{"$nulls":7},2.88,41.702,107,20,57.6,940]
["CEDIT","TESORI","SL","Decori              ","120X240 SP.6MM","MATT - NATURALE",null,752608,"TESORI DEC.MONI.BIAN SEMP.6MM 120X240RET","6,0000","8032842193703","69072100","GL","M2",{"v":527,"d":"527.00"},null,"Cassa cm 136x263xh34",{"$nulls":7},2.88,41.702,107,20,57.6,940]
["CEDIT","TESORI","SL","Decori              ","120X240 SP.6MM","MATT - NATURALE",null,752609,"TESORI DEC.MONI.BIAN ORO 6MM 120X240RET","6,0000","8032842177833","69072100","GL","M2",{"v":527,"d":"527.00"},null,"Cassa cm 136x263xh34",{"$nulls":7},2.88,41.702,107,20,57.6,940]
["CEDIT","TESORI","SL","Decori              ","120X240 SP.6MM","MATT - NATURALE",null,752610,"TESORI DEC.MONI.BIAN ARGE.6MM 120X240RET","6,0000","8032842193697","69072100","GL","M2",{"v":527,"d":"527.00"},null,"Cassa cm 136x263xh34",{"$nulls":7},2.88,41.702,107,20,57.6,940]
["CEDIT","TESORI","SL","Decori              ","120X240 SP.6MM","MATT - NATURALE",null,752611,"TESORI DEC.MONI.BIAN BRON.6MM 120X240RET","6,0000","8032842193680","69072100","GL","M2",{"v":527,"d":"527.00"},null,"Cassa cm 136x263xh34",{"$nulls":7},2.88,41.702,107,20,57.6,940]
["CEDIT","TESORI","SL","Decori              ","120X240 SP.6MM","MATT - NATURALE",null,752612,"TESORI DEC.MONI.GRIG SEMP.6MM 120X240RET","6,0000","8032842193673","69072100","GL","M2",{"v":527,"d":"527.00"},null,"Cassa cm 136x263xh34",{"$nulls":7},2.88,41.702,107,20,57.6,940]
["CEDIT","TESORI","SL","Decori              ","120X240 SP.6MM","MATT - NATURALE",null,752613,"TESORI DEC.MONI.GRIG ORO 6MM 120X240RET","6,0000","8032842193666","69072100","GL","M2",{"v":527,"d":"527.00"},null,"Cassa cm 136x263xh34",{"$nulls":7},2.88,41.702,107,20,57.6,940]
["CEDIT","TESORI","SL","Decori              ","120X240 SP.6MM","MATT - NATURALE",null,752614,"TESORI DEC.MONI.GRIG ARGE.6MM 120X240RET","6,0000","8032842193659","69072100","GL","M2",{"v":527,"d":"527.00"},null,"Cassa cm 136x263xh34",{"$nulls":7},2.88,41.702,107,20,57.6,940]
["CEDIT","TESORI","SL","Decori              ","120X240 SP.6MM","MATT - NATURALE",null,752615,"TESORI DEC.MONI.GRIG BRON.6MM 120X240RET","6,0000","8032842193642","69072100","GL","M2",{"v":527,"d":"527.00"},null,"Cassa cm 136x263xh34",{"$nulls":7},2.88,41.702,107,20,57.6,940]
["CEDIT","TESORI","SL","Decori              ","120X240 SP.6MM","MATT - NATURALE",null,752616,"TESORI DEC.BROC.BIAN SEMP.6MM 120X240RET","6,0000","8032842193635","69072100","GL","M2",{"v":527,"d":"527.00"},null,"Cassa cm 136x263xh34",{"$nulls":7},2.88,41.702,107,20,57.6,940]
["CEDIT","TESORI","SL","Decori              ","120X240 SP.6MM","MATT - NATURALE",null,752617,"TESORI DEC.BROC.BIAN ORO 6MM 120X240RET","6,0000","8032842177840","69072100","GL","M2",{"v":527,"d":"527.00"},null,"Cassa cm 136x263xh34",{"$nulls":7},2.88,41.702,107,20,57.6,940]
["CEDIT","TESORI","SL","Decori              ","120X240 SP.6MM","MATT - NATURALE",null,752618,"TESORI DEC.BROC.BIAN ARGE.6MM 120X240RET","6,0000","8032842193628","69072100","GL","M2",{"v":527,"d":"527.00"},null,"Cassa cm 136x263xh34",{"$nulls":7},2.88,41.702,107,20,57.6,940]
["CEDIT","TESORI","SL","Decori              ","120X240 SP.6MM","MATT - NATURALE",null,752619,"TESORI DEC.BROC.BIAN BRON.6MM 120X240RET","6,0000","8032842193611","69072100","GL","M2",{"v":527,"d":"527.00"},null,"Cassa cm 136x263xh34",{"$nulls":7},2.88,41.702,107,20,57.6,940]
["CEDIT","TESORI","SL","Decori              ","120X240 SP.6MM","MATT - NATURALE",null,752620,"TESORI DEC.BROC.GRIG SEMP.6MM 120X240RET","6,0000","8032842193604","69072100","GL","M2",{"v":527,"d":"527.00"},null,"Cassa cm 136x263xh34",{"$nulls":7},2.88,41.702,107,20,57.6,940]
["CEDIT","TESORI","SL","Decori              ","120X240 SP.6MM","MATT - NATURALE",null,752621,"TESORI DEC.BROC.GRIG ORO 6MM 120X240RET","6,0000","8032842193598","69072100","GL","M2",{"v":527,"d":"527.00"},null,"Cassa cm 136x263xh34",{"$nulls":7},2.88,41.702,107,20,57.6,940]
["CEDIT","TESORI","SL","Decori              ","120X240 SP.6MM","MATT - NATURALE",null,752622,"TESORI DEC.BROC.GRIG ARGE.6MM 120X240RET","6,0000","8032842193581","69072100","GL","M2",{"v":527,"d":"527.00"},null,"Cassa cm 136x263xh34",{"$nulls":7},2.88,41.702,107,20,57.6,940]
["CEDIT","TESORI","SL","Decori              ","120X240 SP.6MM","MATT - NATURALE",null,752623,"TESORI DEC.BROC.GRIG BRON.6MM 120X240RET","6,0000","8032842193574","69072100","GL","M2",{"v":527,"d":"527.00"},null,"Cassa cm 136x263xh34",{"$nulls":7},2.88,41.702,107,20,57.6,940]
["CEDIT","TESORI","SL","Fondi","120X120 SP.6MM","MATT - NATURALE",null,752594,"TESORI LINO BIANCO 6MM 120X120 RET","6,0000","8032842172838","69072100","UGL","M2",{"v":98,"d":"98.00"},null,"Cassa cm 135x144h65(120x120)",{"$nulls":7},2.88,41.702,80,24,69.12,1080]
["CEDIT","TESORI","SL","Fondi","120X120 SP.6MM","MATT - NATURALE",null,752595,"TESORI LINO GRIGIO 6MM 120X120 RET","6,0000","8032842172821","69072100","UGL","M2",{"v":98,"d":"98.00"},null,"Cassa cm 135x144h65(120x120)",{"$nulls":7},2.88,41.702,80,24,69.12,1080]
["CEDIT","TESORI","SL","Fondi","120X240 SP.6MM","MATT - NATURALE",null,752045,"TESORI LINO BIANCO 6MM 120X240 RET","6,0000","8032842173125","69072100","UGL","M2",{"v":113,"d":"113.00"},null,"Cassa cm 136x263xh34",{"$nulls":7},2.88,41.702,107,20,57.6,940]
["CEDIT","TESORI","SL","Fondi","120X240 SP.6MM","MATT - NATURALE",null,752046,"TESORI BROCCATO BIANCO 6MM 120X240 RET","6,0000","8032842173118","69072100","UGL","M2",{"v":113,"d":"113.00"},null,"Cassa cm 136x263xh34",{"$nulls":7},2.88,41.702,107,20,57.6,940]
["CEDIT","TESORI","SL","Fondi","120X240 SP.6MM","MATT - NATURALE",null,752047,"TESORI ANELLI BIANCO 6MM 120X240 RET","6,0000","8032842173101","69072100","UGL","M2",{"v":113,"d":"113.00"},null,"Cassa cm 136x263xh34",{"$nulls":7},2.88,41.702,107,20,57.6,940]
["CEDIT","TESORI","SL","Fondi","120X240 SP.6MM","MATT - NATURALE",null,752048,"TESORI MONILE BIANCO 6MM 120X240 RET","6,0000","8032842173095","69072100","UGL","M2",{"v":113,"d":"113.00"},null,"Cassa cm 136x263xh34",{"$nulls":7},2.88,41.702,107,20,57.6,940]
["CEDIT","TESORI","SL","Fondi","120X240 SP.6MM","MATT - NATURALE",null,752049,"TESORI LINO GRIGIO 6MM 120X240 RET","6,0000","8032842173088","69072100","UGL","M2",{"v":113,"d":"113.00"},null,"Cassa cm 136x263xh34",{"$nulls":7},2.88,41.702,107,20,57.6,940]
["CEDIT","TESORI","SL","Fondi","120X240 SP.6MM","MATT - NATURALE",null,752050,"TESORI BROCCATO GRIGIO 6MM 120X240 RET","6,0000","8032842173071","69072100","UGL","M2",{"v":113,"d":"113.00"},null,"Cassa cm 136x263xh34",{"$nulls":7},2.88,41.702,107,20,57.6,940]
["CEDIT","TESORI","SL","Fondi","120X240 SP.6MM","MATT - NATURALE",null,752051,"TESORI ANELLI GRIGIO 6MM 120X240 RET","6,0000","8032842173064","69072100","UGL","M2",{"v":113,"d":"113.00"},null,"Cassa cm 136x263xh34",{"$nulls":7},2.88,41.702,107,20,57.6,940]
["CEDIT","TESORI","SL","Fondi","120X240 SP.6MM","MATT - NATURALE",null,752052,"TESORI MONILE GRIGIO 6MM 120X240 RET","6,0000","8032842173057","69072100","UGL","M2",{"v":113,"d":"113.00"},null,"Cassa cm 136x263xh34",{"$nulls":7},2.88,41.702,107,20,57.6,940]
["CEDIT","TESORI","SL","Fondi","60X120 SP.6MM","MATT - NATURALE",null,752598,"TESORI LINO BIANCO 6MM 60X120 RET","6,0000","8032842168817","69072100","UGL","M2",{"v":95,"d":"95.00"},null,"Epal dim. 80x120",3,0,2.16,{"v":31.277,"d":"31.28"},30,64.8,960]
["CEDIT","TESORI","SL","Fondi","60X120 SP.6MM","MATT - NATURALE",null,752599,"TESORI LINO GRIGIO 6MM 60X120 RET","6,0000","8032842172814","69072100","UGL","M2",{"v":95,"d":"95.00"},null,"Epal dim. 80x120",3,0,2.16,{"v":31.277,"d":"31.28"},30,64.8,960]
["CEDIT","TESORI","SL","Pezzi Speciali      ","4,6X60 BS SP.6MM","MATT - NATURALE",null,752596,"TESORI LINO BIANCO 6MM 4,6X60 BS","6,0000","8032842170568","69074000","UGL","M",{"v":18.5,"d":"18.50"},null,"Epal dim. 80x120",24,14.4,{"v":1.104,"d":"1.10"},8.64,80,88.32,1180]
["CEDIT","TESORI","SL","Pezzi Speciali      ","4,6X60 BS SP.6MM","MATT - NATURALE",null,752597,"TESORI LINO GRIGIO 6MM 4,6X60 BS","6,0000","8032842170551","69074000","UGL","M",{"v":18.5,"d":"18.50"},null,"Epal dim. 80x120",24,14.4,{"v":1.104,"d":"1.10"},8.64,80,88.32,1180]
["CEDIT","SEGNATURE","TI","Prodotti finiti","120X120 SP.9MM","MATT - NATURALE","Matte/Nat/Comf/Grip",785432,"SEGNATURE FIBRA PERGAMENA 120x120 RET","9.000","8032842299894","69072100","UGL","M2",{"v":88,"d":"88.00"},null,"Pallet cm143x123x65 (120x120)",2,0,2.88,{"v":59.328,"d":"59.33"},20,57.599999999999994,1250,{"$nulls":7},"COLORE"]
["CEDIT","SEGNATURE","TI","Prodotti finiti","120X120 SP.9MM","MATT - NATURALE","Matte/Nat/Comf/Grip",785433,"SEGNATURE FIBRA SESAMO 120x120 RET","9.000","8032842299887","69072100","UGL","M2",{"v":88,"d":"88.00"},null,"Pallet cm143x123x65 (120x120)",2,0,2.88,{"v":59.328,"d":"59.33"},20,57.599999999999994,1250,{"$nulls":7},"COLORE"]
["CEDIT","SEGNATURE","TI","Prodotti finiti","120X120 SP.9MM","MATT - NATURALE","Matte/Nat/Comf/Grip",785434,"SEGNATURE FIBRA LAGO 120x120 RET","9.000","8032842299870","69072100","UGL","M2",{"v":88,"d":"88.00"},null,"Pallet cm143x123x65 (120x120)",2,0,2.88,{"v":59.328,"d":"59.33"},20,57.599999999999994,1250,{"$nulls":7},"COLORE"]
["CEDIT","SEGNATURE","TI","Prodotti finiti","120X120 SP.9MM","MATT - NATURALE","Matte/Nat/Comf/Grip",785435,"SEGNATURE FIBRA CEDRO ROSA 120x120 RET","9.000","8032842299863","69072100","UGL","M2",{"v":88,"d":"88.00"},null,"Pallet cm143x123x65 (120x120)",2,0,2.88,{"v":59.328,"d":"59.33"},20,57.599999999999994,1250,{"$nulls":7},"COLORE"]
["CEDIT","SEGNATURE","TI","Prodotti finiti","120X120 SP.9MM","MATT - NATURALE","Matte/Nat/Comf/Grip",785436,"SEGNATURE FIBRA CARDO 120x120 RET","9.000","8032842299856","69072100","UGL","M2",{"v":88,"d":"88.00"},null,"Pallet cm143x123x65 (120x120)",2,0,2.88,{"v":59.328,"d":"59.33"},20,57.599999999999994,1250,{"$nulls":7},"COLORE"]
["CEDIT","SEGNATURE","TI","Prodotti finiti","120X120 SP.9MM","MATT - NATURALE","Matte/Nat/Comf/Grip",785437,"SEGNATURE FIBRA CORTECCIA 120x120 RET","9.000","8032842299849","69072100","UGL","M2",{"v":88,"d":"88.00"},null,"Pallet cm143x123x65 (120x120)",2,0,2.88,{"v":59.328,"d":"59.33"},20,57.599999999999994,1250,{"$nulls":7},"COLORE"]
["CEDIT","SEGNATURE","TI","Prodotti finiti","120X120 SP.9MM","MATT - NATURALE","Matte/Nat/Comf/Grip",785444,"SEGNATURE FOGLIO PERGAMENA 120x120 RET","9.000","8032842299771","69072100","UGL","M2",{"v":88,"d":"88.00"},null,"Pallet cm143x123x65 (120x120)",2,0,2.88,{"v":59.328,"d":"59.33"},20,57.599999999999994,1250,{"$nulls":7},"COLORE"]
["CEDIT","SEGNATURE","TI","Prodotti finiti","120X120 SP.9MM","MATT - NATURALE","Matte/Nat/Comf/Grip",785445,"SEGNATURE FOGLIO SESAMO 120x120 RET","9.000","8032842299764","69072100","UGL","M2",{"v":88,"d":"88.00"},null,"Pallet cm143x123x65 (120x120)",2,0,2.88,{"v":59.328,"d":"59.33"},20,57.599999999999994,1250,{"$nulls":7},"COLORE"]
["CEDIT","SEGNATURE","TI","Prodotti finiti","120X120 SP.9MM","MATT - NATURALE","Matte/Nat/Comf/Grip",785446,"SEGNATURE FOGLIO CORTECCIA 120x120 RET","9.000","8032842299757","69072100","UGL","M2",{"v":88,"d":"88.00"},null,"Pallet cm143x123x65 (120x120)",2,0,2.88,{"v":59.328,"d":"59.33"},20,57.599999999999994,1250,{"$nulls":7},"COLORE"]
["CEDIT","SEGNATURE","TI","Prodotti finiti","120X120 SP.9MM","MATT - NATURALE","Matte/Nat/Comf/Grip",785447,"SEGNATURE FOGLIO SILICE 120x120 RET","9.000","8032842299740","69072100","UGL","M2",{"v":88,"d":"88.00"},null,"Pallet cm143x123x65 (120x120)",2,0,2.88,{"v":59.328,"d":"59.33"},20,57.599999999999994,1250,{"$nulls":7},"COLORE"]
["CEDIT","SEGNATURE","TI","Prodotti finiti","60X120","MATT - NATURALE","Matte/Nat/Comf/Grip",785438,"SEGNATURE FIBRA PERGAMENA 60x120 RET","9.000","8032842299832","69072100","UGL","M2",{"v":86,"d":"86.00"},null,"Epal dim. 80x120",2,0,1.44,29.52,30,43.199999999999996,920,{"$nulls":7},"COLORE"]
["CEDIT","SEGNATURE","TI","Prodotti finiti","60X120","MATT - NATURALE","Matte/Nat/Comf/Grip",785439,"SEGNATURE FIBRA SESAMO 60x120 RET","9.000","8032842299825","69072100","UGL","M2",{"v":86,"d":"86.00"},null,"Epal dim. 80x120",2,0,1.44,29.52,30,43.199999999999996,920,{"$nulls":7},"COLORE"]
["CEDIT","SEGNATURE","TI","Prodotti finiti","60X120","MATT - NATURALE","Matte/Nat/Comf/Grip",785440,"SEGNATURE FIBRA LAGO 60x120 RET","9.000","8032842299818","69072100","UGL","M2",{"v":86,"d":"86.00"},null,"Epal dim. 80x120",2,0,1.44,29.52,30,43.199999999999996,920,{"$nulls":7},"COLORE"]
["CEDIT","SEGNATURE","TI","Prodotti finiti","60X120","MATT - NATURALE","Matte/Nat/Comf/Grip",785441,"SEGNATURE FIBRA CEDRO ROSA 60x120 RET","9.000","8032842299801","69072100","UGL","M2",{"v":86,"d":"86.00"},null,"Epal dim. 80x120",2,0,1.44,29.52,30,43.199999999999996,920,{"$nulls":7},"COLORE"]
["CEDIT","SEGNATURE","TI","Prodotti finiti","60X120","MATT - NATURALE","Matte/Nat/Comf/Grip",785442,"SEGNATURE FIBRA CARDO 60x120 RET","9.000","8032842299795","69072100","UGL","M2",{"v":86,"d":"86.00"},null,"Epal dim. 80x120",2,0,1.44,29.52,30,43.199999999999996,920,{"$nulls":7},"COLORE"]
["CEDIT","SEGNATURE","TI","Prodotti finiti","60X120","MATT - NATURALE","Matte/Nat/Comf/Grip",785443,"SEGNATURE FIBRA CORTECCIA 60x120 RET","9.000","8032842299788","69072100","UGL","M2",{"v":86,"d":"86.00"},null,"Epal dim. 80x120",2,0,1.44,29.52,30,43.199999999999996,920,{"$nulls":7},"COLORE"]
["CEDIT","SEGNATURE","TI","Prodotti finiti","60X120","MATT - NATURALE","Matte/Nat/Comf/Grip",785448,"SEGNATURE FOGLIO PERGAMENA 60x120 RET","9.000","8032842299733","69072100","UGL","M2",{"v":86,"d":"86.00"},null,"Epal dim. 80x120",2,0,1.44,29.52,30,43.199999999999996,920,{"$nulls":7},"COLORE"]
["CEDIT","SEGNATURE","TI","Prodotti finiti","60X120","MATT - NATURALE","Matte/Nat/Comf/Grip",785449,"SEGNATURE FOGLIO SESAMO 60x120 RET","9.000","8032842299726","69072100","UGL","M2",{"v":86,"d":"86.00"},null,"Epal dim. 80x120",2,0,1.44,29.52,30,43.199999999999996,920,{"$nulls":7},"COLORE"]
["CEDIT","SEGNATURE","TI","Prodotti finiti","60X120","MATT - NATURALE","Matte/Nat/Comf/Grip",785450,"SEGNATURE FOGLIO CORTECCIA 60x120 RET","9.000","8032842299719","69072100","UGL","M2",{"v":86,"d":"86.00"},null,"Epal dim. 80x120",2,0,1.44,29.52,30,43.199999999999996,920,{"$nulls":7},"COLORE"]
["CEDIT","SEGNATURE","TI","Prodotti finiti","60X120","MATT - NATURALE","Matte/Nat/Comf/Grip",785451,"SEGNATURE FOGLIO SILICE 60x120 RET","9.000","8032842299702","69072100","UGL","M2",{"v":86,"d":"86.00"},null,"Epal dim. 80x120",2,0,1.44,29.52,30,43.199999999999996,920,{"$nulls":7},"COLORE"]
["CEDIT","SEGNATURE","TI","Prodotti finiti","60X120","STRUTTURATO R11","Matte/Nat/Comf/Grip",785652,"SEGNATURE FOGLIO PERGAM GRIP 60x120 RET","9.000","#","69072100","UGL","M2",{"v":86,"d":"86.00"},null,"Epal dim. 80x120",2,0,1.44,29.52,30,43.199999999999996,920,{"$nulls":7},"COLORE"]
["CEDIT","SEGNATURE","TI","Prodotti finiti","60X120","STRUTTURATO R11","Matte/Nat/Comf/Grip",785653,"SEGNATURE FOGLIO SESAMO GRIP 60x120 RET","9.000","#","69072100","UGL","M2",{"v":86,"d":"86.00"},null,"Epal dim. 80x120",2,0,1.44,29.52,30,43.199999999999996,920,{"$nulls":7},"COLORE"]
["CEDIT","SEGNATURE","TI","Prodotti finiti","60X120","STRUTTURATO R11","Matte/Nat/Comf/Grip",785654,"SEGNATURE FOGLIO CORTECC GRIP 60x120 RET","9.000","#","69072100","UGL","M2",{"v":86,"d":"86.00"},null,"Epal dim. 80x120",2,0,1.44,29.52,30,43.199999999999996,920,{"$nulls":7},"COLORE"]
["CEDIT","SEGNATURE","TI","Prodotti finiti","60X120","STRUTTURATO R11","Matte/Nat/Comf/Grip",785655,"SEGNATURE FOGLIO SILICE GRIP 60x120 RET","9.000","#","69072100","UGL","M2",{"v":86,"d":"86.00"},null,"Epal dim. 80x120",2,0,1.44,29.52,30,43.199999999999996,920,{"$nulls":7},"COLORE"]
["CEDIT","SEGNATURE","TI","Decori","LISR 5X20","MATT - NATURALE","Matte/Nat/Comf/Grip",786045,"SEGNATURE FIBRA PERGAMENA DEC 5X20","9.000","8032842304345","69072100","UGL","PZ",{"v":8.5,"d":"8.50"},null,"Epal dim. 80x120",20,0,{"v":0.202,"d":"0.20"},{"v":8,"d":"8.00"},135,27.270000000000003,1110,{"$nulls":7},"COLORE"]
["CEDIT","SEGNATURE","TI","Decori","LISR 5X20","MATT - NATURALE","Matte/Nat/Comf/Grip",786046,"SEGNATURE FIBRA SESAMO DEC 5X20","9.000","8032842304352","69072100","UGL","PZ",{"v":8.5,"d":"8.50"},null,"Epal dim. 80x120",20,0,{"v":0.202,"d":"0.20"},{"v":8,"d":"8.00"},135,27.270000000000003,1110,{"$nulls":7},"COLORE"]
["CEDIT","SEGNATURE","TI","Decori","LISR 5X20","MATT - NATURALE","Matte/Nat/Comf/Grip",786047,"SEGNATURE FIBRA LAGO DEC 5X20","9.000","8032842304369","69072100","UGL","PZ",{"v":8.5,"d":"8.50"},null,"Epal dim. 80x120",20,0,{"v":0.202,"d":"0.20"},{"v":8,"d":"8.00"},135,27.270000000000003,1110,{"$nulls":7},"COLORE"]
["CEDIT","SEGNATURE","TI","Decori","LISR 5X20","MATT - NATURALE","Matte/Nat/Comf/Grip",786048,"SEGNATURE FIBRA CEDRO ROSA DEC 5X20","9.000","8032842304376","69072100","UGL","PZ",{"v":8.5,"d":"8.50"},null,"Epal dim. 80x120",20,0,{"v":0.202,"d":"0.20"},{"v":8,"d":"8.00"},135,27.270000000000003,1110,{"$nulls":7},"COLORE"]
["CEDIT","SEGNATURE","TI","Decori","LISR 5X20","MATT - NATURALE","Matte/Nat/Comf/Grip",786049,"SEGNATURE FIBRA CARDO DEC 5X20","9.000","8032842304383","69072100","UGL","PZ",{"v":8.5,"d":"8.50"},null,"Epal dim. 80x120",20,0,{"v":0.202,"d":"0.20"},{"v":8,"d":"8.00"},135,27.270000000000003,1110,{"$nulls":7},"COLORE"]
["CEDIT","SEGNATURE","TI","Decori","LISR 5X20","MATT - NATURALE","Matte/Nat/Comf/Grip",786050,"SEGNATURE FIBRA CORTECCIA DEC 5X20","9.000","8032842304390","69072100","UGL","PZ",{"v":8.5,"d":"8.50"},null,"Epal dim. 80x120",20,0,{"v":0.202,"d":"0.20"},{"v":8,"d":"8.00"},135,27.270000000000003,1110,{"$nulls":7},"COLORE"]
["CEDIT","SEGNATURE","TI","Decori","LIST 5X10","MATT - NATURALE","Matte/Nat/Comf/Grip",786039,"SEGNATURE FIBRA PERGAMENA DEC 5X10","9.000","8032842304284","69072100","UGL","PZ",{"v":5,"d":"5.00"},null,"Epal dim. 80x120",40,0,{"v":0.202,"d":"0.20"},{"v":4,"d":"4.00"},135,27.270000000000003,570,{"$nulls":7},"COLORE"]
["CEDIT","SEGNATURE","TI","Decori","LIST 5X10","MATT - NATURALE","Matte/Nat/Comf/Grip",786040,"SEGNATURE FIBRA SESAMO DEC 5X10","9.000","8032842304291","69072100","UGL","PZ",{"v":5,"d":"5.00"},null,"Epal dim. 80x120",40,0,{"v":0.202,"d":"0.20"},{"v":4,"d":"4.00"},135,27.270000000000003,570,{"$nulls":7},"COLORE"]
["CEDIT","SEGNATURE","TI","Decori","LIST 5X10","MATT - NATURALE","Matte/Nat/Comf/Grip",786041,"SEGNATURE FIBRA LAGO DEC 5X10","9.000","8032842304307","69072100","UGL","PZ",{"v":5,"d":"5.00"},null,"Epal dim. 80x120",40,0,{"v":0.202,"d":"0.20"},{"v":4,"d":"4.00"},135,27.270000000000003,570,{"$nulls":7},"COLORE"]
["CEDIT","SEGNATURE","TI","Decori","LIST 5X10","MATT - NATURALE","Matte/Nat/Comf/Grip",786042,"SEGNATURE FIBRA CEDRO ROSA DEC 5X10","9.000","8032842304314","69072100","UGL","PZ",{"v":5,"d":"5.00"},null,"Epal dim. 80x120",40,0,{"v":0.202,"d":"0.20"},{"v":4,"d":"4.00"},135,27.270000000000003,570,{"$nulls":7},"COLORE"]
["CEDIT","SEGNATURE","TI","Decori","LIST 5X10","MATT - NATURALE","Matte/Nat/Comf/Grip",786043,"SEGNATURE FIBRA CARDO DEC 5X10","9.000","8032842304321","69072100","UGL","PZ",{"v":5,"d":"5.00"},null,"Epal dim. 80x120",40,0,{"v":0.202,"d":"0.20"},{"v":4,"d":"4.00"},135,27.270000000000003,570,{"$nulls":7},"COLORE"]
["CEDIT","SEGNATURE","TI","Decori","LIST 5X10","MATT - NATURALE","Matte/Nat/Comf/Grip",786044,"SEGNATURE FIBRA CORTECCIA DEC 5X10","9.000","8032842304338","69072100","UGL","PZ",{"v":5,"d":"5.00"},null,"Epal dim. 80x120",40,0,{"v":0.202,"d":"0.20"},{"v":4,"d":"4.00"},135,27.270000000000003,570,{"$nulls":7},"COLORE"]
["CEDIT","SEGNATURE","TI","Decori","MOS 30X60","MATT - NATURALE",null,787438,"SEGNATURE MOSAICO FOGLIO PERGAMENA 30X60","9.000","8032842306424","69073000","UGL","PZ",{"v":21,"d":"21.00"},null,"Epal dim. 80x120",4,0,0.72,{"v":15,"d":"15.00"},30,21.599999999999998,480,{"$nulls":7},"COLORE"]
["CEDIT","SEGNATURE","TI","Decori","MOS 30X60","MATT - NATURALE",null,787439,"SEGNATURE MOSAICO FOGLIO SESAMO 30X60","9.000","8032842306431","69073000","UGL","PZ",{"v":21,"d":"21.00"},null,"Epal dim. 80x120",4,0,0.72,{"v":15,"d":"15.00"},30,21.599999999999998,480,{"$nulls":7},"COLORE"]
["CEDIT","SEGNATURE","TI","Decori","MOS 30X60","MATT - NATURALE",null,787440,"SEGNATURE MOSAICO FOGLIO SILICE 30X60","9.000","8032842306448","69073000","UGL","PZ",{"v":21,"d":"21.00"},null,"Epal dim. 80x120",4,0,0.72,{"v":15,"d":"15.00"},30,21.599999999999998,480,{"$nulls":7},"COLORE"]
["CEDIT","SEGNATURE","TI","Decori","MOS 30X60","MATT - NATURALE",null,787441,"SEGNATURE MOSAICO FOGLIO CORTECCIA 30X60","9.000","8032842306455","69073000","UGL","PZ",{"v":21,"d":"21.00"},null,"Epal dim. 80x120",4,0,0.72,{"v":15,"d":"15.00"},30,21.599999999999998,480,{"$nulls":7},"COLORE"]
["CEDIT","SEGNATURE","TI","Decori","MOS 30X60","MATT - NATURALE",null,787442,"SEGNATURE MOSAICO FOGLIO MIX COLD 30X60","9.000","8032842306868","69073000","UGL","PZ",{"v":21,"d":"21.00"},null,"Epal dim. 80x120",4,0,0.72,{"v":15,"d":"15.00"},30,21.599999999999998,480,{"$nulls":7},"COLORE"]
["CEDIT","SEGNATURE","TI","Decori","MOS 30X60","MATT - NATURALE",null,787443,"SEGNATURE MOSAICO FOGLIO MIX WARM 30X60","9.000","8032842306875","69073000","UGL","PZ",{"v":21,"d":"21.00"},null,"Epal dim. 80x120",4,0,0.72,{"v":15,"d":"15.00"},30,21.599999999999998,480,{"$nulls":7},"COLORE"]
["CEDIT","SEGNATURE","TI","Pezzi Speciali","BS 4,6X120","MATT - NATURALE","Matte/Nat/Comf/Grip",785707,"SEGNATURE FOGLIO PERGAMENA BS 4,6X120","9.000","8032842301931","69074000","UGL","M",{"v":18.5,"d":"18.50"},null,"Epal dim. 80x120",6,7.2,{"v":0.331,"d":"0.33"},{"v":7.2,"d":"7.20"},84,27.804000000000002,630,{"$nulls":7},"COLORE"]
["CEDIT","SEGNATURE","TI","Pezzi Speciali","BS 4,6X120","MATT - NATURALE","Matte/Nat/Comf/Grip",785708,"SEGNATURE FOGLIO SESAMO BS 4,6X120","9.000","8032842301948","69074000","UGL","M",{"v":18.5,"d":"18.50"},null,"Epal dim. 80x120",6,7.2,{"v":0.331,"d":"0.33"},{"v":7.2,"d":"7.20"},84,27.804000000000002,630,{"$nulls":7},"COLORE"]
["CEDIT","SEGNATURE","TI","Pezzi Speciali","BS 4,6X120","MATT - NATURALE","Matte/Nat/Comf/Grip",785709,"SEGNATURE FOGLIO CORTECCIA BS 4,6X120","9.000","8032842301955","69074000","UGL","M",{"v":18.5,"d":"18.50"},null,"Epal dim. 80x120",6,7.2,{"v":0.331,"d":"0.33"},{"v":7.2,"d":"7.20"},84,27.804000000000002,630,{"$nulls":7},"COLORE"]
["CEDIT","SEGNATURE","TI","Pezzi Speciali","BS 4,6X120","MATT - NATURALE","Matte/Nat/Comf/Grip",785710,"SEGNATURE FOGLIO SILICE BS 4,6X120","9.000","8032842301962","69074000","UGL","M",{"v":18.5,"d":"18.50"},null,"Epal dim. 80x120",6,7.2,{"v":0.331,"d":"0.33"},{"v":7.2,"d":"7.20"},84,27.804000000000002,630,{"$nulls":7},"COLORE"]
["CEDIT","SEGNATURE","TI","Pezzi Speciali","GR 33X120X3","MATT - NATURALE","Matte/Nat/Comf/Grip",785711,"SEGNATURE FOGLIO PERGAMENA GR 33X120","9.000","8032842301979","69074000","UGL","PZ",{"v":207,"d":"207.00"},null,"Epal dim. 80x120",2,0,{"v":0.792,"d":"0.79"},{"v":20,"d":"20.00"},16,12.672,350,{"$nulls":7},"COLORE"]
["CEDIT","SEGNATURE","TI","Pezzi Speciali","GR 33X120X3","MATT - NATURALE","Matte/Nat/Comf/Grip",785712,"SEGNATURE FOGLIO SESAMO GR 33X120","9.000","8032842301986","69074000","UGL","PZ",{"v":207,"d":"207.00"},null,"Epal dim. 80x120",2,0,{"v":0.792,"d":"0.79"},{"v":20,"d":"20.00"},16,12.672,350,{"$nulls":7},"COLORE"]
["CEDIT","SEGNATURE","TI","Pezzi Speciali","GR 33X120X3","MATT - NATURALE","Matte/Nat/Comf/Grip",785713,"SEGNATURE FOGLIO CORTECCIA GR 33X120","9.000","8032842301993","69074000","UGL","PZ",{"v":207,"d":"207.00"},null,"Epal dim. 80x120",2,0,{"v":0.792,"d":"0.79"},{"v":20,"d":"20.00"},16,12.672,350,{"$nulls":7},"COLORE"]
["CEDIT","SEGNATURE","TI","Pezzi Speciali","GR 33X120X3","MATT - NATURALE","Matte/Nat/Comf/Grip",785714,"SEGNATURE FOGLIO SILICE GR 33X120","9.000","8032842302006","69074000","UGL","PZ",{"v":207,"d":"207.00"},null,"Epal dim. 80x120",2,0,{"v":0.792,"d":"0.79"},{"v":20,"d":"20.00"},16,12.672,350,{"$nulls":7},"COLORE"]
["CEDIT","PAINT","TI","Decori              ","4 LITRI","",null,754548,"PITTURA ACQUA SAT. 4 LTR",null,"8032842178588","32091000","","L",{"v":51.6,"d":"51.60"},null,"Epal dim. 80x120",4,0,{"v":0.364,"d":"0.36"},{"v":4.8,"d":"4.80"},60,21.84,310]
["CEDIT","PAINT","TI","Decori              ","4 LITRI","",null,761861,"PITTURA ALICE SAT. 4 LTR",null,"8032842235960","32091000","","L",{"v":51.6,"d":"51.60"},null,"Epal dim. 80x120",4,0,{"v":0.184,"d":"0.18"},{"v":4.8,"d":"4.80"},60,11.04,310]
["CEDIT","PAINT","TI","Decori              ","4 LITRI","",null,754544,"PITTURA ANTRACITE SAT. 4 LTR",null,"8032842178540","32091000","","L",{"v":51.6,"d":"51.60"},null,"Epal dim. 80x120",4,0,{"v":0.364,"d":"0.36"},{"v":4.8,"d":"4.80"},60,21.84,310]
["CEDIT","PAINT","TI","Decori              ","4 LITRI","",null,754556,"PITTURA ARANCIONE SAT. 4 LTR",null,"8032842178663","32091000","","L",{"v":51.6,"d":"51.60"},null,"Epal dim. 80x120",4,0,{"v":0.364,"d":"0.36"},{"v":4.8,"d":"4.80"},60,21.84,310]
["CEDIT","PAINT","TI","Decori              ","4 LITRI","",null,754552,"PITTURA AZZURRO SAT. 4 LTR",null,"8032842178625","32091000","","L",{"v":51.6,"d":"51.60"},null,"Epal dim. 80x120",4,0,{"v":0.364,"d":"0.36"},{"v":4.8,"d":"4.80"},60,21.84,310]
["CEDIT","PAINT","TI","Decori              ","4 LITRI","",null,754541,"PITTURA BEIGE SAT. 4 LTR",null,"8032842178519","32091000","","L",{"v":51.6,"d":"51.60"},null,"Epal dim. 80x120",4,0,{"v":0.364,"d":"0.36"},{"v":4.8,"d":"4.80"},60,21.84,310]
["CEDIT","PAINT","TI","Decori              ","4 LITRI","",null,757930,"PITTURA BLU NOTTE SAT. 4 LTR",null,"8032842193352","32091000","","L",{"v":51.6,"d":"51.60"},null,"Epal dim. 80x120",4,0,0.36,{"v":4.8,"d":"4.80"},60,21.6,310]
["CEDIT","PAINT","TI","Decori              ","4 LITRI","",null,754536,"PITTURA BLU SAT. 4 LTR",null,"8032842178465","32091000","","L",{"v":51.6,"d":"51.60"},null,"Epal dim. 80x120",4,0,{"v":0.364,"d":"0.36"},{"v":4.8,"d":"4.80"},60,21.84,310]
["CEDIT","PAINT","TI","Decori              ","4 LITRI","",null,754540,"PITTURA CIPRIA SAT. 4 LTR",null,"8032842178502","32091000","","L",{"v":51.6,"d":"51.60"},null,"Epal dim. 80x120",4,0,{"v":0.364,"d":"0.36"},{"v":4.8,"d":"4.80"},60,21.84,310]
["CEDIT","PAINT","TI","Decori              ","4 LITRI","",null,754543,"PITTURA FANGO SAT. 4 LTR",null,"8032842178533","32091000","","L",{"v":51.6,"d":"51.60"},null,"Epal dim. 80x120",4,0,{"v":0.364,"d":"0.36"},{"v":4.8,"d":"4.80"},60,21.84,310]
["CEDIT","PAINT","TI","Decori              ","4 LITRI","",null,757931,"PITTURA FELCE SAT. 4 LTR",null,"8032842193345","32091000","","L",{"v":51.6,"d":"51.60"},null,"Epal dim. 80x120",4,0,0.36,{"v":4.8,"d":"4.80"},60,21.6,310]
["CEDIT","PAINT","TI","Decori              ","4 LITRI","",null,761862,"PITTURA FULVO SAT. 4 LTR",null,"8032842235977","32091000","","L",{"v":51.6,"d":"51.60"},null,"Epal dim. 80x120",4,0,{"v":0.184,"d":"0.18"},{"v":4.8,"d":"4.80"},60,11.04,310]
["CEDIT","PAINT","TI","Decori              ","4 LITRI","",null,754537,"PITTURA FUMO SAT. 4 LTR",null,"8032842178472","32091000","","L",{"v":51.6,"d":"51.60"},null,"Epal dim. 80x120",4,0,{"v":0.364,"d":"0.36"},{"v":4.8,"d":"4.80"},60,21.84,310]
["CEDIT","PAINT","TI","Decori              ","4 LITRI","",null,754538,"PITTURA GHIACCIO SAT. 4 LTR",null,"8032842178489","32091000","","L",{"v":51.6,"d":"51.60"},null,"Epal dim. 80x120",4,0,{"v":0.364,"d":"0.36"},{"v":4.8,"d":"4.80"},60,21.84,310]
["CEDIT","PAINT","TI","Decori              ","4 LITRI","",null,754554,"PITTURA GREIGE SAT. 4 LTR",null,"8032842178649","32091000","","L",{"v":51.6,"d":"51.60"},null,"Epal dim. 80x120",4,0,{"v":0.364,"d":"0.36"},{"v":4.8,"d":"4.80"},60,21.84,310]
["CEDIT","PAINT","TI","Decori              ","4 LITRI","",null,754545,"PITTURA GRIGIO SAT. 4 LTR",null,"8032842178557","32091000","","L",{"v":51.6,"d":"51.60"},null,"Epal dim. 80x120",4,0,{"v":0.364,"d":"0.36"},{"v":4.8,"d":"4.80"},60,21.84,310]
["CEDIT","PAINT","TI","Decori              ","4 LITRI","",null,754551,"PITTURA MARRONE SAT. 4 LTR",null,"8032842178618","32091000","","L",{"v":51.6,"d":"51.60"},null,"Epal dim. 80x120",4,0,{"v":0.364,"d":"0.36"},{"v":4.8,"d":"4.80"},60,21.84,310]
["CEDIT","PAINT","TI","Decori              ","4 LITRI","",null,754559,"PITTURA MARRONE SAT. 4 LTR",null,"8032842178694","32091000","","L",{"v":51.6,"d":"51.60"},null,"Epal dim. 80x120",4,0,{"v":0.364,"d":"0.36"},{"v":4.8,"d":"4.80"},60,21.84,310]
["CEDIT","PAINT","TI","Decori              ","4 LITRI","",null,754539,"PITTURA MATTONE SAT. 4 LTR",null,"8032842178496","32091000","","L",{"v":51.6,"d":"51.60"},null,"Epal dim. 80x120",4,0,{"v":0.364,"d":"0.36"},{"v":4.8,"d":"4.80"},60,21.84,310]
["CEDIT","PAINT","TI","Decori              ","4 LITRI","",null,761860,"PITTURA MUSCHIO SAT. 4 LTR",null,"8032842235953","32091000","","L",{"v":51.6,"d":"51.60"},null,"Epal dim. 80x120",4,0,{"v":0.184,"d":"0.18"},{"v":4.8,"d":"4.80"},60,11.04,310]
["CEDIT","PAINT","TI","Decori              ","4 LITRI","",null,754557,"PITTURA NEBBIA SAT. 4 LTR",null,"8032842178670","32091000","","L",{"v":51.6,"d":"51.60"},null,"Epal dim. 80x120",4,0,{"v":0.364,"d":"0.36"},{"v":4.8,"d":"4.80"},60,21.84,310]
["CEDIT","PAINT","TI","Decori              ","4 LITRI","",null,754535,"PITTURA OCRA SAT. 4 LTR",null,"8032842178458","32091000","","L",{"v":51.6,"d":"51.60"},null,"Epal dim. 80x120",4,0,{"v":0.364,"d":"0.36"},{"v":4.8,"d":"4.80"},60,21.84,310]
["CEDIT","PAINT","TI","Decori              ","4 LITRI","",null,757933,"PITTURA ORCHIDEA SAT. 4 LTR",null,"8032842193321","32091000","","L",{"v":51.6,"d":"51.60"},null,"Epal dim. 80x120",4,0,0.36,{"v":4.8,"d":"4.80"},60,21.6,310]
["CEDIT","PAINT","TI","Decori              ","4 LITRI","",null,754553,"PITTURA PANNA SAT. 4 LTR",null,"8032842178632","32091000","","L",{"v":51.6,"d":"51.60"},null,"Epal dim. 80x120",4,0,{"v":0.364,"d":"0.36"},{"v":4.8,"d":"4.80"},60,21.84,310]
["CEDIT","PAINT","TI","Decori              ","4 LITRI","",null,754550,"PITTURA POLVERE SAT. 4 LTR",null,"8032842178601","32091000","","L",{"v":51.6,"d":"51.60"},null,"Epal dim. 80x120",4,0,{"v":0.364,"d":"0.36"},{"v":4.8,"d":"4.80"},60,21.84,310]
["CEDIT","PAINT","TI","Decori              ","4 LITRI","",null,769525,"PITTURA PRUGNA SAT. 4 LTR",null,"","32091000","","L",{"v":51.6,"d":"51.60"},null,"Epal dim. 80x120",4,0,1.08,{"v":4.8,"d":"4.80"},60,64.8,310]
["CEDIT","PAINT","TI","Decori              ","4 LITRI","",null,754547,"PITTURA RAME SAT. 4 LTR",null,"8032842178571","32091000","","L",{"v":51.6,"d":"51.60"},null,"Epal dim. 80x120",4,0,{"v":0.364,"d":"0.36"},{"v":4.8,"d":"4.80"},60,21.84,310]
["CEDIT","PAINT","TI","Decori              ","4 LITRI","",null,757932,"PITTURA ROSA SAT. 4 LTR",null,"8032842193338","32091000","","L",{"v":51.6,"d":"51.60"},null,"Epal dim. 80x120",4,0,0.36,{"v":4.8,"d":"4.80"},60,21.6,310]
["CEDIT","PAINT","TI","Decori              ","4 LITRI","",null,754549,"PITTURA SABBIA SAT. 4 LTR",null,"8032842178595","32091000","","L",{"v":51.6,"d":"51.60"},null,"Epal dim. 80x120",4,0,{"v":0.364,"d":"0.36"},{"v":4.8,"d":"4.80"},60,21.84,310]
["CEDIT","PAINT","TI","Decori              ","4 LITRI","",null,761859,"PITTURA SASSO SAT. 4 LTR",null,"8032842235946","32091000","","L",{"v":51.6,"d":"51.60"},null,"Epal dim. 80x120",4,0,{"v":0.184,"d":"0.18"},{"v":4.8,"d":"4.80"},60,11.04,310]
["CEDIT","PAINT","TI","Decori              ","4 LITRI","",null,754542,"PITTURA TORTORA SAT. 4 LTR",null,"8032842178526","32091000","","L",{"v":51.6,"d":"51.60"},null,"Epal dim. 80x120",4,0,{"v":0.364,"d":"0.36"},{"v":4.8,"d":"4.80"},60,21.84,310]
["CEDIT","PAINT","TI","Decori              ","4 LITRI","",null,754555,"PITTURA VERDE SAT. 4 LTR",null,"8032842178656","32091000","","L",{"v":51.6,"d":"51.60"},null,"Epal dim. 80x120",4,0,{"v":0.364,"d":"0.36"},{"v":4.8,"d":"4.80"},60,21.84,310]
["CEDIT","PAINT","TI","Decori              ","4 LITRI","",null,754546,"STORIE PITTURA GIALLO SAT. 4 LTR",null,"8032842178564","32091000","","L",{"v":51.6,"d":"51.60"},null,"Epal dim. 80x120",4,0,{"v":0.364,"d":"0.36"},{"v":4.8,"d":"4.80"},60,21.84,310]
["CEDIT","PITTURA CEDIT","TI","Decori              ","4 LITRI","",null,764343,"PITTURA CEDIT MANDORLA SAT. 4 LTR",null,"8032842235991","32091000","","L",{"v":51.6,"d":"51.60"},null,"Epal dim. 80x120",4,0,{"v":0.148,"d":"0.15"},{"v":4.8,"d":"4.80"},60,8.88,310]
["CEDIT","PITTURA CEDIT","TI","Decori              ","4 LITRI","",null,764341,"PITTURA CEDIT ZAFFIRO SAT. 4 LTR",null,"8032842235984","32091000","","L",{"v":51.6,"d":"51.60"},null,"Epal dim. 80x120",4,0,{"v":0.148,"d":"0.15"},{"v":4.8,"d":"4.80"},60,8.88,310]
["CEDIT","PAINT","TI","Decori              ","4 LITRI","",null,778010,"PITTURA CASTORO SAT. 4 LTR",null,"8032842274303","32091000","","L",{"v":51.6,"d":"51.60"},null,"Epal dim. 80x120",4,0,{"v":0.184,"d":"0.18"},{"v":4.8,"d":"4.80"},60,11.04,310]
[{"$nulls":14},"prezzo comprensivo di IVA"]
["CEDIT","LAPIS",null,"Accessori da arredo","12,8X13,8",null,null,760541,"LAPIS CILIEGIA 15 12,8X13,8",null,"8032842209121","69072100",null,"PZ",{"v":149.999,"d":"150.00 €"},null,"Epal dim. 80x120",1,null,null,0.35]
["CEDIT","LAPIS",null,"Accessori da arredo","12,8X13,8",null,null,760534,"LAPIS FUMO 15 12,8X13,8",null,"8032842209060","69072100",null,"PZ",{"v":149.999,"d":"150.00 €"},null,"Epal dim. 80x120",1,null,null,0.35]
["CEDIT","LAPIS",null,"Accessori da arredo","12,8X13,8",null,null,760538,"LAPIS NOTTE 15 12,8X13,8",null,"8032842209091","69072100",null,"PZ",{"v":149.999,"d":"150.00 €"},null,"Epal dim. 80x120",1,null,null,0.35]
["CEDIT","LAPIS",null,"Accessori da arredo","17X18,5",null,null,760542,"LAPIS CILIEGIA 20 17X18,5",null,"8032842209138","69072100",null,"PZ",{"v":179.9988,"d":"180.00 €"},null,"Epal dim. 80x120",1,null,null,{"v":0.7,"d":"0.70"}]
["CEDIT","LAPIS",null,"Accessori da arredo","17X18,5",null,null,760536,"LAPIS FUMO 20 17X18,5",null,"8032842209077","69072100",null,"PZ",{"v":179.9988,"d":"180.00 €"},null,"Epal dim. 80x120",1,null,null,{"v":0.7,"d":"0.70"}]
["CEDIT","LAPIS",null,"Accessori da arredo","17X18,5",null,null,760539,"LAPIS NOTTE 20 17X18,5",null,"8032842209107","69072100",null,"PZ",{"v":179.9988,"d":"180.00 €"},null,"Epal dim. 80x120",1,null,null,{"v":0.7,"d":"0.70"}]
["CEDIT","LAPIS",null,"Accessori da arredo","9,4X10,3",null,null,760540,"LAPIS CILIEGIA 11 9,4X10,3",null,"8032842209114","69072100",null,"PZ",{"v":119.9992,"d":"120.00 €"},null,"Epal dim. 80x120",1,null,null,{"v":0.2,"d":"0.20"}]
["CEDIT","LAPIS",null,"Accessori da arredo","9,4X10,3",null,null,760533,"LAPIS FUMO 11 9,4X10,3",null,"8032842209053","69139093",null,"PZ",{"v":119.9992,"d":"120.00 €"},null,"Epal dim. 80x120",1,null,null,{"v":0.2,"d":"0.20"}]
["CEDIT","LAPIS",null,"Accessori da arredo","9,4X10,3",null,null,760537,"LAPIS NOTTE 11 9,4X10,3",null,"8032842209084","69072100",null,"PZ",{"v":119.9992,"d":"120.00 €"},null,"Epal dim. 80x120",1,null,null,{"v":0.2,"d":"0.20"}]